<?xml version="1.0" encoding="UTF-8"?>
<record
    xmlns:xsi="http://www.w3.org/2001/XMLSchema-instance"
    xsi:schemaLocation="http://www.loc.gov/MARC21/slim http://www.loc.gov/standards/marcxml/schema/MARC21slim.xsd"
    xmlns="http://www.loc.gov/MARC21/slim">

  <leader>00840nas a2200241 454500</leader>
  <controlfield tag="001">27256</controlfield>
  <controlfield tag="005">20260407193507.0</controlfield>
  <controlfield tag="008">260407s1993####ag###########|||spa#d</controlfield>
  <controlfield tag="003">AR-UNSa-BCEJYS</controlfield>
  <datafield tag="040" ind1=" " ind2=" ">
    <subfield code="a">AR-UNSa-BCEJYS</subfield>
    <subfield code="b">spa</subfield>
    <subfield code="c">AR-UNSa-BCEJYS</subfield>
  </datafield>
  <datafield tag="080" ind1=" " ind2=" ">
    <subfield code="a">311.3</subfield>
    <subfield code="x">Organizaci&#xF3;n general de las estadisticas. Estad&#xED;stica oficial</subfield>
  </datafield>
  <datafield tag="245" ind1="1" ind2="0">
    <subfield code="a">Informaci&#xF3;n de prensa</subfield>
  </datafield>
  <datafield tag="022" ind1=" " ind2=" ">
    <subfield code="a">0327-7968</subfield>
  </datafield>
  <datafield tag="264" ind1=" " ind2="1">
    <subfield code="a">Buenos Aires :</subfield>
    <subfield code="b">INDEC</subfield>
    <subfield code="c">1993</subfield>
  </datafield>
  <datafield tag="310" ind1=" " ind2=" ">
    <subfield code="a">Frecuencia: Irregular</subfield>
  </datafield>
  <datafield tag="942" ind1=" " ind2=" ">
    <subfield code="c">SER</subfield>
  </datafield>
  <datafield tag="590" ind1=" " ind2=" ">
    <subfield code="a">niveau_biblio:s niveau_hierar:1</subfield>
  </datafield>
  <datafield tag="100" ind1="1" ind2=" ">
    <subfield code="a">Instituto Nacional de Estad&#xED;stica y Censos (INDEC)</subfield>
  </datafield>
  <datafield tag="650" ind1=" " ind2=" ">
    <subfield code="a">Comercio</subfield>
  </datafield>
  <datafield tag="650" ind1=" " ind2=" ">
    <subfield code="a">Datos estad&#xED;sticos</subfield>
  </datafield>
  <datafield tag="650" ind1=" " ind2=" ">
    <subfield code="a">COMERCIO EXTERIOR</subfield>
  </datafield>
  <datafield tag="856" ind1="4" ind2="1">
    <subfield code="u">https://biblioeco.unsa.edu.ar/pmb/images/revistas/Estadisticas de Productos Industriales-r13195.jpg</subfield>
    <subfield code="y">Imagen de portada</subfield>
    <subfield code="q">image/jpeg</subfield>
  </datafield>
  <datafield tag="999" ind1=" " ind2=" ">
    <subfield code="c">8621</subfield>
    <subfield code="d">8621</subfield>
  </datafield>
  <datafield tag="952" ind1=" " ind2=" ">
    <subfield code="0">0</subfield>
    <subfield code="1">0</subfield>
    <subfield code="4">0</subfield>
    <subfield code="7">0</subfield>
    <subfield code="a">BCEJYS</subfield>
    <subfield code="b">BCEJYS</subfield>
    <subfield code="c">17</subfield>
    <subfield code="d">2000-12-14</subfield>
    <subfield code="h">N&#xBA; 4386 - dic. 2000</subfield>
    <subfield code="l">0</subfield>
    <subfield code="o">H311.3 INF 4386</subfield>
    <subfield code="p">R13495</subfield>
    <subfield code="r">2026-04-10 16:08:35</subfield>
    <subfield code="w">2026-04-10</subfield>
    <subfield code="y">RN</subfield>
  </datafield>
  <datafield tag="952" ind1=" " ind2=" ">
    <subfield code="0">0</subfield>
    <subfield code="1">0</subfield>
    <subfield code="4">0</subfield>
    <subfield code="7">0</subfield>
    <subfield code="a">BCEJYS</subfield>
    <subfield code="b">BCEJYS</subfield>
    <subfield code="c">17</subfield>
    <subfield code="d">2000-12-13</subfield>
    <subfield code="h">N&#xBA; 4385 - dic. 2000</subfield>
    <subfield code="l">0</subfield>
    <subfield code="o">H311.3 INF 4385</subfield>
    <subfield code="p">R13494</subfield>
    <subfield code="r">2026-04-10 16:08:35</subfield>
    <subfield code="w">2026-04-10</subfield>
    <subfield code="y">RN</subfield>
  </datafield>
  <datafield tag="952" ind1=" " ind2=" ">
    <subfield code="0">0</subfield>
    <subfield code="1">0</subfield>
    <subfield code="4">0</subfield>
    <subfield code="7">0</subfield>
    <subfield code="a">BCEJYS</subfield>
    <subfield code="b">BCEJYS</subfield>
    <subfield code="c">17</subfield>
    <subfield code="d">2000-12-05</subfield>
    <subfield code="h">N&#xBA; 4378 - dic. 2000</subfield>
    <subfield code="l">0</subfield>
    <subfield code="o">H311.3 INF 4378</subfield>
    <subfield code="p">R13493</subfield>
    <subfield code="r">2026-04-10 16:08:35</subfield>
    <subfield code="w">2026-04-10</subfield>
    <subfield code="y">RN</subfield>
  </datafield>
  <datafield tag="952" ind1=" " ind2=" ">
    <subfield code="0">0</subfield>
    <subfield code="1">0</subfield>
    <subfield code="4">0</subfield>
    <subfield code="7">0</subfield>
    <subfield code="a">BCEJYS</subfield>
    <subfield code="b">BCEJYS</subfield>
    <subfield code="c">17</subfield>
    <subfield code="d">2000-11-30</subfield>
    <subfield code="h">N&#xBA; 4369 - nov. 2000</subfield>
    <subfield code="l">0</subfield>
    <subfield code="o">H311.3 INF 4369</subfield>
    <subfield code="p">R13492</subfield>
    <subfield code="r">2026-04-10 16:08:35</subfield>
    <subfield code="w">2026-04-10</subfield>
    <subfield code="y">RN</subfield>
  </datafield>
  <datafield tag="952" ind1=" " ind2=" ">
    <subfield code="0">0</subfield>
    <subfield code="1">0</subfield>
    <subfield code="4">0</subfield>
    <subfield code="7">0</subfield>
    <subfield code="a">BCEJYS</subfield>
    <subfield code="b">BCEJYS</subfield>
    <subfield code="c">17</subfield>
    <subfield code="d">2000-11-30</subfield>
    <subfield code="h">N&#xBA; 4368 - nov. 2000</subfield>
    <subfield code="l">0</subfield>
    <subfield code="o">H311.3 INF 4368</subfield>
    <subfield code="p">R13491</subfield>
    <subfield code="r">2026-04-10 16:08:35</subfield>
    <subfield code="w">2026-04-10</subfield>
    <subfield code="y">RN</subfield>
  </datafield>
  <datafield tag="952" ind1=" " ind2=" ">
    <subfield code="0">0</subfield>
    <subfield code="1">0</subfield>
    <subfield code="4">0</subfield>
    <subfield code="7">0</subfield>
    <subfield code="a">BCEJYS</subfield>
    <subfield code="b">BCEJYS</subfield>
    <subfield code="c">17</subfield>
    <subfield code="d">2000-11-23</subfield>
    <subfield code="h">N&#xBA; 4360 - nov. 2000</subfield>
    <subfield code="l">0</subfield>
    <subfield code="o">H311.3 INF 4360</subfield>
    <subfield code="p">R13490</subfield>
    <subfield code="r">2026-04-10 16:08:35</subfield>
    <subfield code="w">2026-04-10</subfield>
    <subfield code="y">RN</subfield>
  </datafield>
  <datafield tag="952" ind1=" " ind2=" ">
    <subfield code="0">0</subfield>
    <subfield code="1">0</subfield>
    <subfield code="4">0</subfield>
    <subfield code="7">0</subfield>
    <subfield code="a">BCEJYS</subfield>
    <subfield code="b">BCEJYS</subfield>
    <subfield code="c">17</subfield>
    <subfield code="d">2000-11-22</subfield>
    <subfield code="h">N&#xBA; 4358 - nov. 2000</subfield>
    <subfield code="l">0</subfield>
    <subfield code="o">H311.3 INF 4358</subfield>
    <subfield code="p">R13489</subfield>
    <subfield code="r">2026-04-10 16:08:35</subfield>
    <subfield code="w">2026-04-10</subfield>
    <subfield code="y">RN</subfield>
  </datafield>
  <datafield tag="952" ind1=" " ind2=" ">
    <subfield code="0">0</subfield>
    <subfield code="1">0</subfield>
    <subfield code="4">0</subfield>
    <subfield code="7">0</subfield>
    <subfield code="a">BCEJYS</subfield>
    <subfield code="b">BCEJYS</subfield>
    <subfield code="c">17</subfield>
    <subfield code="d">2000-11-02</subfield>
    <subfield code="h">N&#xBA; 4336 - nov. 2000</subfield>
    <subfield code="l">0</subfield>
    <subfield code="o">H311.3 INF 4336</subfield>
    <subfield code="p">R13488</subfield>
    <subfield code="r">2026-04-10 16:08:35</subfield>
    <subfield code="w">2026-04-10</subfield>
    <subfield code="y">RN</subfield>
  </datafield>
  <datafield tag="952" ind1=" " ind2=" ">
    <subfield code="0">0</subfield>
    <subfield code="1">0</subfield>
    <subfield code="4">0</subfield>
    <subfield code="7">0</subfield>
    <subfield code="a">BCEJYS</subfield>
    <subfield code="b">BCEJYS</subfield>
    <subfield code="c">17</subfield>
    <subfield code="d">2000-10-31</subfield>
    <subfield code="h">N&#xBA; 4331 - oct. 2000</subfield>
    <subfield code="l">0</subfield>
    <subfield code="o">H311.3 INF 4331</subfield>
    <subfield code="p">R13487</subfield>
    <subfield code="r">2026-04-10 16:08:35</subfield>
    <subfield code="w">2026-04-10</subfield>
    <subfield code="y">RN</subfield>
  </datafield>
  <datafield tag="952" ind1=" " ind2=" ">
    <subfield code="0">0</subfield>
    <subfield code="1">0</subfield>
    <subfield code="4">0</subfield>
    <subfield code="7">0</subfield>
    <subfield code="a">BCEJYS</subfield>
    <subfield code="b">BCEJYS</subfield>
    <subfield code="c">17</subfield>
    <subfield code="d">2000-10-25</subfield>
    <subfield code="h">N&#xBA; 4323 - oct. 2000</subfield>
    <subfield code="l">0</subfield>
    <subfield code="o">H311.3 INF 4323</subfield>
    <subfield code="p">R13486</subfield>
    <subfield code="r">2026-04-10 16:08:35</subfield>
    <subfield code="w">2026-04-10</subfield>
    <subfield code="y">RN</subfield>
  </datafield>
  <datafield tag="952" ind1=" " ind2=" ">
    <subfield code="0">0</subfield>
    <subfield code="1">0</subfield>
    <subfield code="4">0</subfield>
    <subfield code="7">0</subfield>
    <subfield code="a">BCEJYS</subfield>
    <subfield code="b">BCEJYS</subfield>
    <subfield code="c">17</subfield>
    <subfield code="d">2000-10-24</subfield>
    <subfield code="h">N&#xBA; 4322 - oct. 2000</subfield>
    <subfield code="l">0</subfield>
    <subfield code="o">H311.3 INF 4322</subfield>
    <subfield code="p">R13485</subfield>
    <subfield code="r">2026-04-10 16:08:35</subfield>
    <subfield code="w">2026-04-10</subfield>
    <subfield code="y">RN</subfield>
  </datafield>
  <datafield tag="952" ind1=" " ind2=" ">
    <subfield code="0">0</subfield>
    <subfield code="1">0</subfield>
    <subfield code="4">0</subfield>
    <subfield code="7">0</subfield>
    <subfield code="a">BCEJYS</subfield>
    <subfield code="b">BCEJYS</subfield>
    <subfield code="c">17</subfield>
    <subfield code="d">2000-10-23</subfield>
    <subfield code="h">N&#xBA; 4320 - oct. 2000</subfield>
    <subfield code="l">0</subfield>
    <subfield code="o">H311.3 INF 4320</subfield>
    <subfield code="p">R13484</subfield>
    <subfield code="r">2026-04-10 16:08:35</subfield>
    <subfield code="w">2026-04-10</subfield>
    <subfield code="y">RN</subfield>
  </datafield>
  <datafield tag="952" ind1=" " ind2=" ">
    <subfield code="0">0</subfield>
    <subfield code="1">0</subfield>
    <subfield code="4">0</subfield>
    <subfield code="7">0</subfield>
    <subfield code="a">BCEJYS</subfield>
    <subfield code="b">BCEJYS</subfield>
    <subfield code="c">17</subfield>
    <subfield code="d">2000-10-03</subfield>
    <subfield code="h">N&#xBA; 4299 - oct. 2000</subfield>
    <subfield code="l">0</subfield>
    <subfield code="o">H311.3 INF 4299</subfield>
    <subfield code="p">R13483</subfield>
    <subfield code="r">2026-04-10 16:08:35</subfield>
    <subfield code="w">2026-04-10</subfield>
    <subfield code="y">RN</subfield>
  </datafield>
  <datafield tag="952" ind1=" " ind2=" ">
    <subfield code="0">0</subfield>
    <subfield code="1">0</subfield>
    <subfield code="4">0</subfield>
    <subfield code="7">0</subfield>
    <subfield code="a">BCEJYS</subfield>
    <subfield code="b">BCEJYS</subfield>
    <subfield code="c">17</subfield>
    <subfield code="d">2000-09-29</subfield>
    <subfield code="h">N&#xBA; 4293 - sep. 2000</subfield>
    <subfield code="l">0</subfield>
    <subfield code="o">H311.3 INF 4293</subfield>
    <subfield code="p">R13482</subfield>
    <subfield code="r">2026-04-10 16:08:35</subfield>
    <subfield code="w">2026-04-10</subfield>
    <subfield code="y">RN</subfield>
  </datafield>
  <datafield tag="952" ind1=" " ind2=" ">
    <subfield code="0">0</subfield>
    <subfield code="1">0</subfield>
    <subfield code="4">0</subfield>
    <subfield code="7">0</subfield>
    <subfield code="a">BCEJYS</subfield>
    <subfield code="b">BCEJYS</subfield>
    <subfield code="c">17</subfield>
    <subfield code="d">2000-09-26</subfield>
    <subfield code="h">N&#xBA; 4288 - sep. 2000</subfield>
    <subfield code="l">0</subfield>
    <subfield code="o">H311.3 INF 4288</subfield>
    <subfield code="p">R13481</subfield>
    <subfield code="r">2026-04-10 16:08:35</subfield>
    <subfield code="w">2026-04-10</subfield>
    <subfield code="y">RN</subfield>
  </datafield>
  <datafield tag="952" ind1=" " ind2=" ">
    <subfield code="0">0</subfield>
    <subfield code="1">0</subfield>
    <subfield code="4">0</subfield>
    <subfield code="7">0</subfield>
    <subfield code="a">BCEJYS</subfield>
    <subfield code="b">BCEJYS</subfield>
    <subfield code="c">17</subfield>
    <subfield code="d">2000-09-25</subfield>
    <subfield code="h">N&#xBA; 4284 - sep. 2000</subfield>
    <subfield code="l">0</subfield>
    <subfield code="o">H311.3 INF 4284</subfield>
    <subfield code="p">R13480</subfield>
    <subfield code="r">2026-04-10 16:08:35</subfield>
    <subfield code="w">2026-04-10</subfield>
    <subfield code="y">RN</subfield>
  </datafield>
  <datafield tag="952" ind1=" " ind2=" ">
    <subfield code="0">0</subfield>
    <subfield code="1">0</subfield>
    <subfield code="4">0</subfield>
    <subfield code="7">0</subfield>
    <subfield code="a">BCEJYS</subfield>
    <subfield code="b">BCEJYS</subfield>
    <subfield code="c">17</subfield>
    <subfield code="d">2000-09-05</subfield>
    <subfield code="h">N&#xBA; 4266 - sep. 2000</subfield>
    <subfield code="l">0</subfield>
    <subfield code="o">H311.3 INF 4266</subfield>
    <subfield code="p">R13479</subfield>
    <subfield code="r">2026-04-10 16:08:35</subfield>
    <subfield code="w">2026-04-10</subfield>
    <subfield code="y">RN</subfield>
  </datafield>
  <datafield tag="952" ind1=" " ind2=" ">
    <subfield code="0">0</subfield>
    <subfield code="1">0</subfield>
    <subfield code="4">0</subfield>
    <subfield code="7">0</subfield>
    <subfield code="a">BCEJYS</subfield>
    <subfield code="b">BCEJYS</subfield>
    <subfield code="c">17</subfield>
    <subfield code="d">2000-09-04</subfield>
    <subfield code="h">N&#xBA; 4265 - sep. 2000</subfield>
    <subfield code="l">0</subfield>
    <subfield code="o">H311.3 INF 4265</subfield>
    <subfield code="p">R13478</subfield>
    <subfield code="r">2026-04-10 16:08:35</subfield>
    <subfield code="w">2026-04-10</subfield>
    <subfield code="y">RN</subfield>
  </datafield>
  <datafield tag="952" ind1=" " ind2=" ">
    <subfield code="0">0</subfield>
    <subfield code="1">0</subfield>
    <subfield code="4">0</subfield>
    <subfield code="7">0</subfield>
    <subfield code="a">BCEJYS</subfield>
    <subfield code="b">BCEJYS</subfield>
    <subfield code="c">17</subfield>
    <subfield code="d">2000-08-31</subfield>
    <subfield code="h">N&#xBA; 4260 - ago. 2000</subfield>
    <subfield code="l">0</subfield>
    <subfield code="o">H311.3 INF 4260</subfield>
    <subfield code="p">R13477</subfield>
    <subfield code="r">2026-04-10 16:08:35</subfield>
    <subfield code="w">2026-04-10</subfield>
    <subfield code="y">RN</subfield>
  </datafield>
  <datafield tag="952" ind1=" " ind2=" ">
    <subfield code="0">0</subfield>
    <subfield code="1">0</subfield>
    <subfield code="4">0</subfield>
    <subfield code="7">0</subfield>
    <subfield code="a">BCEJYS</subfield>
    <subfield code="b">BCEJYS</subfield>
    <subfield code="c">17</subfield>
    <subfield code="d">2000-08-31</subfield>
    <subfield code="h">N&#xBA; 4259 - ago. 2000</subfield>
    <subfield code="l">0</subfield>
    <subfield code="o">H311.3 INF 4259</subfield>
    <subfield code="p">R13476</subfield>
    <subfield code="r">2026-04-10 16:08:35</subfield>
    <subfield code="w">2026-04-10</subfield>
    <subfield code="y">RN</subfield>
  </datafield>
  <datafield tag="952" ind1=" " ind2=" ">
    <subfield code="0">0</subfield>
    <subfield code="1">0</subfield>
    <subfield code="4">0</subfield>
    <subfield code="7">0</subfield>
    <subfield code="a">BCEJYS</subfield>
    <subfield code="b">BCEJYS</subfield>
    <subfield code="c">17</subfield>
    <subfield code="d">2000-08-28</subfield>
    <subfield code="h">N&#xBA; 4255 - ago. 2000</subfield>
    <subfield code="l">0</subfield>
    <subfield code="o">H311.3 INF 4255</subfield>
    <subfield code="p">R13475</subfield>
    <subfield code="r">2026-04-10 16:08:35</subfield>
    <subfield code="w">2026-04-10</subfield>
    <subfield code="y">RN</subfield>
  </datafield>
  <datafield tag="952" ind1=" " ind2=" ">
    <subfield code="0">0</subfield>
    <subfield code="1">0</subfield>
    <subfield code="4">0</subfield>
    <subfield code="7">0</subfield>
    <subfield code="a">BCEJYS</subfield>
    <subfield code="b">BCEJYS</subfield>
    <subfield code="c">17</subfield>
    <subfield code="d">2000-08-24</subfield>
    <subfield code="h">N&#xBA; 4250 - ago. 2000</subfield>
    <subfield code="l">0</subfield>
    <subfield code="o">H311.3 INF 4250</subfield>
    <subfield code="p">R13474</subfield>
    <subfield code="r">2026-04-10 16:08:35</subfield>
    <subfield code="w">2026-04-10</subfield>
    <subfield code="y">RN</subfield>
  </datafield>
  <datafield tag="952" ind1=" " ind2=" ">
    <subfield code="0">0</subfield>
    <subfield code="1">0</subfield>
    <subfield code="4">0</subfield>
    <subfield code="7">0</subfield>
    <subfield code="a">BCEJYS</subfield>
    <subfield code="b">BCEJYS</subfield>
    <subfield code="c">17</subfield>
    <subfield code="d">2000-08-24</subfield>
    <subfield code="h">N&#xBA; 4249 - ago. 2000</subfield>
    <subfield code="l">0</subfield>
    <subfield code="o">H311.3 INF 4249</subfield>
    <subfield code="p">R13473</subfield>
    <subfield code="r">2026-04-10 16:08:35</subfield>
    <subfield code="w">2026-04-10</subfield>
    <subfield code="y">RN</subfield>
  </datafield>
  <datafield tag="952" ind1=" " ind2=" ">
    <subfield code="0">0</subfield>
    <subfield code="1">0</subfield>
    <subfield code="4">0</subfield>
    <subfield code="7">0</subfield>
    <subfield code="a">BCEJYS</subfield>
    <subfield code="b">BCEJYS</subfield>
    <subfield code="c">17</subfield>
    <subfield code="d">2000-08-23</subfield>
    <subfield code="h">N&#xBA; 4246 - ago. 2000</subfield>
    <subfield code="l">0</subfield>
    <subfield code="o">H311.3 INF 4246</subfield>
    <subfield code="p">R13472</subfield>
    <subfield code="r">2026-04-10 16:08:35</subfield>
    <subfield code="w">2026-04-10</subfield>
    <subfield code="y">RN</subfield>
  </datafield>
  <datafield tag="952" ind1=" " ind2=" ">
    <subfield code="0">0</subfield>
    <subfield code="1">0</subfield>
    <subfield code="4">0</subfield>
    <subfield code="7">0</subfield>
    <subfield code="a">BCEJYS</subfield>
    <subfield code="b">BCEJYS</subfield>
    <subfield code="c">17</subfield>
    <subfield code="d">2000-08-02</subfield>
    <subfield code="h">N&#xBA; 4227 - ago. 2000</subfield>
    <subfield code="l">0</subfield>
    <subfield code="o">H311.3 INF 4227</subfield>
    <subfield code="p">R13471</subfield>
    <subfield code="r">2026-04-10 16:08:35</subfield>
    <subfield code="w">2026-04-10</subfield>
    <subfield code="y">RN</subfield>
  </datafield>
  <datafield tag="952" ind1=" " ind2=" ">
    <subfield code="0">0</subfield>
    <subfield code="1">0</subfield>
    <subfield code="4">0</subfield>
    <subfield code="7">0</subfield>
    <subfield code="a">BCEJYS</subfield>
    <subfield code="b">BCEJYS</subfield>
    <subfield code="c">17</subfield>
    <subfield code="d">2000-07-31</subfield>
    <subfield code="h">N&#xBA; 4224 - jul. 2000</subfield>
    <subfield code="l">0</subfield>
    <subfield code="o">H311.3 INF 4224</subfield>
    <subfield code="p">R13470</subfield>
    <subfield code="r">2026-04-10 16:08:35</subfield>
    <subfield code="w">2026-04-10</subfield>
    <subfield code="y">RN</subfield>
  </datafield>
  <datafield tag="952" ind1=" " ind2=" ">
    <subfield code="0">0</subfield>
    <subfield code="1">0</subfield>
    <subfield code="4">0</subfield>
    <subfield code="7">0</subfield>
    <subfield code="a">BCEJYS</subfield>
    <subfield code="b">BCEJYS</subfield>
    <subfield code="c">17</subfield>
    <subfield code="d">2000-07-27</subfield>
    <subfield code="h">N&#xBA; 4222 - jul. 2000</subfield>
    <subfield code="l">0</subfield>
    <subfield code="o">H311.3 INF 4222</subfield>
    <subfield code="p">R13469</subfield>
    <subfield code="r">2026-04-10 16:08:35</subfield>
    <subfield code="w">2026-04-10</subfield>
    <subfield code="y">RN</subfield>
  </datafield>
  <datafield tag="952" ind1=" " ind2=" ">
    <subfield code="0">0</subfield>
    <subfield code="1">0</subfield>
    <subfield code="4">0</subfield>
    <subfield code="7">0</subfield>
    <subfield code="a">BCEJYS</subfield>
    <subfield code="b">BCEJYS</subfield>
    <subfield code="c">17</subfield>
    <subfield code="d">2000-07-27</subfield>
    <subfield code="h">N&#xBA; 4221 - jul. 2000</subfield>
    <subfield code="l">0</subfield>
    <subfield code="o">H311.3 INF 4221</subfield>
    <subfield code="p">R13468</subfield>
    <subfield code="r">2026-04-10 16:08:35</subfield>
    <subfield code="w">2026-04-10</subfield>
    <subfield code="y">RN</subfield>
  </datafield>
  <datafield tag="952" ind1=" " ind2=" ">
    <subfield code="0">0</subfield>
    <subfield code="1">0</subfield>
    <subfield code="4">0</subfield>
    <subfield code="7">0</subfield>
    <subfield code="a">BCEJYS</subfield>
    <subfield code="b">BCEJYS</subfield>
    <subfield code="c">17</subfield>
    <subfield code="d">2000-07-26</subfield>
    <subfield code="h">N&#xBA; 4220 - jul. 2000</subfield>
    <subfield code="l">0</subfield>
    <subfield code="o">H311.3 INF 4220</subfield>
    <subfield code="p">R13467</subfield>
    <subfield code="r">2026-04-10 16:08:35</subfield>
    <subfield code="w">2026-04-10</subfield>
    <subfield code="y">RN</subfield>
  </datafield>
  <datafield tag="952" ind1=" " ind2=" ">
    <subfield code="0">0</subfield>
    <subfield code="1">0</subfield>
    <subfield code="4">0</subfield>
    <subfield code="7">0</subfield>
    <subfield code="a">BCEJYS</subfield>
    <subfield code="b">BCEJYS</subfield>
    <subfield code="c">17</subfield>
    <subfield code="d">2000-07-24</subfield>
    <subfield code="h">N&#xBA; 4218 - jul. 2000</subfield>
    <subfield code="l">0</subfield>
    <subfield code="o">H311.3 INF 4218</subfield>
    <subfield code="p">R13466</subfield>
    <subfield code="r">2026-04-10 16:08:35</subfield>
    <subfield code="w">2026-04-10</subfield>
    <subfield code="y">RN</subfield>
  </datafield>
  <datafield tag="952" ind1=" " ind2=" ">
    <subfield code="0">0</subfield>
    <subfield code="1">0</subfield>
    <subfield code="4">0</subfield>
    <subfield code="7">0</subfield>
    <subfield code="a">BCEJYS</subfield>
    <subfield code="b">BCEJYS</subfield>
    <subfield code="c">17</subfield>
    <subfield code="d">2000-07-24</subfield>
    <subfield code="h">N&#xBA; 4217 - jul. 2000</subfield>
    <subfield code="l">0</subfield>
    <subfield code="o">H311.3 INF 4217</subfield>
    <subfield code="p">R13465</subfield>
    <subfield code="r">2026-04-10 16:08:35</subfield>
    <subfield code="w">2026-04-10</subfield>
    <subfield code="y">RN</subfield>
  </datafield>
  <datafield tag="952" ind1=" " ind2=" ">
    <subfield code="0">0</subfield>
    <subfield code="1">0</subfield>
    <subfield code="4">0</subfield>
    <subfield code="7">0</subfield>
    <subfield code="a">BCEJYS</subfield>
    <subfield code="b">BCEJYS</subfield>
    <subfield code="c">17</subfield>
    <subfield code="d">2000-07-04</subfield>
    <subfield code="h">N&#xBA; 4211 - jul. 2000</subfield>
    <subfield code="l">0</subfield>
    <subfield code="o">H311.3 INF 4211</subfield>
    <subfield code="p">R13464</subfield>
    <subfield code="r">2026-04-10 16:08:36</subfield>
    <subfield code="w">2026-04-10</subfield>
    <subfield code="y">RN</subfield>
  </datafield>
  <datafield tag="952" ind1=" " ind2=" ">
    <subfield code="0">0</subfield>
    <subfield code="1">0</subfield>
    <subfield code="4">0</subfield>
    <subfield code="7">0</subfield>
    <subfield code="a">BCEJYS</subfield>
    <subfield code="b">BCEJYS</subfield>
    <subfield code="c">17</subfield>
    <subfield code="d">2000-07-04</subfield>
    <subfield code="h">N&#xBA; 4210 - jul. 2000</subfield>
    <subfield code="l">0</subfield>
    <subfield code="o">H311.3 INF 4210</subfield>
    <subfield code="p">R13463</subfield>
    <subfield code="r">2026-04-10 16:08:36</subfield>
    <subfield code="w">2026-04-10</subfield>
    <subfield code="y">RN</subfield>
  </datafield>
  <datafield tag="952" ind1=" " ind2=" ">
    <subfield code="0">0</subfield>
    <subfield code="1">0</subfield>
    <subfield code="4">0</subfield>
    <subfield code="7">0</subfield>
    <subfield code="a">BCEJYS</subfield>
    <subfield code="b">BCEJYS</subfield>
    <subfield code="c">17</subfield>
    <subfield code="d">2000-06-30</subfield>
    <subfield code="h">N&#xBA; 4207 - jun. 2000</subfield>
    <subfield code="l">0</subfield>
    <subfield code="o">H311.3 INF 4207</subfield>
    <subfield code="p">R13462</subfield>
    <subfield code="r">2026-04-10 16:08:36</subfield>
    <subfield code="w">2026-04-10</subfield>
    <subfield code="y">RN</subfield>
  </datafield>
  <datafield tag="952" ind1=" " ind2=" ">
    <subfield code="0">0</subfield>
    <subfield code="1">0</subfield>
    <subfield code="4">0</subfield>
    <subfield code="7">0</subfield>
    <subfield code="a">BCEJYS</subfield>
    <subfield code="b">BCEJYS</subfield>
    <subfield code="c">17</subfield>
    <subfield code="d">2000-06-26</subfield>
    <subfield code="h">N&#xBA; 4204 - jun. 2000</subfield>
    <subfield code="l">0</subfield>
    <subfield code="o">H311.3 INF 4204</subfield>
    <subfield code="p">R13461</subfield>
    <subfield code="r">2026-04-10 16:08:36</subfield>
    <subfield code="w">2026-04-10</subfield>
    <subfield code="y">RN</subfield>
  </datafield>
  <datafield tag="952" ind1=" " ind2=" ">
    <subfield code="0">0</subfield>
    <subfield code="1">0</subfield>
    <subfield code="4">0</subfield>
    <subfield code="7">0</subfield>
    <subfield code="a">BCEJYS</subfield>
    <subfield code="b">BCEJYS</subfield>
    <subfield code="c">17</subfield>
    <subfield code="d">2000-06-23</subfield>
    <subfield code="h">N&#xBA; 4201 - jun. 2000</subfield>
    <subfield code="l">0</subfield>
    <subfield code="o">H311.3 INF 4201</subfield>
    <subfield code="p">R13460</subfield>
    <subfield code="r">2026-04-10 16:08:36</subfield>
    <subfield code="w">2026-04-10</subfield>
    <subfield code="y">RN</subfield>
  </datafield>
  <datafield tag="952" ind1=" " ind2=" ">
    <subfield code="0">0</subfield>
    <subfield code="1">0</subfield>
    <subfield code="4">0</subfield>
    <subfield code="7">0</subfield>
    <subfield code="a">BCEJYS</subfield>
    <subfield code="b">BCEJYS</subfield>
    <subfield code="c">17</subfield>
    <subfield code="d">2000-06-22</subfield>
    <subfield code="h">N&#xBA; 4200 - jun. 2000</subfield>
    <subfield code="l">0</subfield>
    <subfield code="o">H311.3 INF 4200</subfield>
    <subfield code="p">R13459</subfield>
    <subfield code="r">2026-04-10 16:08:36</subfield>
    <subfield code="w">2026-04-10</subfield>
    <subfield code="y">RN</subfield>
  </datafield>
  <datafield tag="952" ind1=" " ind2=" ">
    <subfield code="0">0</subfield>
    <subfield code="1">0</subfield>
    <subfield code="4">0</subfield>
    <subfield code="7">0</subfield>
    <subfield code="a">BCEJYS</subfield>
    <subfield code="b">BCEJYS</subfield>
    <subfield code="c">17</subfield>
    <subfield code="d">2000-06-02</subfield>
    <subfield code="h">N&#xBA; 4191 - jun. 2000</subfield>
    <subfield code="l">0</subfield>
    <subfield code="o">H311.3 INF 4191</subfield>
    <subfield code="p">R13458</subfield>
    <subfield code="r">2026-04-10 16:08:36</subfield>
    <subfield code="w">2026-04-10</subfield>
    <subfield code="y">RN</subfield>
  </datafield>
  <datafield tag="952" ind1=" " ind2=" ">
    <subfield code="0">0</subfield>
    <subfield code="1">0</subfield>
    <subfield code="4">0</subfield>
    <subfield code="7">0</subfield>
    <subfield code="a">BCEJYS</subfield>
    <subfield code="b">BCEJYS</subfield>
    <subfield code="c">17</subfield>
    <subfield code="d">2000-06-02</subfield>
    <subfield code="h">N&#xBA; 4189 - jun. 2000</subfield>
    <subfield code="l">0</subfield>
    <subfield code="o">H311.3 INF 4189</subfield>
    <subfield code="p">R13457</subfield>
    <subfield code="r">2026-04-10 16:08:36</subfield>
    <subfield code="w">2026-04-10</subfield>
    <subfield code="y">RN</subfield>
  </datafield>
  <datafield tag="952" ind1=" " ind2=" ">
    <subfield code="0">0</subfield>
    <subfield code="1">0</subfield>
    <subfield code="4">0</subfield>
    <subfield code="7">0</subfield>
    <subfield code="a">BCEJYS</subfield>
    <subfield code="b">BCEJYS</subfield>
    <subfield code="c">17</subfield>
    <subfield code="d">2000-05-31</subfield>
    <subfield code="h">N&#xBA; 4188 - mayo 2000</subfield>
    <subfield code="l">0</subfield>
    <subfield code="o">H311.3 INF 4188</subfield>
    <subfield code="p">R13456</subfield>
    <subfield code="r">2026-04-10 16:08:36</subfield>
    <subfield code="w">2026-04-10</subfield>
    <subfield code="y">RN</subfield>
  </datafield>
  <datafield tag="952" ind1=" " ind2=" ">
    <subfield code="0">0</subfield>
    <subfield code="1">0</subfield>
    <subfield code="4">0</subfield>
    <subfield code="7">0</subfield>
    <subfield code="a">BCEJYS</subfield>
    <subfield code="b">BCEJYS</subfield>
    <subfield code="c">17</subfield>
    <subfield code="d">2000-05-30</subfield>
    <subfield code="h">N&#xBA; 4186 - mayo 2000</subfield>
    <subfield code="l">0</subfield>
    <subfield code="o">H311.3 INF 4186</subfield>
    <subfield code="p">R13455</subfield>
    <subfield code="r">2026-04-10 16:08:36</subfield>
    <subfield code="w">2026-04-10</subfield>
    <subfield code="y">RN</subfield>
  </datafield>
  <datafield tag="952" ind1=" " ind2=" ">
    <subfield code="0">0</subfield>
    <subfield code="1">0</subfield>
    <subfield code="4">0</subfield>
    <subfield code="7">0</subfield>
    <subfield code="a">BCEJYS</subfield>
    <subfield code="b">BCEJYS</subfield>
    <subfield code="c">17</subfield>
    <subfield code="d">2000-05-26</subfield>
    <subfield code="h">N&#xBA; 4182 - mayo 2000</subfield>
    <subfield code="l">0</subfield>
    <subfield code="o">H311.3 INF 4182</subfield>
    <subfield code="p">R13454</subfield>
    <subfield code="r">2026-04-10 16:08:36</subfield>
    <subfield code="w">2026-04-10</subfield>
    <subfield code="y">RN</subfield>
  </datafield>
  <datafield tag="952" ind1=" " ind2=" ">
    <subfield code="0">0</subfield>
    <subfield code="1">0</subfield>
    <subfield code="4">0</subfield>
    <subfield code="7">0</subfield>
    <subfield code="a">BCEJYS</subfield>
    <subfield code="b">BCEJYS</subfield>
    <subfield code="c">17</subfield>
    <subfield code="d">2000-05-24</subfield>
    <subfield code="h">N&#xBA; 4179 - mayo 2000</subfield>
    <subfield code="l">0</subfield>
    <subfield code="o">H311.3 INF 4179</subfield>
    <subfield code="p">R13453</subfield>
    <subfield code="r">2026-04-10 16:08:36</subfield>
    <subfield code="w">2026-04-10</subfield>
    <subfield code="y">RN</subfield>
  </datafield>
  <datafield tag="952" ind1=" " ind2=" ">
    <subfield code="0">0</subfield>
    <subfield code="1">0</subfield>
    <subfield code="4">0</subfield>
    <subfield code="7">0</subfield>
    <subfield code="a">BCEJYS</subfield>
    <subfield code="b">BCEJYS</subfield>
    <subfield code="c">17</subfield>
    <subfield code="d">2000-05-24</subfield>
    <subfield code="h">N&#xBA; 4178 - mayo 2000</subfield>
    <subfield code="l">0</subfield>
    <subfield code="o">H311.3 INF 4178</subfield>
    <subfield code="p">R13452</subfield>
    <subfield code="r">2026-04-10 16:08:36</subfield>
    <subfield code="w">2026-04-10</subfield>
    <subfield code="y">RN</subfield>
  </datafield>
  <datafield tag="952" ind1=" " ind2=" ">
    <subfield code="0">0</subfield>
    <subfield code="1">0</subfield>
    <subfield code="4">0</subfield>
    <subfield code="7">0</subfield>
    <subfield code="a">BCEJYS</subfield>
    <subfield code="b">BCEJYS</subfield>
    <subfield code="c">17</subfield>
    <subfield code="d">2000-05-23</subfield>
    <subfield code="h">N&#xBA; 4176 - mayo 2000</subfield>
    <subfield code="l">0</subfield>
    <subfield code="o">H311.3 INF 4176</subfield>
    <subfield code="p">R13449</subfield>
    <subfield code="r">2026-04-10 16:08:36</subfield>
    <subfield code="w">2026-04-10</subfield>
    <subfield code="y">RN</subfield>
  </datafield>
  <datafield tag="952" ind1=" " ind2=" ">
    <subfield code="0">0</subfield>
    <subfield code="1">0</subfield>
    <subfield code="4">0</subfield>
    <subfield code="7">0</subfield>
    <subfield code="a">BCEJYS</subfield>
    <subfield code="b">BCEJYS</subfield>
    <subfield code="c">17</subfield>
    <subfield code="d">2000-05-03</subfield>
    <subfield code="h">N&#xBA; 4154 - mayo 2000</subfield>
    <subfield code="l">0</subfield>
    <subfield code="o">H311.3 INF 4154</subfield>
    <subfield code="p">R13448</subfield>
    <subfield code="r">2026-04-10 16:08:36</subfield>
    <subfield code="w">2026-04-10</subfield>
    <subfield code="y">RN</subfield>
  </datafield>
  <datafield tag="952" ind1=" " ind2=" ">
    <subfield code="0">0</subfield>
    <subfield code="1">0</subfield>
    <subfield code="4">0</subfield>
    <subfield code="7">0</subfield>
    <subfield code="a">BCEJYS</subfield>
    <subfield code="b">BCEJYS</subfield>
    <subfield code="c">17</subfield>
    <subfield code="d">2000-05-03</subfield>
    <subfield code="h">N&#xBA; 4153 - mayo 2000</subfield>
    <subfield code="l">0</subfield>
    <subfield code="o">H311.3 INF 4153</subfield>
    <subfield code="p">R13447</subfield>
    <subfield code="r">2026-04-10 16:08:36</subfield>
    <subfield code="w">2026-04-10</subfield>
    <subfield code="y">RN</subfield>
  </datafield>
  <datafield tag="952" ind1=" " ind2=" ">
    <subfield code="0">0</subfield>
    <subfield code="1">0</subfield>
    <subfield code="4">0</subfield>
    <subfield code="7">0</subfield>
    <subfield code="a">BCEJYS</subfield>
    <subfield code="b">BCEJYS</subfield>
    <subfield code="c">17</subfield>
    <subfield code="d">2000-04-28</subfield>
    <subfield code="h">N&#xBA; 4148 - abr. 2000</subfield>
    <subfield code="l">0</subfield>
    <subfield code="o">H311.3 INF 4148</subfield>
    <subfield code="p">R13446</subfield>
    <subfield code="r">2026-04-10 16:08:36</subfield>
    <subfield code="w">2026-04-10</subfield>
    <subfield code="y">RN</subfield>
  </datafield>
  <datafield tag="952" ind1=" " ind2=" ">
    <subfield code="0">0</subfield>
    <subfield code="1">0</subfield>
    <subfield code="4">0</subfield>
    <subfield code="7">0</subfield>
    <subfield code="a">BCEJYS</subfield>
    <subfield code="b">BCEJYS</subfield>
    <subfield code="c">17</subfield>
    <subfield code="d">2000-04-27</subfield>
    <subfield code="h">N&#xBA; 4146 - abr. 2000</subfield>
    <subfield code="l">0</subfield>
    <subfield code="o">H311.3 INF 4146</subfield>
    <subfield code="p">R13445</subfield>
    <subfield code="r">2026-04-10 16:08:36</subfield>
    <subfield code="w">2026-04-10</subfield>
    <subfield code="y">RN</subfield>
  </datafield>
  <datafield tag="952" ind1=" " ind2=" ">
    <subfield code="0">0</subfield>
    <subfield code="1">0</subfield>
    <subfield code="4">0</subfield>
    <subfield code="7">0</subfield>
    <subfield code="a">BCEJYS</subfield>
    <subfield code="b">BCEJYS</subfield>
    <subfield code="c">17</subfield>
    <subfield code="d">2000-04-26</subfield>
    <subfield code="h">N&#xBA; 4144 - abr. 2000</subfield>
    <subfield code="l">0</subfield>
    <subfield code="o">H311.3 INF 4144</subfield>
    <subfield code="p">R13444</subfield>
    <subfield code="r">2026-04-10 16:08:36</subfield>
    <subfield code="w">2026-04-10</subfield>
    <subfield code="y">RN</subfield>
  </datafield>
  <datafield tag="952" ind1=" " ind2=" ">
    <subfield code="0">0</subfield>
    <subfield code="1">0</subfield>
    <subfield code="4">0</subfield>
    <subfield code="7">0</subfield>
    <subfield code="a">BCEJYS</subfield>
    <subfield code="b">BCEJYS</subfield>
    <subfield code="c">17</subfield>
    <subfield code="d">2000-04-26</subfield>
    <subfield code="h">N&#xBA; 4141 - abr. 2000</subfield>
    <subfield code="l">0</subfield>
    <subfield code="o">H311.3 INF 4141</subfield>
    <subfield code="p">R13443</subfield>
    <subfield code="r">2026-04-10 16:08:36</subfield>
    <subfield code="w">2026-04-10</subfield>
    <subfield code="y">RN</subfield>
  </datafield>
  <datafield tag="952" ind1=" " ind2=" ">
    <subfield code="0">0</subfield>
    <subfield code="1">0</subfield>
    <subfield code="4">0</subfield>
    <subfield code="7">0</subfield>
    <subfield code="a">BCEJYS</subfield>
    <subfield code="b">BCEJYS</subfield>
    <subfield code="c">17</subfield>
    <subfield code="d">2000-04-25</subfield>
    <subfield code="h">N&#xBA; 4139 - abr. 2000</subfield>
    <subfield code="l">0</subfield>
    <subfield code="o">H311.3 INF 4139</subfield>
    <subfield code="p">R13442</subfield>
    <subfield code="r">2026-04-10 16:08:36</subfield>
    <subfield code="w">2026-04-10</subfield>
    <subfield code="y">RN</subfield>
  </datafield>
  <datafield tag="952" ind1=" " ind2=" ">
    <subfield code="0">0</subfield>
    <subfield code="1">0</subfield>
    <subfield code="4">0</subfield>
    <subfield code="7">0</subfield>
    <subfield code="a">BCEJYS</subfield>
    <subfield code="b">BCEJYS</subfield>
    <subfield code="c">17</subfield>
    <subfield code="d">2000-04-25</subfield>
    <subfield code="h">N&#xBA; 4138 - abr. 2000</subfield>
    <subfield code="l">0</subfield>
    <subfield code="o">H311.3 INF 4138</subfield>
    <subfield code="p">R13441</subfield>
    <subfield code="r">2026-04-10 16:08:36</subfield>
    <subfield code="w">2026-04-10</subfield>
    <subfield code="y">RN</subfield>
  </datafield>
  <datafield tag="952" ind1=" " ind2=" ">
    <subfield code="0">0</subfield>
    <subfield code="1">0</subfield>
    <subfield code="4">0</subfield>
    <subfield code="7">0</subfield>
    <subfield code="a">BCEJYS</subfield>
    <subfield code="b">BCEJYS</subfield>
    <subfield code="c">17</subfield>
    <subfield code="d">2000-04-04</subfield>
    <subfield code="h">N&#xBA; 4134 - abr. 2000</subfield>
    <subfield code="l">0</subfield>
    <subfield code="o">H311.3 INF 4134</subfield>
    <subfield code="p">R13440</subfield>
    <subfield code="r">2026-04-10 16:08:36</subfield>
    <subfield code="w">2026-04-10</subfield>
    <subfield code="y">RN</subfield>
  </datafield>
  <datafield tag="952" ind1=" " ind2=" ">
    <subfield code="0">0</subfield>
    <subfield code="1">0</subfield>
    <subfield code="4">0</subfield>
    <subfield code="7">0</subfield>
    <subfield code="a">BCEJYS</subfield>
    <subfield code="b">BCEJYS</subfield>
    <subfield code="c">17</subfield>
    <subfield code="d">2000-04-04</subfield>
    <subfield code="h">N&#xBA; 4133 - abr. 2000</subfield>
    <subfield code="l">0</subfield>
    <subfield code="o">H311.3 INF 4133</subfield>
    <subfield code="p">R13439</subfield>
    <subfield code="r">2026-04-10 16:08:36</subfield>
    <subfield code="w">2026-04-10</subfield>
    <subfield code="y">RN</subfield>
  </datafield>
  <datafield tag="952" ind1=" " ind2=" ">
    <subfield code="0">0</subfield>
    <subfield code="1">0</subfield>
    <subfield code="4">0</subfield>
    <subfield code="7">0</subfield>
    <subfield code="a">BCEJYS</subfield>
    <subfield code="b">BCEJYS</subfield>
    <subfield code="c">17</subfield>
    <subfield code="d">2000-03-31</subfield>
    <subfield code="h">N&#xBA; 4131 - mar. 2000</subfield>
    <subfield code="l">0</subfield>
    <subfield code="o">H311.3 INF 4131</subfield>
    <subfield code="p">R13438</subfield>
    <subfield code="r">2026-04-10 16:08:36</subfield>
    <subfield code="w">2026-04-10</subfield>
    <subfield code="y">RN</subfield>
  </datafield>
  <datafield tag="952" ind1=" " ind2=" ">
    <subfield code="0">0</subfield>
    <subfield code="1">0</subfield>
    <subfield code="4">0</subfield>
    <subfield code="7">0</subfield>
    <subfield code="a">BCEJYS</subfield>
    <subfield code="b">BCEJYS</subfield>
    <subfield code="c">17</subfield>
    <subfield code="d">2000-03-28</subfield>
    <subfield code="h">N&#xBA; 4130 - mar. 2000</subfield>
    <subfield code="l">0</subfield>
    <subfield code="o">H311.3 INF 4130</subfield>
    <subfield code="p">R13437</subfield>
    <subfield code="r">2026-04-10 16:08:36</subfield>
    <subfield code="w">2026-04-10</subfield>
    <subfield code="y">RN</subfield>
  </datafield>
  <datafield tag="952" ind1=" " ind2=" ">
    <subfield code="0">0</subfield>
    <subfield code="1">0</subfield>
    <subfield code="4">0</subfield>
    <subfield code="7">0</subfield>
    <subfield code="a">BCEJYS</subfield>
    <subfield code="b">BCEJYS</subfield>
    <subfield code="c">17</subfield>
    <subfield code="d">2000-03-24</subfield>
    <subfield code="h">N&#xBA; 4125 - mar. 2000</subfield>
    <subfield code="l">0</subfield>
    <subfield code="o">H311.3 INF 4125</subfield>
    <subfield code="p">R13436</subfield>
    <subfield code="r">2026-04-10 16:08:36</subfield>
    <subfield code="w">2026-04-10</subfield>
    <subfield code="y">RN</subfield>
  </datafield>
  <datafield tag="952" ind1=" " ind2=" ">
    <subfield code="0">0</subfield>
    <subfield code="1">0</subfield>
    <subfield code="4">0</subfield>
    <subfield code="7">0</subfield>
    <subfield code="a">BCEJYS</subfield>
    <subfield code="b">BCEJYS</subfield>
    <subfield code="c">17</subfield>
    <subfield code="d">2000-03-23</subfield>
    <subfield code="h">N&#xBA; 4124 - mar. 2000</subfield>
    <subfield code="l">0</subfield>
    <subfield code="o">H311.3 INF 4124</subfield>
    <subfield code="p">R13435</subfield>
    <subfield code="r">2026-04-10 16:08:36</subfield>
    <subfield code="w">2026-04-10</subfield>
    <subfield code="y">RN</subfield>
  </datafield>
  <datafield tag="952" ind1=" " ind2=" ">
    <subfield code="0">0</subfield>
    <subfield code="1">0</subfield>
    <subfield code="4">0</subfield>
    <subfield code="7">0</subfield>
    <subfield code="a">BCEJYS</subfield>
    <subfield code="b">BCEJYS</subfield>
    <subfield code="c">17</subfield>
    <subfield code="d">2000-03-02</subfield>
    <subfield code="h">N&#xBA; 4102 - mar. 2000</subfield>
    <subfield code="l">0</subfield>
    <subfield code="o">H311.3 INF 4102</subfield>
    <subfield code="p">R13434</subfield>
    <subfield code="r">2026-04-10 16:08:36</subfield>
    <subfield code="w">2026-04-10</subfield>
    <subfield code="y">RN</subfield>
  </datafield>
  <datafield tag="952" ind1=" " ind2=" ">
    <subfield code="0">0</subfield>
    <subfield code="1">0</subfield>
    <subfield code="4">0</subfield>
    <subfield code="7">0</subfield>
    <subfield code="a">BCEJYS</subfield>
    <subfield code="b">BCEJYS</subfield>
    <subfield code="c">17</subfield>
    <subfield code="d">2000-03-02</subfield>
    <subfield code="h">N&#xBA; 4100 - mar. 2000</subfield>
    <subfield code="l">0</subfield>
    <subfield code="o">H311.3 INF 4100</subfield>
    <subfield code="p">R13433</subfield>
    <subfield code="r">2026-04-10 16:08:36</subfield>
    <subfield code="w">2026-04-10</subfield>
    <subfield code="y">RN</subfield>
  </datafield>
  <datafield tag="952" ind1=" " ind2=" ">
    <subfield code="0">0</subfield>
    <subfield code="1">0</subfield>
    <subfield code="4">0</subfield>
    <subfield code="7">0</subfield>
    <subfield code="a">BCEJYS</subfield>
    <subfield code="b">BCEJYS</subfield>
    <subfield code="c">17</subfield>
    <subfield code="d">2000-02-29</subfield>
    <subfield code="h">N&#xBA; 4097 - feb. 2000</subfield>
    <subfield code="l">0</subfield>
    <subfield code="o">H311.3 INF 4097</subfield>
    <subfield code="p">R13432</subfield>
    <subfield code="r">2026-04-10 16:08:36</subfield>
    <subfield code="w">2026-04-10</subfield>
    <subfield code="y">RN</subfield>
  </datafield>
  <datafield tag="952" ind1=" " ind2=" ">
    <subfield code="0">0</subfield>
    <subfield code="1">0</subfield>
    <subfield code="4">0</subfield>
    <subfield code="7">0</subfield>
    <subfield code="a">BCEJYS</subfield>
    <subfield code="b">BCEJYS</subfield>
    <subfield code="c">17</subfield>
    <subfield code="d">2000-02-29</subfield>
    <subfield code="h">N&#xBA; 4096 - feb. 2000</subfield>
    <subfield code="l">0</subfield>
    <subfield code="o">H311.3 INF 4096</subfield>
    <subfield code="p">R13431</subfield>
    <subfield code="r">2026-04-10 16:08:36</subfield>
    <subfield code="w">2026-04-10</subfield>
    <subfield code="y">RN</subfield>
  </datafield>
  <datafield tag="952" ind1=" " ind2=" ">
    <subfield code="0">0</subfield>
    <subfield code="1">0</subfield>
    <subfield code="4">0</subfield>
    <subfield code="7">0</subfield>
    <subfield code="a">BCEJYS</subfield>
    <subfield code="b">BCEJYS</subfield>
    <subfield code="c">17</subfield>
    <subfield code="d">2000-02-28</subfield>
    <subfield code="h">N&#xBA; 4094 - feb. 2000</subfield>
    <subfield code="l">0</subfield>
    <subfield code="o">H311.3 INF 4094</subfield>
    <subfield code="p">R13410</subfield>
    <subfield code="r">2026-04-10 16:08:36</subfield>
    <subfield code="w">2026-04-10</subfield>
    <subfield code="y">RN</subfield>
  </datafield>
  <datafield tag="952" ind1=" " ind2=" ">
    <subfield code="0">0</subfield>
    <subfield code="1">0</subfield>
    <subfield code="4">0</subfield>
    <subfield code="7">0</subfield>
    <subfield code="a">BCEJYS</subfield>
    <subfield code="b">BCEJYS</subfield>
    <subfield code="c">17</subfield>
    <subfield code="d">2000-02-25</subfield>
    <subfield code="h">N&#xBA; 4090 - feb. 2000</subfield>
    <subfield code="l">0</subfield>
    <subfield code="o">H311.3 INF 4090</subfield>
    <subfield code="p">R13409</subfield>
    <subfield code="r">2026-04-10 16:08:36</subfield>
    <subfield code="w">2026-04-10</subfield>
    <subfield code="y">RN</subfield>
  </datafield>
  <datafield tag="952" ind1=" " ind2=" ">
    <subfield code="0">0</subfield>
    <subfield code="1">0</subfield>
    <subfield code="4">0</subfield>
    <subfield code="7">0</subfield>
    <subfield code="a">BCEJYS</subfield>
    <subfield code="b">BCEJYS</subfield>
    <subfield code="c">17</subfield>
    <subfield code="d">2000-02-23</subfield>
    <subfield code="h">N&#xBA; 4087 - feb. 2000</subfield>
    <subfield code="l">0</subfield>
    <subfield code="o">H311.3 INF 4087</subfield>
    <subfield code="p">R13390</subfield>
    <subfield code="r">2026-04-10 16:08:36</subfield>
    <subfield code="w">2026-04-10</subfield>
    <subfield code="y">RN</subfield>
  </datafield>
  <datafield tag="952" ind1=" " ind2=" ">
    <subfield code="0">0</subfield>
    <subfield code="1">0</subfield>
    <subfield code="4">0</subfield>
    <subfield code="7">0</subfield>
    <subfield code="a">BCEJYS</subfield>
    <subfield code="b">BCEJYS</subfield>
    <subfield code="c">17</subfield>
    <subfield code="d">2000-02-22</subfield>
    <subfield code="h">N&#xBA; 4085 - feb. 2000</subfield>
    <subfield code="l">0</subfield>
    <subfield code="o">H311.3 INF 4085</subfield>
    <subfield code="p">R13389</subfield>
    <subfield code="r">2026-04-10 16:08:36</subfield>
    <subfield code="w">2026-04-10</subfield>
    <subfield code="y">RN</subfield>
  </datafield>
  <datafield tag="952" ind1=" " ind2=" ">
    <subfield code="0">0</subfield>
    <subfield code="1">0</subfield>
    <subfield code="4">0</subfield>
    <subfield code="7">0</subfield>
    <subfield code="a">BCEJYS</subfield>
    <subfield code="b">BCEJYS</subfield>
    <subfield code="c">17</subfield>
    <subfield code="d">2000-02-03</subfield>
    <subfield code="h">N&#xBA; 4066 - feb. 2000</subfield>
    <subfield code="l">0</subfield>
    <subfield code="o">H311.3 INF 4066</subfield>
    <subfield code="p">R13388</subfield>
    <subfield code="r">2026-04-10 16:08:36</subfield>
    <subfield code="w">2026-04-10</subfield>
    <subfield code="y">RN</subfield>
  </datafield>
  <datafield tag="952" ind1=" " ind2=" ">
    <subfield code="0">0</subfield>
    <subfield code="1">0</subfield>
    <subfield code="4">0</subfield>
    <subfield code="7">0</subfield>
    <subfield code="a">BCEJYS</subfield>
    <subfield code="b">BCEJYS</subfield>
    <subfield code="c">17</subfield>
    <subfield code="d">2000-02-02</subfield>
    <subfield code="h">N&#xBA; 4065 - feb. 2000</subfield>
    <subfield code="l">0</subfield>
    <subfield code="o">H311.3 INF 4065</subfield>
    <subfield code="p">R13387</subfield>
    <subfield code="r">2026-04-10 16:08:36</subfield>
    <subfield code="w">2026-04-10</subfield>
    <subfield code="y">RN</subfield>
  </datafield>
  <datafield tag="952" ind1=" " ind2=" ">
    <subfield code="0">0</subfield>
    <subfield code="1">0</subfield>
    <subfield code="4">0</subfield>
    <subfield code="7">0</subfield>
    <subfield code="a">BCEJYS</subfield>
    <subfield code="b">BCEJYS</subfield>
    <subfield code="c">17</subfield>
    <subfield code="d">2000-01-31</subfield>
    <subfield code="h">N&#xBA; 4061 - ene. 2000</subfield>
    <subfield code="l">0</subfield>
    <subfield code="o">H311.3 INF 4061</subfield>
    <subfield code="p">R13386</subfield>
    <subfield code="r">2026-04-10 16:08:36</subfield>
    <subfield code="w">2026-04-10</subfield>
    <subfield code="y">RN</subfield>
  </datafield>
  <datafield tag="952" ind1=" " ind2=" ">
    <subfield code="0">0</subfield>
    <subfield code="1">0</subfield>
    <subfield code="4">0</subfield>
    <subfield code="7">0</subfield>
    <subfield code="a">BCEJYS</subfield>
    <subfield code="b">BCEJYS</subfield>
    <subfield code="c">17</subfield>
    <subfield code="d">2000-01-28</subfield>
    <subfield code="h">N&#xBA; 4056 - ene. 2000</subfield>
    <subfield code="l">0</subfield>
    <subfield code="o">H311.3 INF 4056</subfield>
    <subfield code="p">R13385</subfield>
    <subfield code="r">2026-04-10 16:08:36</subfield>
    <subfield code="w">2026-04-10</subfield>
    <subfield code="y">RN</subfield>
  </datafield>
  <datafield tag="952" ind1=" " ind2=" ">
    <subfield code="0">0</subfield>
    <subfield code="1">0</subfield>
    <subfield code="4">0</subfield>
    <subfield code="7">0</subfield>
    <subfield code="a">BCEJYS</subfield>
    <subfield code="b">BCEJYS</subfield>
    <subfield code="c">17</subfield>
    <subfield code="d">2000-01-27</subfield>
    <subfield code="h">N&#xBA; 4055 - ene. 2000</subfield>
    <subfield code="l">0</subfield>
    <subfield code="o">H311.3 INF 4055</subfield>
    <subfield code="p">R13384</subfield>
    <subfield code="r">2026-04-10 16:08:36</subfield>
    <subfield code="w">2026-04-10</subfield>
    <subfield code="y">RN</subfield>
  </datafield>
  <datafield tag="952" ind1=" " ind2=" ">
    <subfield code="0">0</subfield>
    <subfield code="1">0</subfield>
    <subfield code="4">0</subfield>
    <subfield code="7">0</subfield>
    <subfield code="a">BCEJYS</subfield>
    <subfield code="b">BCEJYS</subfield>
    <subfield code="c">17</subfield>
    <subfield code="d">2000-01-25</subfield>
    <subfield code="h">N&#xBA; 4052 - ene. 2000</subfield>
    <subfield code="l">0</subfield>
    <subfield code="o">H311.3 INF 4052</subfield>
    <subfield code="p">R13383</subfield>
    <subfield code="r">2026-04-10 16:08:36</subfield>
    <subfield code="w">2026-04-10</subfield>
    <subfield code="y">RN</subfield>
  </datafield>
  <datafield tag="952" ind1=" " ind2=" ">
    <subfield code="0">0</subfield>
    <subfield code="1">0</subfield>
    <subfield code="4">0</subfield>
    <subfield code="7">0</subfield>
    <subfield code="a">BCEJYS</subfield>
    <subfield code="b">BCEJYS</subfield>
    <subfield code="c">17</subfield>
    <subfield code="d">2000-01-24</subfield>
    <subfield code="h">N&#xBA; 4050 - ene. 2000</subfield>
    <subfield code="l">0</subfield>
    <subfield code="o">H311.3 INF 4050</subfield>
    <subfield code="p">R13382</subfield>
    <subfield code="r">2026-04-10 16:08:36</subfield>
    <subfield code="w">2026-04-10</subfield>
    <subfield code="y">RN</subfield>
  </datafield>
  <datafield tag="952" ind1=" " ind2=" ">
    <subfield code="0">0</subfield>
    <subfield code="1">0</subfield>
    <subfield code="4">0</subfield>
    <subfield code="7">0</subfield>
    <subfield code="a">BCEJYS</subfield>
    <subfield code="b">BCEJYS</subfield>
    <subfield code="c">17</subfield>
    <subfield code="d">2000-01-04</subfield>
    <subfield code="h">N&#xBA; 4029 - ene. 2000</subfield>
    <subfield code="l">0</subfield>
    <subfield code="o">H311.3 INF 4029</subfield>
    <subfield code="p">R13381</subfield>
    <subfield code="r">2026-04-10 16:08:36</subfield>
    <subfield code="w">2026-04-10</subfield>
    <subfield code="y">RN</subfield>
  </datafield>
  <datafield tag="952" ind1=" " ind2=" ">
    <subfield code="0">0</subfield>
    <subfield code="1">0</subfield>
    <subfield code="4">0</subfield>
    <subfield code="7">0</subfield>
    <subfield code="a">BCEJYS</subfield>
    <subfield code="b">BCEJYS</subfield>
    <subfield code="c">17</subfield>
    <subfield code="d">2000-01-04</subfield>
    <subfield code="h">N&#xBA; 4027 - ene. 2000</subfield>
    <subfield code="l">0</subfield>
    <subfield code="o">H311.3 INF 4027</subfield>
    <subfield code="p">R13380</subfield>
    <subfield code="r">2026-04-10 16:08:36</subfield>
    <subfield code="w">2026-04-10</subfield>
    <subfield code="y">RN</subfield>
  </datafield>
  <datafield tag="952" ind1=" " ind2=" ">
    <subfield code="0">0</subfield>
    <subfield code="1">0</subfield>
    <subfield code="4">0</subfield>
    <subfield code="7">0</subfield>
    <subfield code="a">BCEJYS</subfield>
    <subfield code="b">BCEJYS</subfield>
    <subfield code="c">17</subfield>
    <subfield code="d">1999-12-29</subfield>
    <subfield code="h">N&#xBA; 4022 - dic. 1999</subfield>
    <subfield code="l">0</subfield>
    <subfield code="o">H311.3 INF 4022</subfield>
    <subfield code="p">R13379</subfield>
    <subfield code="r">2026-04-10 16:08:36</subfield>
    <subfield code="w">2026-04-10</subfield>
    <subfield code="y">RN</subfield>
  </datafield>
  <datafield tag="952" ind1=" " ind2=" ">
    <subfield code="0">0</subfield>
    <subfield code="1">0</subfield>
    <subfield code="4">0</subfield>
    <subfield code="7">0</subfield>
    <subfield code="a">BCEJYS</subfield>
    <subfield code="b">BCEJYS</subfield>
    <subfield code="c">17</subfield>
    <subfield code="d">1999-12-27</subfield>
    <subfield code="h">N&#xBA; 4016 - dic. 1999</subfield>
    <subfield code="l">0</subfield>
    <subfield code="o">H311.3 INF 4016</subfield>
    <subfield code="p">R13378</subfield>
    <subfield code="r">2026-04-10 16:08:36</subfield>
    <subfield code="w">2026-04-10</subfield>
    <subfield code="y">RN</subfield>
  </datafield>
  <datafield tag="952" ind1=" " ind2=" ">
    <subfield code="0">0</subfield>
    <subfield code="1">0</subfield>
    <subfield code="4">0</subfield>
    <subfield code="7">0</subfield>
    <subfield code="a">BCEJYS</subfield>
    <subfield code="b">BCEJYS</subfield>
    <subfield code="c">17</subfield>
    <subfield code="d">1999-12-23</subfield>
    <subfield code="h">N&#xBA; 4012 - dic. 1999</subfield>
    <subfield code="l">0</subfield>
    <subfield code="o">H311.3 INF 4012</subfield>
    <subfield code="p">R13377</subfield>
    <subfield code="r">2026-04-10 16:08:36</subfield>
    <subfield code="w">2026-04-10</subfield>
    <subfield code="y">RN</subfield>
  </datafield>
  <datafield tag="952" ind1=" " ind2=" ">
    <subfield code="0">0</subfield>
    <subfield code="1">0</subfield>
    <subfield code="4">0</subfield>
    <subfield code="7">0</subfield>
    <subfield code="a">BCEJYS</subfield>
    <subfield code="b">BCEJYS</subfield>
    <subfield code="c">17</subfield>
    <subfield code="d">1999-12-22</subfield>
    <subfield code="h">N&#xBA; 4010 - dic. 1999</subfield>
    <subfield code="l">0</subfield>
    <subfield code="o">H311.3 INF 4010</subfield>
    <subfield code="p">R13376</subfield>
    <subfield code="r">2026-04-10 16:08:36</subfield>
    <subfield code="w">2026-04-10</subfield>
    <subfield code="y">RN</subfield>
  </datafield>
  <datafield tag="952" ind1=" " ind2=" ">
    <subfield code="0">0</subfield>
    <subfield code="1">0</subfield>
    <subfield code="4">0</subfield>
    <subfield code="7">0</subfield>
    <subfield code="a">BCEJYS</subfield>
    <subfield code="b">BCEJYS</subfield>
    <subfield code="c">17</subfield>
    <subfield code="d">1999-12-16</subfield>
    <subfield code="h">N&#xBA; 4001 - dic. 1999</subfield>
    <subfield code="l">0</subfield>
    <subfield code="o">H311.3 INF 4001</subfield>
    <subfield code="p">R13375</subfield>
    <subfield code="r">2026-04-10 16:08:36</subfield>
    <subfield code="w">2026-04-10</subfield>
    <subfield code="y">RN</subfield>
  </datafield>
  <datafield tag="952" ind1=" " ind2=" ">
    <subfield code="0">0</subfield>
    <subfield code="1">0</subfield>
    <subfield code="4">0</subfield>
    <subfield code="7">0</subfield>
    <subfield code="a">BCEJYS</subfield>
    <subfield code="b">BCEJYS</subfield>
    <subfield code="c">17</subfield>
    <subfield code="d">1999-12-02</subfield>
    <subfield code="h">N&#xBA; 3991 - dic. 1999</subfield>
    <subfield code="l">0</subfield>
    <subfield code="o">H311.3 INF 3991</subfield>
    <subfield code="p">R13374</subfield>
    <subfield code="r">2026-04-10 16:08:36</subfield>
    <subfield code="w">2026-04-10</subfield>
    <subfield code="y">RN</subfield>
  </datafield>
  <datafield tag="952" ind1=" " ind2=" ">
    <subfield code="0">0</subfield>
    <subfield code="1">0</subfield>
    <subfield code="4">0</subfield>
    <subfield code="7">0</subfield>
    <subfield code="a">BCEJYS</subfield>
    <subfield code="b">BCEJYS</subfield>
    <subfield code="c">17</subfield>
    <subfield code="d">1999-12-02</subfield>
    <subfield code="h">N&#xBA; 3989 - dic. 1999</subfield>
    <subfield code="l">0</subfield>
    <subfield code="o">H311.3 INF 3989</subfield>
    <subfield code="p">R13373</subfield>
    <subfield code="r">2026-04-10 16:08:36</subfield>
    <subfield code="w">2026-04-10</subfield>
    <subfield code="y">RN</subfield>
  </datafield>
  <datafield tag="952" ind1=" " ind2=" ">
    <subfield code="0">0</subfield>
    <subfield code="1">0</subfield>
    <subfield code="4">0</subfield>
    <subfield code="7">0</subfield>
    <subfield code="a">BCEJYS</subfield>
    <subfield code="b">BCEJYS</subfield>
    <subfield code="c">17</subfield>
    <subfield code="d">1999-11-30</subfield>
    <subfield code="h">N&#xBA; 3986 - nov. 1999</subfield>
    <subfield code="l">0</subfield>
    <subfield code="o">H311.3 INF 3986</subfield>
    <subfield code="p">R13372</subfield>
    <subfield code="r">2026-04-10 16:08:36</subfield>
    <subfield code="w">2026-04-10</subfield>
    <subfield code="y">RN</subfield>
  </datafield>
  <datafield tag="952" ind1=" " ind2=" ">
    <subfield code="0">0</subfield>
    <subfield code="1">0</subfield>
    <subfield code="4">0</subfield>
    <subfield code="7">0</subfield>
    <subfield code="a">BCEJYS</subfield>
    <subfield code="b">BCEJYS</subfield>
    <subfield code="c">17</subfield>
    <subfield code="d">1999-11-30</subfield>
    <subfield code="h">N&#xBA; 3985 - nov. 1999</subfield>
    <subfield code="l">0</subfield>
    <subfield code="o">H311.3 INF 3985</subfield>
    <subfield code="p">R13371</subfield>
    <subfield code="r">2026-04-10 16:08:36</subfield>
    <subfield code="w">2026-04-10</subfield>
    <subfield code="y">RN</subfield>
  </datafield>
  <datafield tag="952" ind1=" " ind2=" ">
    <subfield code="0">0</subfield>
    <subfield code="1">0</subfield>
    <subfield code="4">0</subfield>
    <subfield code="7">0</subfield>
    <subfield code="a">BCEJYS</subfield>
    <subfield code="b">BCEJYS</subfield>
    <subfield code="c">17</subfield>
    <subfield code="d">1999-11-25</subfield>
    <subfield code="h">N&#xBA; 3978 - nov. 1999</subfield>
    <subfield code="l">0</subfield>
    <subfield code="o">H311.3 INF 3978</subfield>
    <subfield code="p">R13370</subfield>
    <subfield code="r">2026-04-10 16:08:36</subfield>
    <subfield code="w">2026-04-10</subfield>
    <subfield code="y">RN</subfield>
  </datafield>
  <datafield tag="952" ind1=" " ind2=" ">
    <subfield code="0">0</subfield>
    <subfield code="1">0</subfield>
    <subfield code="4">0</subfield>
    <subfield code="7">0</subfield>
    <subfield code="a">BCEJYS</subfield>
    <subfield code="b">BCEJYS</subfield>
    <subfield code="c">17</subfield>
    <subfield code="d">1999-11-24</subfield>
    <subfield code="h">N&#xBA; 3976 - nov. 1999</subfield>
    <subfield code="l">0</subfield>
    <subfield code="o">H311.3 INF 3976</subfield>
    <subfield code="p">R13369</subfield>
    <subfield code="r">2026-04-10 16:08:36</subfield>
    <subfield code="w">2026-04-10</subfield>
    <subfield code="y">RN</subfield>
  </datafield>
  <datafield tag="952" ind1=" " ind2=" ">
    <subfield code="0">0</subfield>
    <subfield code="1">0</subfield>
    <subfield code="4">0</subfield>
    <subfield code="7">0</subfield>
    <subfield code="a">BCEJYS</subfield>
    <subfield code="b">BCEJYS</subfield>
    <subfield code="c">17</subfield>
    <subfield code="d">1999-11-23</subfield>
    <subfield code="h">N&#xBA; 3975 - nov. 1999</subfield>
    <subfield code="l">0</subfield>
    <subfield code="o">H311.3 INF 3975</subfield>
    <subfield code="p">R13368</subfield>
    <subfield code="r">2026-04-10 16:08:36</subfield>
    <subfield code="w">2026-04-10</subfield>
    <subfield code="y">RN</subfield>
  </datafield>
  <datafield tag="952" ind1=" " ind2=" ">
    <subfield code="0">0</subfield>
    <subfield code="1">0</subfield>
    <subfield code="4">0</subfield>
    <subfield code="7">0</subfield>
    <subfield code="a">BCEJYS</subfield>
    <subfield code="b">BCEJYS</subfield>
    <subfield code="c">17</subfield>
    <subfield code="d">1999-11-02</subfield>
    <subfield code="h">N&#xBA; 3950 - nov. 1999</subfield>
    <subfield code="l">0</subfield>
    <subfield code="o">H311.3 INF 3950</subfield>
    <subfield code="p">R13367</subfield>
    <subfield code="r">2026-04-10 16:08:36</subfield>
    <subfield code="w">2026-04-10</subfield>
    <subfield code="y">RN</subfield>
  </datafield>
  <datafield tag="952" ind1=" " ind2=" ">
    <subfield code="0">0</subfield>
    <subfield code="1">0</subfield>
    <subfield code="4">0</subfield>
    <subfield code="7">0</subfield>
    <subfield code="a">BCEJYS</subfield>
    <subfield code="b">BCEJYS</subfield>
    <subfield code="c">17</subfield>
    <subfield code="d">1999-11-02</subfield>
    <subfield code="h">N&#xBA; 3948 - nov. 1999</subfield>
    <subfield code="l">0</subfield>
    <subfield code="o">H311.3 INF 3948</subfield>
    <subfield code="p">R13366</subfield>
    <subfield code="r">2026-04-10 16:08:36</subfield>
    <subfield code="w">2026-04-10</subfield>
    <subfield code="y">RN</subfield>
  </datafield>
  <datafield tag="952" ind1=" " ind2=" ">
    <subfield code="0">0</subfield>
    <subfield code="1">0</subfield>
    <subfield code="4">0</subfield>
    <subfield code="7">0</subfield>
    <subfield code="a">BCEJYS</subfield>
    <subfield code="b">BCEJYS</subfield>
    <subfield code="c">17</subfield>
    <subfield code="d">1999-10-29</subfield>
    <subfield code="h">N&#xBA; 3944 - oct. 1999</subfield>
    <subfield code="l">0</subfield>
    <subfield code="o">H311.3 INF 3944</subfield>
    <subfield code="p">R13365</subfield>
    <subfield code="r">2026-04-10 16:08:36</subfield>
    <subfield code="w">2026-04-10</subfield>
    <subfield code="y">RN</subfield>
  </datafield>
  <datafield tag="952" ind1=" " ind2=" ">
    <subfield code="0">0</subfield>
    <subfield code="1">0</subfield>
    <subfield code="4">0</subfield>
    <subfield code="7">0</subfield>
    <subfield code="a">BCEJYS</subfield>
    <subfield code="b">BCEJYS</subfield>
    <subfield code="c">17</subfield>
    <subfield code="d">1999-10-25</subfield>
    <subfield code="h">N&#xBA; 3937 - oct. 1999</subfield>
    <subfield code="l">0</subfield>
    <subfield code="o">H311.3 INF 3937</subfield>
    <subfield code="p">R13364</subfield>
    <subfield code="r">2026-04-10 16:08:36</subfield>
    <subfield code="w">2026-04-10</subfield>
    <subfield code="y">RN</subfield>
  </datafield>
  <datafield tag="952" ind1=" " ind2=" ">
    <subfield code="0">0</subfield>
    <subfield code="1">0</subfield>
    <subfield code="4">0</subfield>
    <subfield code="7">0</subfield>
    <subfield code="a">BCEJYS</subfield>
    <subfield code="b">BCEJYS</subfield>
    <subfield code="c">17</subfield>
    <subfield code="d">1999-10-22</subfield>
    <subfield code="h">N&#xBA; 3934 - oct. 1999</subfield>
    <subfield code="l">0</subfield>
    <subfield code="o">H311.3 INF 3934</subfield>
    <subfield code="p">R13363</subfield>
    <subfield code="r">2026-04-10 16:08:36</subfield>
    <subfield code="w">2026-04-10</subfield>
    <subfield code="y">RN</subfield>
  </datafield>
  <datafield tag="952" ind1=" " ind2=" ">
    <subfield code="0">0</subfield>
    <subfield code="1">0</subfield>
    <subfield code="4">0</subfield>
    <subfield code="7">0</subfield>
    <subfield code="a">BCEJYS</subfield>
    <subfield code="b">BCEJYS</subfield>
    <subfield code="c">17</subfield>
    <subfield code="d">1999-10-22</subfield>
    <subfield code="h">N&#xBA; 3933 - oct. 1999</subfield>
    <subfield code="l">0</subfield>
    <subfield code="o">H311.3 INF 3933</subfield>
    <subfield code="p">R13362</subfield>
    <subfield code="r">2026-04-10 16:08:36</subfield>
    <subfield code="w">2026-04-10</subfield>
    <subfield code="y">RN</subfield>
  </datafield>
  <datafield tag="952" ind1=" " ind2=" ">
    <subfield code="0">0</subfield>
    <subfield code="1">0</subfield>
    <subfield code="4">0</subfield>
    <subfield code="7">0</subfield>
    <subfield code="a">BCEJYS</subfield>
    <subfield code="b">BCEJYS</subfield>
    <subfield code="c">17</subfield>
    <subfield code="d">1999-10-07</subfield>
    <subfield code="h">N&#xBA; 3916 - oct. 1999</subfield>
    <subfield code="l">0</subfield>
    <subfield code="o">H311.3 INF 3916</subfield>
    <subfield code="p">R13361</subfield>
    <subfield code="r">2026-04-10 16:08:36</subfield>
    <subfield code="w">2026-04-10</subfield>
    <subfield code="y">RN</subfield>
  </datafield>
  <datafield tag="952" ind1=" " ind2=" ">
    <subfield code="0">0</subfield>
    <subfield code="1">0</subfield>
    <subfield code="4">0</subfield>
    <subfield code="7">0</subfield>
    <subfield code="a">BCEJYS</subfield>
    <subfield code="b">BCEJYS</subfield>
    <subfield code="c">17</subfield>
    <subfield code="d">1999-09-28</subfield>
    <subfield code="h">N&#xBA; 3903 - sep. 1999</subfield>
    <subfield code="l">0</subfield>
    <subfield code="o">H311.3 INF 3903</subfield>
    <subfield code="p">R13360</subfield>
    <subfield code="r">2026-04-10 16:08:36</subfield>
    <subfield code="w">2026-04-10</subfield>
    <subfield code="y">RN</subfield>
  </datafield>
  <datafield tag="952" ind1=" " ind2=" ">
    <subfield code="0">0</subfield>
    <subfield code="1">0</subfield>
    <subfield code="4">0</subfield>
    <subfield code="7">0</subfield>
    <subfield code="a">BCEJYS</subfield>
    <subfield code="b">BCEJYS</subfield>
    <subfield code="c">17</subfield>
    <subfield code="d">1999-09-24</subfield>
    <subfield code="h">N&#xBA; 3894 - sep. 1999</subfield>
    <subfield code="l">0</subfield>
    <subfield code="o">H311.3 INF 3894</subfield>
    <subfield code="p">R13358</subfield>
    <subfield code="r">2026-04-10 16:08:36</subfield>
    <subfield code="w">2026-04-10</subfield>
    <subfield code="y">RN</subfield>
  </datafield>
  <datafield tag="952" ind1=" " ind2=" ">
    <subfield code="0">0</subfield>
    <subfield code="1">0</subfield>
    <subfield code="4">0</subfield>
    <subfield code="7">0</subfield>
    <subfield code="a">BCEJYS</subfield>
    <subfield code="b">BCEJYS</subfield>
    <subfield code="c">17</subfield>
    <subfield code="d">1999-09-23</subfield>
    <subfield code="h">N&#xBA; 3895 - sep. 1999</subfield>
    <subfield code="l">0</subfield>
    <subfield code="o">H311.3 INF 3895</subfield>
    <subfield code="p">R13359</subfield>
    <subfield code="r">2026-04-10 16:08:36</subfield>
    <subfield code="w">2026-04-10</subfield>
    <subfield code="y">RN</subfield>
  </datafield>
  <datafield tag="952" ind1=" " ind2=" ">
    <subfield code="0">0</subfield>
    <subfield code="1">0</subfield>
    <subfield code="4">0</subfield>
    <subfield code="7">0</subfield>
    <subfield code="a">BCEJYS</subfield>
    <subfield code="b">BCEJYS</subfield>
    <subfield code="c">17</subfield>
    <subfield code="d">1999-09-22</subfield>
    <subfield code="h">N&#xBA; 3892 - sep. 1999</subfield>
    <subfield code="l">0</subfield>
    <subfield code="o">H311.3 INF 3892</subfield>
    <subfield code="p">R13357</subfield>
    <subfield code="r">2026-04-10 16:08:36</subfield>
    <subfield code="w">2026-04-10</subfield>
    <subfield code="y">RN</subfield>
  </datafield>
  <datafield tag="952" ind1=" " ind2=" ">
    <subfield code="0">0</subfield>
    <subfield code="1">0</subfield>
    <subfield code="4">0</subfield>
    <subfield code="7">0</subfield>
    <subfield code="a">BCEJYS</subfield>
    <subfield code="b">BCEJYS</subfield>
    <subfield code="c">17</subfield>
    <subfield code="d">1999-09-02</subfield>
    <subfield code="h">N&#xBA; 3871 - sep. 1999</subfield>
    <subfield code="l">0</subfield>
    <subfield code="o">H311.3 INF 3871</subfield>
    <subfield code="p">R13356</subfield>
    <subfield code="r">2026-04-10 16:08:36</subfield>
    <subfield code="w">2026-04-10</subfield>
    <subfield code="y">RN</subfield>
  </datafield>
  <datafield tag="952" ind1=" " ind2=" ">
    <subfield code="0">0</subfield>
    <subfield code="1">0</subfield>
    <subfield code="4">0</subfield>
    <subfield code="7">0</subfield>
    <subfield code="a">BCEJYS</subfield>
    <subfield code="b">BCEJYS</subfield>
    <subfield code="c">17</subfield>
    <subfield code="d">1999-09-02</subfield>
    <subfield code="h">N&#xBA; 3870 - sep. 1999</subfield>
    <subfield code="l">0</subfield>
    <subfield code="o">H311.3 INF 3870</subfield>
    <subfield code="p">R13355</subfield>
    <subfield code="r">2026-04-10 16:08:36</subfield>
    <subfield code="w">2026-04-10</subfield>
    <subfield code="y">RN</subfield>
  </datafield>
  <datafield tag="952" ind1=" " ind2=" ">
    <subfield code="0">0</subfield>
    <subfield code="1">0</subfield>
    <subfield code="4">0</subfield>
    <subfield code="7">0</subfield>
    <subfield code="a">BCEJYS</subfield>
    <subfield code="b">BCEJYS</subfield>
    <subfield code="c">17</subfield>
    <subfield code="d">1999-08-30</subfield>
    <subfield code="h">N&#xBA; 3864 - ago. 1999</subfield>
    <subfield code="l">0</subfield>
    <subfield code="o">H311.3 INF 3864</subfield>
    <subfield code="p">R13354</subfield>
    <subfield code="r">2026-04-10 16:08:36</subfield>
    <subfield code="w">2026-04-10</subfield>
    <subfield code="y">RN</subfield>
  </datafield>
  <datafield tag="952" ind1=" " ind2=" ">
    <subfield code="0">0</subfield>
    <subfield code="1">0</subfield>
    <subfield code="4">0</subfield>
    <subfield code="7">0</subfield>
    <subfield code="a">BCEJYS</subfield>
    <subfield code="b">BCEJYS</subfield>
    <subfield code="c">17</subfield>
    <subfield code="d">1999-08-30</subfield>
    <subfield code="h">N&#xBA; 3863 - ago. 1999</subfield>
    <subfield code="l">0</subfield>
    <subfield code="o">H311.3 INF 3863</subfield>
    <subfield code="p">R13353</subfield>
    <subfield code="r">2026-04-10 16:08:36</subfield>
    <subfield code="w">2026-04-10</subfield>
    <subfield code="y">RN</subfield>
  </datafield>
  <datafield tag="952" ind1=" " ind2=" ">
    <subfield code="0">0</subfield>
    <subfield code="1">0</subfield>
    <subfield code="4">0</subfield>
    <subfield code="7">0</subfield>
    <subfield code="a">BCEJYS</subfield>
    <subfield code="b">BCEJYS</subfield>
    <subfield code="c">17</subfield>
    <subfield code="d">1999-08-25</subfield>
    <subfield code="h">N&#xBA; 3858 - ago. 1999</subfield>
    <subfield code="l">0</subfield>
    <subfield code="o">H311.3 INF 3858</subfield>
    <subfield code="p">R13352</subfield>
    <subfield code="r">2026-04-10 16:08:36</subfield>
    <subfield code="w">2026-04-10</subfield>
    <subfield code="y">RN</subfield>
  </datafield>
  <datafield tag="952" ind1=" " ind2=" ">
    <subfield code="0">0</subfield>
    <subfield code="1">0</subfield>
    <subfield code="4">0</subfield>
    <subfield code="7">0</subfield>
    <subfield code="a">BCEJYS</subfield>
    <subfield code="b">BCEJYS</subfield>
    <subfield code="c">17</subfield>
    <subfield code="d">1999-08-24</subfield>
    <subfield code="h">N&#xBA; 3855 - ago. 1999</subfield>
    <subfield code="l">0</subfield>
    <subfield code="o">H311.3 INF 3855</subfield>
    <subfield code="p">R13351</subfield>
    <subfield code="r">2026-04-10 16:08:36</subfield>
    <subfield code="w">2026-04-10</subfield>
    <subfield code="y">RN</subfield>
  </datafield>
  <datafield tag="952" ind1=" " ind2=" ">
    <subfield code="0">0</subfield>
    <subfield code="1">0</subfield>
    <subfield code="4">0</subfield>
    <subfield code="7">0</subfield>
    <subfield code="a">BCEJYS</subfield>
    <subfield code="b">BCEJYS</subfield>
    <subfield code="c">17</subfield>
    <subfield code="d">1999-08-23</subfield>
    <subfield code="h">N&#xBA; 3853 - ago. 1999</subfield>
    <subfield code="l">0</subfield>
    <subfield code="o">H311.3 INF 3853</subfield>
    <subfield code="p">R13350</subfield>
    <subfield code="r">2026-04-10 16:08:36</subfield>
    <subfield code="w">2026-04-10</subfield>
    <subfield code="y">RN</subfield>
  </datafield>
  <datafield tag="952" ind1=" " ind2=" ">
    <subfield code="0">0</subfield>
    <subfield code="1">0</subfield>
    <subfield code="4">0</subfield>
    <subfield code="7">0</subfield>
    <subfield code="a">BCEJYS</subfield>
    <subfield code="b">BCEJYS</subfield>
    <subfield code="c">17</subfield>
    <subfield code="d">1999-08-03</subfield>
    <subfield code="h">N&#xBA; 3833 - ago. 1999</subfield>
    <subfield code="l">0</subfield>
    <subfield code="o">H311.3 INF 3833</subfield>
    <subfield code="p">R13349</subfield>
    <subfield code="r">2026-04-10 16:08:36</subfield>
    <subfield code="w">2026-04-10</subfield>
    <subfield code="y">RN</subfield>
  </datafield>
  <datafield tag="952" ind1=" " ind2=" ">
    <subfield code="0">0</subfield>
    <subfield code="1">0</subfield>
    <subfield code="4">0</subfield>
    <subfield code="7">0</subfield>
    <subfield code="a">BCEJYS</subfield>
    <subfield code="b">BCEJYS</subfield>
    <subfield code="c">17</subfield>
    <subfield code="d">1999-08-03</subfield>
    <subfield code="h">N&#xBA; 3832 - ago. 1999</subfield>
    <subfield code="l">0</subfield>
    <subfield code="o">H311.3 INF 3832</subfield>
    <subfield code="p">R13348</subfield>
    <subfield code="r">2026-04-10 16:08:36</subfield>
    <subfield code="w">2026-04-10</subfield>
    <subfield code="y">RN</subfield>
  </datafield>
  <datafield tag="952" ind1=" " ind2=" ">
    <subfield code="0">0</subfield>
    <subfield code="1">0</subfield>
    <subfield code="4">0</subfield>
    <subfield code="7">0</subfield>
    <subfield code="a">BCEJYS</subfield>
    <subfield code="b">BCEJYS</subfield>
    <subfield code="c">17</subfield>
    <subfield code="d">1999-07-30</subfield>
    <subfield code="h">N&#xBA; 3827 - jul. 1999</subfield>
    <subfield code="l">0</subfield>
    <subfield code="o">H311.3 INF 3827</subfield>
    <subfield code="p">R13347</subfield>
    <subfield code="r">2026-04-10 16:08:36</subfield>
    <subfield code="w">2026-04-10</subfield>
    <subfield code="y">RN</subfield>
  </datafield>
  <datafield tag="952" ind1=" " ind2=" ">
    <subfield code="0">0</subfield>
    <subfield code="1">0</subfield>
    <subfield code="4">0</subfield>
    <subfield code="7">0</subfield>
    <subfield code="a">BCEJYS</subfield>
    <subfield code="b">BCEJYS</subfield>
    <subfield code="c">17</subfield>
    <subfield code="d">1999-07-26</subfield>
    <subfield code="h">N&#xBA; 3822 - jul. 1999</subfield>
    <subfield code="l">0</subfield>
    <subfield code="o">H311.3 INF 3822</subfield>
    <subfield code="p">R13346</subfield>
    <subfield code="r">2026-04-10 16:08:36</subfield>
    <subfield code="w">2026-04-10</subfield>
    <subfield code="y">RN</subfield>
  </datafield>
  <datafield tag="952" ind1=" " ind2=" ">
    <subfield code="0">0</subfield>
    <subfield code="1">0</subfield>
    <subfield code="4">0</subfield>
    <subfield code="7">0</subfield>
    <subfield code="a">BCEJYS</subfield>
    <subfield code="b">BCEJYS</subfield>
    <subfield code="c">17</subfield>
    <subfield code="d">1999-07-23</subfield>
    <subfield code="h">N&#xBA; 3818 - jul. 1999</subfield>
    <subfield code="l">0</subfield>
    <subfield code="o">H311.3 INF 3818</subfield>
    <subfield code="p">R13345</subfield>
    <subfield code="r">2026-04-10 16:08:36</subfield>
    <subfield code="w">2026-04-10</subfield>
    <subfield code="y">RN</subfield>
  </datafield>
  <datafield tag="952" ind1=" " ind2=" ">
    <subfield code="0">0</subfield>
    <subfield code="1">0</subfield>
    <subfield code="4">0</subfield>
    <subfield code="7">0</subfield>
    <subfield code="a">BCEJYS</subfield>
    <subfield code="b">BCEJYS</subfield>
    <subfield code="c">17</subfield>
    <subfield code="d">1999-07-22</subfield>
    <subfield code="h">N&#xBA; 3816 - jul. 1999</subfield>
    <subfield code="l">0</subfield>
    <subfield code="o">H311.3 INF 3816</subfield>
    <subfield code="p">R13344</subfield>
    <subfield code="r">2026-04-10 16:08:36</subfield>
    <subfield code="w">2026-04-10</subfield>
    <subfield code="y">RN</subfield>
  </datafield>
  <datafield tag="952" ind1=" " ind2=" ">
    <subfield code="0">0</subfield>
    <subfield code="1">0</subfield>
    <subfield code="4">0</subfield>
    <subfield code="7">0</subfield>
    <subfield code="a">BCEJYS</subfield>
    <subfield code="b">BCEJYS</subfield>
    <subfield code="c">17</subfield>
    <subfield code="d">1999-07-21</subfield>
    <subfield code="h">N&#xBA; 3814 - jul. 1999</subfield>
    <subfield code="l">0</subfield>
    <subfield code="o">H311.3 INF 3814</subfield>
    <subfield code="p">R13343</subfield>
    <subfield code="r">2026-04-10 16:08:36</subfield>
    <subfield code="w">2026-04-10</subfield>
    <subfield code="y">RN</subfield>
  </datafield>
  <datafield tag="952" ind1=" " ind2=" ">
    <subfield code="0">0</subfield>
    <subfield code="1">0</subfield>
    <subfield code="4">0</subfield>
    <subfield code="7">0</subfield>
    <subfield code="a">BCEJYS</subfield>
    <subfield code="b">BCEJYS</subfield>
    <subfield code="c">17</subfield>
    <subfield code="d">1999-07-16</subfield>
    <subfield code="h">N&#xBA; 3809 - jul. 1999</subfield>
    <subfield code="l">0</subfield>
    <subfield code="o">H311.3 INF 3809</subfield>
    <subfield code="p">R13342</subfield>
    <subfield code="r">2026-04-10 16:08:36</subfield>
    <subfield code="w">2026-04-10</subfield>
    <subfield code="y">RN</subfield>
  </datafield>
  <datafield tag="952" ind1=" " ind2=" ">
    <subfield code="0">0</subfield>
    <subfield code="1">0</subfield>
    <subfield code="4">0</subfield>
    <subfield code="7">0</subfield>
    <subfield code="a">BCEJYS</subfield>
    <subfield code="b">BCEJYS</subfield>
    <subfield code="c">17</subfield>
    <subfield code="d">1999-07-16</subfield>
    <subfield code="h">N&#xBA; 3808 - jul. 1999</subfield>
    <subfield code="l">0</subfield>
    <subfield code="o">H311.3 INF 3808</subfield>
    <subfield code="p">R13341</subfield>
    <subfield code="r">2026-04-10 16:08:36</subfield>
    <subfield code="w">2026-04-10</subfield>
    <subfield code="y">RN</subfield>
  </datafield>
  <datafield tag="952" ind1=" " ind2=" ">
    <subfield code="0">0</subfield>
    <subfield code="1">0</subfield>
    <subfield code="4">0</subfield>
    <subfield code="7">0</subfield>
    <subfield code="a">BCEJYS</subfield>
    <subfield code="b">BCEJYS</subfield>
    <subfield code="c">17</subfield>
    <subfield code="d">1999-07-14</subfield>
    <subfield code="h">N&#xBA; 3805 - jul. 1999</subfield>
    <subfield code="l">0</subfield>
    <subfield code="o">H311.3 INF 3805</subfield>
    <subfield code="p">R13340</subfield>
    <subfield code="r">2026-04-10 16:08:37</subfield>
    <subfield code="w">2026-04-10</subfield>
    <subfield code="y">RN</subfield>
  </datafield>
  <datafield tag="952" ind1=" " ind2=" ">
    <subfield code="0">0</subfield>
    <subfield code="1">0</subfield>
    <subfield code="4">0</subfield>
    <subfield code="7">0</subfield>
    <subfield code="a">BCEJYS</subfield>
    <subfield code="b">BCEJYS</subfield>
    <subfield code="c">17</subfield>
    <subfield code="d">1999-07-02</subfield>
    <subfield code="h">N&#xBA; 3794 - jul. 1999</subfield>
    <subfield code="l">0</subfield>
    <subfield code="o">H311.3 INF 3794</subfield>
    <subfield code="p">R13339</subfield>
    <subfield code="r">2026-04-10 16:08:37</subfield>
    <subfield code="w">2026-04-10</subfield>
    <subfield code="y">RN</subfield>
  </datafield>
  <datafield tag="952" ind1=" " ind2=" ">
    <subfield code="0">0</subfield>
    <subfield code="1">0</subfield>
    <subfield code="4">0</subfield>
    <subfield code="7">0</subfield>
    <subfield code="a">BCEJYS</subfield>
    <subfield code="b">BCEJYS</subfield>
    <subfield code="c">17</subfield>
    <subfield code="d">1999-07-02</subfield>
    <subfield code="h">N&#xBA; 3792 - jul. 1999</subfield>
    <subfield code="l">0</subfield>
    <subfield code="o">H311.3 INF 3792</subfield>
    <subfield code="p">R13338</subfield>
    <subfield code="r">2026-04-10 16:08:37</subfield>
    <subfield code="w">2026-04-10</subfield>
    <subfield code="y">RN</subfield>
  </datafield>
  <datafield tag="952" ind1=" " ind2=" ">
    <subfield code="0">0</subfield>
    <subfield code="1">0</subfield>
    <subfield code="4">0</subfield>
    <subfield code="7">0</subfield>
    <subfield code="a">BCEJYS</subfield>
    <subfield code="b">BCEJYS</subfield>
    <subfield code="c">17</subfield>
    <subfield code="d">1999-06-30</subfield>
    <subfield code="h">N&#xBA; 3788 - jun. 1999</subfield>
    <subfield code="l">0</subfield>
    <subfield code="o">H311.3 INF 3788</subfield>
    <subfield code="p">R13337</subfield>
    <subfield code="r">2026-04-10 16:08:37</subfield>
    <subfield code="w">2026-04-10</subfield>
    <subfield code="y">RN</subfield>
  </datafield>
  <datafield tag="952" ind1=" " ind2=" ">
    <subfield code="0">0</subfield>
    <subfield code="1">0</subfield>
    <subfield code="4">0</subfield>
    <subfield code="7">0</subfield>
    <subfield code="a">BCEJYS</subfield>
    <subfield code="b">BCEJYS</subfield>
    <subfield code="c">17</subfield>
    <subfield code="d">1999-06-24</subfield>
    <subfield code="h">N&#xBA; 3782 - jun. 1999</subfield>
    <subfield code="l">0</subfield>
    <subfield code="o">H311.3 INF 3782</subfield>
    <subfield code="p">R13336</subfield>
    <subfield code="r">2026-04-10 16:08:37</subfield>
    <subfield code="w">2026-04-10</subfield>
    <subfield code="y">RN</subfield>
  </datafield>
  <datafield tag="952" ind1=" " ind2=" ">
    <subfield code="0">0</subfield>
    <subfield code="1">0</subfield>
    <subfield code="4">0</subfield>
    <subfield code="7">0</subfield>
    <subfield code="a">BCEJYS</subfield>
    <subfield code="b">BCEJYS</subfield>
    <subfield code="c">17</subfield>
    <subfield code="d">1999-06-24</subfield>
    <subfield code="h">N&#xBA; 3780 - jun. 1999</subfield>
    <subfield code="l">0</subfield>
    <subfield code="o">H311.3 INF 3780</subfield>
    <subfield code="p">R13335</subfield>
    <subfield code="r">2026-04-10 16:08:37</subfield>
    <subfield code="w">2026-04-10</subfield>
    <subfield code="y">RN</subfield>
  </datafield>
  <datafield tag="952" ind1=" " ind2=" ">
    <subfield code="0">0</subfield>
    <subfield code="1">0</subfield>
    <subfield code="4">0</subfield>
    <subfield code="7">0</subfield>
    <subfield code="a">BCEJYS</subfield>
    <subfield code="b">BCEJYS</subfield>
    <subfield code="c">17</subfield>
    <subfield code="d">1999-06-23</subfield>
    <subfield code="h">N&#xBA; 3777 - jun. 1999</subfield>
    <subfield code="l">0</subfield>
    <subfield code="o">H311.3 INF 3777</subfield>
    <subfield code="p">R13334</subfield>
    <subfield code="r">2026-04-10 16:08:37</subfield>
    <subfield code="w">2026-04-10</subfield>
    <subfield code="y">RN</subfield>
  </datafield>
  <datafield tag="952" ind1=" " ind2=" ">
    <subfield code="0">0</subfield>
    <subfield code="1">0</subfield>
    <subfield code="4">0</subfield>
    <subfield code="7">0</subfield>
    <subfield code="a">BCEJYS</subfield>
    <subfield code="b">BCEJYS</subfield>
    <subfield code="c">17</subfield>
    <subfield code="d">1999-06-02</subfield>
    <subfield code="h">N&#xBA; 3757 - jun. 1999</subfield>
    <subfield code="l">0</subfield>
    <subfield code="o">H311.3 INF 3757</subfield>
    <subfield code="p">R13333</subfield>
    <subfield code="r">2026-04-10 16:08:37</subfield>
    <subfield code="w">2026-04-10</subfield>
    <subfield code="y">RN</subfield>
  </datafield>
  <datafield tag="952" ind1=" " ind2=" ">
    <subfield code="0">0</subfield>
    <subfield code="1">0</subfield>
    <subfield code="4">0</subfield>
    <subfield code="7">0</subfield>
    <subfield code="a">BCEJYS</subfield>
    <subfield code="b">BCEJYS</subfield>
    <subfield code="c">17</subfield>
    <subfield code="d">1999-05-28</subfield>
    <subfield code="h">N&#xBA; 3748 - mayo 1999</subfield>
    <subfield code="l">0</subfield>
    <subfield code="o">H311.3 INF 3748</subfield>
    <subfield code="p">R13332</subfield>
    <subfield code="r">2026-04-10 16:08:37</subfield>
    <subfield code="w">2026-04-10</subfield>
    <subfield code="y">RN</subfield>
  </datafield>
  <datafield tag="952" ind1=" " ind2=" ">
    <subfield code="0">0</subfield>
    <subfield code="1">0</subfield>
    <subfield code="4">0</subfield>
    <subfield code="7">0</subfield>
    <subfield code="a">BCEJYS</subfield>
    <subfield code="b">BCEJYS</subfield>
    <subfield code="c">17</subfield>
    <subfield code="d">1999-05-26</subfield>
    <subfield code="h">N&#xBA; 3745 - mayo 1999</subfield>
    <subfield code="l">0</subfield>
    <subfield code="o">H311.3 INF 3745</subfield>
    <subfield code="p">R13331</subfield>
    <subfield code="r">2026-04-10 16:08:37</subfield>
    <subfield code="w">2026-04-10</subfield>
    <subfield code="y">RN</subfield>
  </datafield>
  <datafield tag="952" ind1=" " ind2=" ">
    <subfield code="0">0</subfield>
    <subfield code="1">0</subfield>
    <subfield code="4">0</subfield>
    <subfield code="7">0</subfield>
    <subfield code="a">BCEJYS</subfield>
    <subfield code="b">BCEJYS</subfield>
    <subfield code="c">17</subfield>
    <subfield code="d">1999-05-24</subfield>
    <subfield code="h">N&#xBA; 3742 - mayo 1999</subfield>
    <subfield code="l">0</subfield>
    <subfield code="o">H311.3 INF 3742</subfield>
    <subfield code="p">R13330</subfield>
    <subfield code="r">2026-04-10 16:08:37</subfield>
    <subfield code="w">2026-04-10</subfield>
    <subfield code="y">RN</subfield>
  </datafield>
  <datafield tag="952" ind1=" " ind2=" ">
    <subfield code="0">0</subfield>
    <subfield code="1">0</subfield>
    <subfield code="4">0</subfield>
    <subfield code="7">0</subfield>
    <subfield code="a">BCEJYS</subfield>
    <subfield code="b">BCEJYS</subfield>
    <subfield code="c">17</subfield>
    <subfield code="d">1999-05-24</subfield>
    <subfield code="h">N&#xBA; 3741 - mayo 1999</subfield>
    <subfield code="l">0</subfield>
    <subfield code="o">H311.3 INF 3741</subfield>
    <subfield code="p">R13329</subfield>
    <subfield code="r">2026-04-10 16:08:37</subfield>
    <subfield code="w">2026-04-10</subfield>
    <subfield code="y">RN</subfield>
  </datafield>
  <datafield tag="952" ind1=" " ind2=" ">
    <subfield code="0">0</subfield>
    <subfield code="1">0</subfield>
    <subfield code="4">0</subfield>
    <subfield code="7">0</subfield>
    <subfield code="a">BCEJYS</subfield>
    <subfield code="b">BCEJYS</subfield>
    <subfield code="c">17</subfield>
    <subfield code="d">1999-05-21</subfield>
    <subfield code="h">N&#xBA; 3738 - mayo 1999</subfield>
    <subfield code="l">0</subfield>
    <subfield code="o">H311.3 INF 3738</subfield>
    <subfield code="p">R13328</subfield>
    <subfield code="r">2026-04-10 16:08:37</subfield>
    <subfield code="w">2026-04-10</subfield>
    <subfield code="y">RN</subfield>
  </datafield>
  <datafield tag="952" ind1=" " ind2=" ">
    <subfield code="0">0</subfield>
    <subfield code="1">0</subfield>
    <subfield code="4">0</subfield>
    <subfield code="7">0</subfield>
    <subfield code="a">BCEJYS</subfield>
    <subfield code="b">BCEJYS</subfield>
    <subfield code="c">17</subfield>
    <subfield code="d">1999-05-04</subfield>
    <subfield code="h">N&#xBA; 3719 - mayo 1999</subfield>
    <subfield code="l">0</subfield>
    <subfield code="o">H311.3 INF 3719</subfield>
    <subfield code="p">R13327</subfield>
    <subfield code="r">2026-04-10 16:08:37</subfield>
    <subfield code="w">2026-04-10</subfield>
    <subfield code="y">RN</subfield>
  </datafield>
  <datafield tag="952" ind1=" " ind2=" ">
    <subfield code="0">0</subfield>
    <subfield code="1">0</subfield>
    <subfield code="4">0</subfield>
    <subfield code="7">0</subfield>
    <subfield code="a">BCEJYS</subfield>
    <subfield code="b">BCEJYS</subfield>
    <subfield code="c">17</subfield>
    <subfield code="d">1999-05-04</subfield>
    <subfield code="h">N&#xBA; 3717 - mayo 1999</subfield>
    <subfield code="l">0</subfield>
    <subfield code="o">H311.3 INF 3717</subfield>
    <subfield code="p">R13326</subfield>
    <subfield code="r">2026-04-10 16:08:37</subfield>
    <subfield code="w">2026-04-10</subfield>
    <subfield code="y">RN</subfield>
  </datafield>
  <datafield tag="952" ind1=" " ind2=" ">
    <subfield code="0">0</subfield>
    <subfield code="1">0</subfield>
    <subfield code="4">0</subfield>
    <subfield code="7">0</subfield>
    <subfield code="a">BCEJYS</subfield>
    <subfield code="b">BCEJYS</subfield>
    <subfield code="c">17</subfield>
    <subfield code="d">1999-04-30</subfield>
    <subfield code="h">N&#xBA; 3712 - abr. 1999</subfield>
    <subfield code="l">0</subfield>
    <subfield code="o">H311.3 INF 3712</subfield>
    <subfield code="p">R13325</subfield>
    <subfield code="r">2026-04-10 16:08:37</subfield>
    <subfield code="w">2026-04-10</subfield>
    <subfield code="y">RN</subfield>
  </datafield>
  <datafield tag="952" ind1=" " ind2=" ">
    <subfield code="0">0</subfield>
    <subfield code="1">0</subfield>
    <subfield code="4">0</subfield>
    <subfield code="7">0</subfield>
    <subfield code="a">BCEJYS</subfield>
    <subfield code="b">BCEJYS</subfield>
    <subfield code="c">17</subfield>
    <subfield code="d">1999-04-26</subfield>
    <subfield code="h">N&#xBA; 3707 - abr. 1999</subfield>
    <subfield code="l">0</subfield>
    <subfield code="o">H311.3 INF 3707</subfield>
    <subfield code="p">R13324</subfield>
    <subfield code="r">2026-04-10 16:08:37</subfield>
    <subfield code="w">2026-04-10</subfield>
    <subfield code="y">RN</subfield>
  </datafield>
  <datafield tag="952" ind1=" " ind2=" ">
    <subfield code="0">0</subfield>
    <subfield code="1">0</subfield>
    <subfield code="4">0</subfield>
    <subfield code="7">0</subfield>
    <subfield code="a">BCEJYS</subfield>
    <subfield code="b">BCEJYS</subfield>
    <subfield code="c">17</subfield>
    <subfield code="d">1999-04-26</subfield>
    <subfield code="h">N&#xBA; 3706 - abr. 1999</subfield>
    <subfield code="l">0</subfield>
    <subfield code="o">H311.3 INF 3706</subfield>
    <subfield code="p">R13323</subfield>
    <subfield code="r">2026-04-10 16:08:37</subfield>
    <subfield code="w">2026-04-10</subfield>
    <subfield code="y">RN</subfield>
  </datafield>
  <datafield tag="952" ind1=" " ind2=" ">
    <subfield code="0">0</subfield>
    <subfield code="1">0</subfield>
    <subfield code="4">0</subfield>
    <subfield code="7">0</subfield>
    <subfield code="a">BCEJYS</subfield>
    <subfield code="b">BCEJYS</subfield>
    <subfield code="c">17</subfield>
    <subfield code="d">1999-04-22</subfield>
    <subfield code="h">N&#xBA; 3700 - abr. 1999</subfield>
    <subfield code="l">0</subfield>
    <subfield code="o">H311.3 INF 3700</subfield>
    <subfield code="p">R13322</subfield>
    <subfield code="r">2026-04-10 16:08:37</subfield>
    <subfield code="w">2026-04-10</subfield>
    <subfield code="y">RN</subfield>
  </datafield>
  <datafield tag="952" ind1=" " ind2=" ">
    <subfield code="0">0</subfield>
    <subfield code="1">0</subfield>
    <subfield code="4">0</subfield>
    <subfield code="7">0</subfield>
    <subfield code="a">BCEJYS</subfield>
    <subfield code="b">BCEJYS</subfield>
    <subfield code="c">17</subfield>
    <subfield code="d">1999-04-06</subfield>
    <subfield code="h">N&#xBA; 3683 - abr. 1999</subfield>
    <subfield code="l">0</subfield>
    <subfield code="o">H311.3 INF 3683</subfield>
    <subfield code="p">R13321</subfield>
    <subfield code="r">2026-04-10 16:08:37</subfield>
    <subfield code="w">2026-04-10</subfield>
    <subfield code="y">RN</subfield>
  </datafield>
  <datafield tag="952" ind1=" " ind2=" ">
    <subfield code="0">0</subfield>
    <subfield code="1">0</subfield>
    <subfield code="4">0</subfield>
    <subfield code="7">0</subfield>
    <subfield code="a">BCEJYS</subfield>
    <subfield code="b">BCEJYS</subfield>
    <subfield code="c">17</subfield>
    <subfield code="d">1999-04-06</subfield>
    <subfield code="h">N&#xBA; 3682 - abr. 1999</subfield>
    <subfield code="l">0</subfield>
    <subfield code="o">H311.3 INF 3682</subfield>
    <subfield code="p">R13320</subfield>
    <subfield code="r">2026-04-10 16:08:37</subfield>
    <subfield code="w">2026-04-10</subfield>
    <subfield code="y">RN</subfield>
  </datafield>
  <datafield tag="952" ind1=" " ind2=" ">
    <subfield code="0">0</subfield>
    <subfield code="1">0</subfield>
    <subfield code="4">0</subfield>
    <subfield code="7">0</subfield>
    <subfield code="a">BCEJYS</subfield>
    <subfield code="b">BCEJYS</subfield>
    <subfield code="c">17</subfield>
    <subfield code="d">1999-03-31</subfield>
    <subfield code="h">N&#xBA; 3677 - mar. 1999</subfield>
    <subfield code="l">0</subfield>
    <subfield code="o">H311.3 INF 3677</subfield>
    <subfield code="p">R13319</subfield>
    <subfield code="r">2026-04-10 16:08:37</subfield>
    <subfield code="w">2026-04-10</subfield>
    <subfield code="y">RN</subfield>
  </datafield>
  <datafield tag="952" ind1=" " ind2=" ">
    <subfield code="0">0</subfield>
    <subfield code="1">0</subfield>
    <subfield code="4">0</subfield>
    <subfield code="7">0</subfield>
    <subfield code="a">BCEJYS</subfield>
    <subfield code="b">BCEJYS</subfield>
    <subfield code="c">17</subfield>
    <subfield code="d">1999-03-25</subfield>
    <subfield code="h">N&#xBA; 3672 - mar. 1999</subfield>
    <subfield code="l">0</subfield>
    <subfield code="o">H311.3 INF 3672</subfield>
    <subfield code="p">R13318</subfield>
    <subfield code="r">2026-04-10 16:08:37</subfield>
    <subfield code="w">2026-04-10</subfield>
    <subfield code="y">RN</subfield>
  </datafield>
  <datafield tag="952" ind1=" " ind2=" ">
    <subfield code="0">0</subfield>
    <subfield code="1">0</subfield>
    <subfield code="4">0</subfield>
    <subfield code="7">0</subfield>
    <subfield code="a">BCEJYS</subfield>
    <subfield code="b">BCEJYS</subfield>
    <subfield code="c">17</subfield>
    <subfield code="d">1999-03-24</subfield>
    <subfield code="h">N&#xBA; 3669 - mar. 1999</subfield>
    <subfield code="l">0</subfield>
    <subfield code="o">H311.3 INF 3669</subfield>
    <subfield code="p">R13317</subfield>
    <subfield code="r">2026-04-10 16:08:37</subfield>
    <subfield code="w">2026-04-10</subfield>
    <subfield code="y">RN</subfield>
  </datafield>
  <datafield tag="952" ind1=" " ind2=" ">
    <subfield code="0">0</subfield>
    <subfield code="1">0</subfield>
    <subfield code="4">0</subfield>
    <subfield code="7">0</subfield>
    <subfield code="a">BCEJYS</subfield>
    <subfield code="b">BCEJYS</subfield>
    <subfield code="c">17</subfield>
    <subfield code="d">1999-03-23</subfield>
    <subfield code="h">N&#xBA; 3667 - mar. 1999</subfield>
    <subfield code="l">0</subfield>
    <subfield code="o">H311.3 INF 3667</subfield>
    <subfield code="p">R13316</subfield>
    <subfield code="r">2026-04-10 16:08:37</subfield>
    <subfield code="w">2026-04-10</subfield>
    <subfield code="y">RN</subfield>
  </datafield>
  <datafield tag="952" ind1=" " ind2=" ">
    <subfield code="0">0</subfield>
    <subfield code="1">0</subfield>
    <subfield code="4">0</subfield>
    <subfield code="7">0</subfield>
    <subfield code="a">BCEJYS</subfield>
    <subfield code="b">BCEJYS</subfield>
    <subfield code="c">17</subfield>
    <subfield code="d">1999-03-22</subfield>
    <subfield code="h">N&#xBA; 3665 - mar. 1999</subfield>
    <subfield code="l">0</subfield>
    <subfield code="o">H311.3 INF 3665</subfield>
    <subfield code="p">R13315</subfield>
    <subfield code="r">2026-04-10 16:08:37</subfield>
    <subfield code="w">2026-04-10</subfield>
    <subfield code="y">RN</subfield>
  </datafield>
  <datafield tag="952" ind1=" " ind2=" ">
    <subfield code="0">0</subfield>
    <subfield code="1">0</subfield>
    <subfield code="4">0</subfield>
    <subfield code="7">0</subfield>
    <subfield code="a">BCEJYS</subfield>
    <subfield code="b">BCEJYS</subfield>
    <subfield code="c">17</subfield>
    <subfield code="d">1999-03-02</subfield>
    <subfield code="h">N&#xBA; 3645 - mar. 1999</subfield>
    <subfield code="l">0</subfield>
    <subfield code="o">H311.3 INF 3645</subfield>
    <subfield code="p">R13314</subfield>
    <subfield code="r">2026-04-10 16:08:37</subfield>
    <subfield code="w">2026-04-10</subfield>
    <subfield code="y">RN</subfield>
  </datafield>
  <datafield tag="952" ind1=" " ind2=" ">
    <subfield code="0">0</subfield>
    <subfield code="1">0</subfield>
    <subfield code="4">0</subfield>
    <subfield code="7">0</subfield>
    <subfield code="a">BCEJYS</subfield>
    <subfield code="b">BCEJYS</subfield>
    <subfield code="c">17</subfield>
    <subfield code="d">1999-03-02</subfield>
    <subfield code="h">N&#xBA; 3644 - mar. 1999</subfield>
    <subfield code="l">0</subfield>
    <subfield code="o">H311.3 INF 3644</subfield>
    <subfield code="p">R13313</subfield>
    <subfield code="r">2026-04-10 16:08:37</subfield>
    <subfield code="w">2026-04-10</subfield>
    <subfield code="y">RN</subfield>
  </datafield>
  <datafield tag="952" ind1=" " ind2=" ">
    <subfield code="0">0</subfield>
    <subfield code="1">0</subfield>
    <subfield code="4">0</subfield>
    <subfield code="7">0</subfield>
    <subfield code="a">BCEJYS</subfield>
    <subfield code="b">BCEJYS</subfield>
    <subfield code="c">17</subfield>
    <subfield code="d">1999-02-26</subfield>
    <subfield code="h">N&#xBA; 3638 - feb. 1999</subfield>
    <subfield code="l">0</subfield>
    <subfield code="o">H311.3 INF 3638</subfield>
    <subfield code="p">R13312</subfield>
    <subfield code="r">2026-04-10 16:08:37</subfield>
    <subfield code="w">2026-04-10</subfield>
    <subfield code="y">RN</subfield>
  </datafield>
  <datafield tag="952" ind1=" " ind2=" ">
    <subfield code="0">0</subfield>
    <subfield code="1">0</subfield>
    <subfield code="4">0</subfield>
    <subfield code="7">0</subfield>
    <subfield code="a">BCEJYS</subfield>
    <subfield code="b">BCEJYS</subfield>
    <subfield code="c">17</subfield>
    <subfield code="d">1999-02-26</subfield>
    <subfield code="h">N&#xBA; 3637 - feb. 1999</subfield>
    <subfield code="l">0</subfield>
    <subfield code="o">H311.3 INF 3637</subfield>
    <subfield code="p">R13311</subfield>
    <subfield code="r">2026-04-10 16:08:37</subfield>
    <subfield code="w">2026-04-10</subfield>
    <subfield code="y">RN</subfield>
  </datafield>
  <datafield tag="952" ind1=" " ind2=" ">
    <subfield code="0">0</subfield>
    <subfield code="1">0</subfield>
    <subfield code="4">0</subfield>
    <subfield code="7">0</subfield>
    <subfield code="a">BCEJYS</subfield>
    <subfield code="b">BCEJYS</subfield>
    <subfield code="c">17</subfield>
    <subfield code="d">1999-02-25</subfield>
    <subfield code="h">N&#xBA; 3634 - feb. 1999</subfield>
    <subfield code="l">0</subfield>
    <subfield code="o">H311.3 INF 3634</subfield>
    <subfield code="p">R13310</subfield>
    <subfield code="r">2026-04-10 16:08:37</subfield>
    <subfield code="w">2026-04-10</subfield>
    <subfield code="y">RN</subfield>
  </datafield>
  <datafield tag="952" ind1=" " ind2=" ">
    <subfield code="0">0</subfield>
    <subfield code="1">0</subfield>
    <subfield code="4">0</subfield>
    <subfield code="7">0</subfield>
    <subfield code="a">BCEJYS</subfield>
    <subfield code="b">BCEJYS</subfield>
    <subfield code="c">17</subfield>
    <subfield code="d">1999-02-24</subfield>
    <subfield code="h">N&#xBA; 3632 - feb. 1999</subfield>
    <subfield code="l">0</subfield>
    <subfield code="o">H311.3 INF 3632</subfield>
    <subfield code="p">R13309</subfield>
    <subfield code="r">2026-04-10 16:08:37</subfield>
    <subfield code="w">2026-04-10</subfield>
    <subfield code="y">RN</subfield>
  </datafield>
  <datafield tag="952" ind1=" " ind2=" ">
    <subfield code="0">0</subfield>
    <subfield code="1">0</subfield>
    <subfield code="4">0</subfield>
    <subfield code="7">0</subfield>
    <subfield code="a">BCEJYS</subfield>
    <subfield code="b">BCEJYS</subfield>
    <subfield code="c">17</subfield>
    <subfield code="d">1999-02-24</subfield>
    <subfield code="h">N&#xBA; 3631 - feb. 1999</subfield>
    <subfield code="l">0</subfield>
    <subfield code="o">H311.3 INF 3631</subfield>
    <subfield code="p">R13308</subfield>
    <subfield code="r">2026-04-10 16:08:37</subfield>
    <subfield code="w">2026-04-10</subfield>
    <subfield code="y">RN</subfield>
  </datafield>
  <datafield tag="952" ind1=" " ind2=" ">
    <subfield code="0">0</subfield>
    <subfield code="1">0</subfield>
    <subfield code="4">0</subfield>
    <subfield code="7">0</subfield>
    <subfield code="a">BCEJYS</subfield>
    <subfield code="b">BCEJYS</subfield>
    <subfield code="c">17</subfield>
    <subfield code="d">1999-02-23</subfield>
    <subfield code="h">N&#xBA; 3628 - feb. 1999</subfield>
    <subfield code="l">0</subfield>
    <subfield code="o">H311.3 INF 3628</subfield>
    <subfield code="p">R13307</subfield>
    <subfield code="r">2026-04-10 16:08:37</subfield>
    <subfield code="w">2026-04-10</subfield>
    <subfield code="y">RN</subfield>
  </datafield>
  <datafield tag="952" ind1=" " ind2=" ">
    <subfield code="0">0</subfield>
    <subfield code="1">0</subfield>
    <subfield code="4">0</subfield>
    <subfield code="7">0</subfield>
    <subfield code="a">BCEJYS</subfield>
    <subfield code="b">BCEJYS</subfield>
    <subfield code="c">17</subfield>
    <subfield code="d">1999-02-05</subfield>
    <subfield code="h">N&#xBA; 3611 - feb. 1999</subfield>
    <subfield code="l">0</subfield>
    <subfield code="o">H311.3 INF 3611</subfield>
    <subfield code="p">R13306</subfield>
    <subfield code="r">2026-04-10 16:08:37</subfield>
    <subfield code="w">2026-04-10</subfield>
    <subfield code="y">RN</subfield>
  </datafield>
  <datafield tag="952" ind1=" " ind2=" ">
    <subfield code="0">0</subfield>
    <subfield code="1">0</subfield>
    <subfield code="4">0</subfield>
    <subfield code="7">0</subfield>
    <subfield code="a">BCEJYS</subfield>
    <subfield code="b">BCEJYS</subfield>
    <subfield code="c">17</subfield>
    <subfield code="d">1999-02-02</subfield>
    <subfield code="h">N&#xBA; 3607 - feb. 1999</subfield>
    <subfield code="l">0</subfield>
    <subfield code="o">H311.3 INF 3607</subfield>
    <subfield code="p">R13305</subfield>
    <subfield code="r">2026-04-10 16:08:37</subfield>
    <subfield code="w">2026-04-10</subfield>
    <subfield code="y">RN</subfield>
  </datafield>
  <datafield tag="952" ind1=" " ind2=" ">
    <subfield code="0">0</subfield>
    <subfield code="1">0</subfield>
    <subfield code="4">0</subfield>
    <subfield code="7">0</subfield>
    <subfield code="a">BCEJYS</subfield>
    <subfield code="b">BCEJYS</subfield>
    <subfield code="c">17</subfield>
    <subfield code="d">1999-02-02</subfield>
    <subfield code="h">N&#xBA; 3604 - feb. 1999</subfield>
    <subfield code="l">0</subfield>
    <subfield code="o">H311.3 INF 3604</subfield>
    <subfield code="p">R13304</subfield>
    <subfield code="r">2026-04-10 16:08:37</subfield>
    <subfield code="w">2026-04-10</subfield>
    <subfield code="y">RN</subfield>
  </datafield>
  <datafield tag="952" ind1=" " ind2=" ">
    <subfield code="0">0</subfield>
    <subfield code="1">0</subfield>
    <subfield code="4">0</subfield>
    <subfield code="7">0</subfield>
    <subfield code="a">BCEJYS</subfield>
    <subfield code="b">BCEJYS</subfield>
    <subfield code="c">17</subfield>
    <subfield code="d">1999-01-29</subfield>
    <subfield code="h">N&#xBA; 3601 - ene. 1999</subfield>
    <subfield code="l">0</subfield>
    <subfield code="o">H311.3 INF 3601</subfield>
    <subfield code="p">R13303</subfield>
    <subfield code="r">2026-04-10 16:08:37</subfield>
    <subfield code="w">2026-04-10</subfield>
    <subfield code="y">RN</subfield>
  </datafield>
  <datafield tag="952" ind1=" " ind2=" ">
    <subfield code="0">0</subfield>
    <subfield code="1">0</subfield>
    <subfield code="4">0</subfield>
    <subfield code="7">0</subfield>
    <subfield code="a">BCEJYS</subfield>
    <subfield code="b">BCEJYS</subfield>
    <subfield code="c">17</subfield>
    <subfield code="d">1999-01-26</subfield>
    <subfield code="h">N&#xBA; 3595 - ene. 1999</subfield>
    <subfield code="l">0</subfield>
    <subfield code="o">H311.3 INF 3595</subfield>
    <subfield code="p">R13302</subfield>
    <subfield code="r">2026-04-10 16:08:37</subfield>
    <subfield code="w">2026-04-10</subfield>
    <subfield code="y">RN</subfield>
  </datafield>
  <datafield tag="952" ind1=" " ind2=" ">
    <subfield code="0">0</subfield>
    <subfield code="1">0</subfield>
    <subfield code="4">0</subfield>
    <subfield code="7">0</subfield>
    <subfield code="a">BCEJYS</subfield>
    <subfield code="b">BCEJYS</subfield>
    <subfield code="c">17</subfield>
    <subfield code="d">1999-01-25</subfield>
    <subfield code="h">N&#xBA; 3593 - ene. 1999</subfield>
    <subfield code="l">0</subfield>
    <subfield code="o">H311.3 INF 3593</subfield>
    <subfield code="p">R13301</subfield>
    <subfield code="r">2026-04-10 16:08:37</subfield>
    <subfield code="w">2026-04-10</subfield>
    <subfield code="y">RN</subfield>
  </datafield>
  <datafield tag="952" ind1=" " ind2=" ">
    <subfield code="0">0</subfield>
    <subfield code="1">0</subfield>
    <subfield code="4">0</subfield>
    <subfield code="7">0</subfield>
    <subfield code="a">BCEJYS</subfield>
    <subfield code="b">BCEJYS</subfield>
    <subfield code="c">17</subfield>
    <subfield code="d">1999-01-25</subfield>
    <subfield code="h">N&#xBA; 3592 - ene. 1999</subfield>
    <subfield code="l">0</subfield>
    <subfield code="o">H311.3 INF 3592</subfield>
    <subfield code="p">R13300</subfield>
    <subfield code="r">2026-04-10 16:08:37</subfield>
    <subfield code="w">2026-04-10</subfield>
    <subfield code="y">RN</subfield>
  </datafield>
  <datafield tag="952" ind1=" " ind2=" ">
    <subfield code="0">0</subfield>
    <subfield code="1">0</subfield>
    <subfield code="4">0</subfield>
    <subfield code="7">0</subfield>
    <subfield code="a">BCEJYS</subfield>
    <subfield code="b">BCEJYS</subfield>
    <subfield code="c">17</subfield>
    <subfield code="d">1999-01-05</subfield>
    <subfield code="h">N&#xBA; 3574 - ene. 1999</subfield>
    <subfield code="l">0</subfield>
    <subfield code="o">H311.3 INF 3574</subfield>
    <subfield code="p">R13299</subfield>
    <subfield code="r">2026-04-10 16:08:37</subfield>
    <subfield code="w">2026-04-10</subfield>
    <subfield code="y">RN</subfield>
  </datafield>
  <datafield tag="952" ind1=" " ind2=" ">
    <subfield code="0">0</subfield>
    <subfield code="1">0</subfield>
    <subfield code="4">0</subfield>
    <subfield code="7">0</subfield>
    <subfield code="a">BCEJYS</subfield>
    <subfield code="b">BCEJYS</subfield>
    <subfield code="c">17</subfield>
    <subfield code="d">1999-01-05</subfield>
    <subfield code="h">N&#xBA; 3571 - ene. 1999</subfield>
    <subfield code="l">0</subfield>
    <subfield code="o">H311.3 INF 3571</subfield>
    <subfield code="p">R13298</subfield>
    <subfield code="r">2026-04-10 16:08:37</subfield>
    <subfield code="w">2026-04-10</subfield>
    <subfield code="y">RN</subfield>
  </datafield>
  <datafield tag="952" ind1=" " ind2=" ">
    <subfield code="0">0</subfield>
    <subfield code="1">0</subfield>
    <subfield code="4">0</subfield>
    <subfield code="7">0</subfield>
    <subfield code="a">BCEJYS</subfield>
    <subfield code="b">BCEJYS</subfield>
    <subfield code="c">17</subfield>
    <subfield code="d">1998-12-30</subfield>
    <subfield code="h">N&#xBA; 3567 - dic. 1998</subfield>
    <subfield code="l">0</subfield>
    <subfield code="o">H311.3 INF 3567</subfield>
    <subfield code="p">R13297</subfield>
    <subfield code="r">2026-04-10 16:08:37</subfield>
    <subfield code="w">2026-04-10</subfield>
    <subfield code="y">RN</subfield>
  </datafield>
  <datafield tag="952" ind1=" " ind2=" ">
    <subfield code="0">0</subfield>
    <subfield code="1">0</subfield>
    <subfield code="4">0</subfield>
    <subfield code="7">0</subfield>
    <subfield code="a">BCEJYS</subfield>
    <subfield code="b">BCEJYS</subfield>
    <subfield code="c">17</subfield>
    <subfield code="d">1998-12-28</subfield>
    <subfield code="h">N&#xBA; 3560 - dic. 1998</subfield>
    <subfield code="l">0</subfield>
    <subfield code="o">H311.3 INF 3560</subfield>
    <subfield code="p">R13296</subfield>
    <subfield code="r">2026-04-10 16:08:37</subfield>
    <subfield code="w">2026-04-10</subfield>
    <subfield code="y">RN</subfield>
  </datafield>
  <datafield tag="952" ind1=" " ind2=" ">
    <subfield code="0">0</subfield>
    <subfield code="1">0</subfield>
    <subfield code="4">0</subfield>
    <subfield code="7">0</subfield>
    <subfield code="a">BCEJYS</subfield>
    <subfield code="b">BCEJYS</subfield>
    <subfield code="c">17</subfield>
    <subfield code="d">1998-12-23</subfield>
    <subfield code="h">N&#xBA; 3559 - dic. 1998</subfield>
    <subfield code="l">0</subfield>
    <subfield code="o">H311.3 INF 3559</subfield>
    <subfield code="p">R13295</subfield>
    <subfield code="r">2026-04-10 16:08:37</subfield>
    <subfield code="w">2026-04-10</subfield>
    <subfield code="y">RN</subfield>
  </datafield>
  <datafield tag="952" ind1=" " ind2=" ">
    <subfield code="0">0</subfield>
    <subfield code="1">0</subfield>
    <subfield code="4">0</subfield>
    <subfield code="7">0</subfield>
    <subfield code="a">BCEJYS</subfield>
    <subfield code="b">BCEJYS</subfield>
    <subfield code="c">17</subfield>
    <subfield code="d">1998-12-23</subfield>
    <subfield code="h">N&#xBA; 3558 - dic. 1998</subfield>
    <subfield code="l">0</subfield>
    <subfield code="o">H311.3 INF 3558</subfield>
    <subfield code="p">R13294</subfield>
    <subfield code="r">2026-04-10 16:08:37</subfield>
    <subfield code="w">2026-04-10</subfield>
    <subfield code="y">RN</subfield>
  </datafield>
  <datafield tag="952" ind1=" " ind2=" ">
    <subfield code="0">0</subfield>
    <subfield code="1">0</subfield>
    <subfield code="4">0</subfield>
    <subfield code="7">0</subfield>
    <subfield code="a">BCEJYS</subfield>
    <subfield code="b">BCEJYS</subfield>
    <subfield code="c">17</subfield>
    <subfield code="d">1998-12-21</subfield>
    <subfield code="h">N&#xBA; 3554 - dic. 1998</subfield>
    <subfield code="l">0</subfield>
    <subfield code="o">H311.3 INF 3554</subfield>
    <subfield code="p">R13293</subfield>
    <subfield code="r">2026-04-10 16:08:37</subfield>
    <subfield code="w">2026-04-10</subfield>
    <subfield code="y">RN</subfield>
  </datafield>
  <datafield tag="952" ind1=" " ind2=" ">
    <subfield code="0">0</subfield>
    <subfield code="1">0</subfield>
    <subfield code="4">0</subfield>
    <subfield code="7">0</subfield>
    <subfield code="a">BCEJYS</subfield>
    <subfield code="b">BCEJYS</subfield>
    <subfield code="c">17</subfield>
    <subfield code="d">1998-12-17</subfield>
    <subfield code="h">N&#xBA; 3549 - dic. 1998</subfield>
    <subfield code="l">0</subfield>
    <subfield code="o">H311.3 INF 3549</subfield>
    <subfield code="p">R13286</subfield>
    <subfield code="r">2026-04-10 16:08:37</subfield>
    <subfield code="w">2026-04-10</subfield>
    <subfield code="y">RN</subfield>
  </datafield>
  <datafield tag="952" ind1=" " ind2=" ">
    <subfield code="0">0</subfield>
    <subfield code="1">0</subfield>
    <subfield code="4">0</subfield>
    <subfield code="7">0</subfield>
    <subfield code="a">BCEJYS</subfield>
    <subfield code="b">BCEJYS</subfield>
    <subfield code="c">17</subfield>
    <subfield code="d">1998-12-02</subfield>
    <subfield code="h">N&#xBA; 3533 - dic. 1998</subfield>
    <subfield code="l">0</subfield>
    <subfield code="o">H311.3 INF 3533</subfield>
    <subfield code="p">R13285</subfield>
    <subfield code="r">2026-04-10 16:08:37</subfield>
    <subfield code="w">2026-04-10</subfield>
    <subfield code="y">RN</subfield>
  </datafield>
  <datafield tag="952" ind1=" " ind2=" ">
    <subfield code="0">0</subfield>
    <subfield code="1">0</subfield>
    <subfield code="4">0</subfield>
    <subfield code="7">0</subfield>
    <subfield code="a">BCEJYS</subfield>
    <subfield code="b">BCEJYS</subfield>
    <subfield code="c">17</subfield>
    <subfield code="d">1998-12-02</subfield>
    <subfield code="h">N&#xBA; 3532 - dic. 1998</subfield>
    <subfield code="l">0</subfield>
    <subfield code="o">H311.3 INF 3532</subfield>
    <subfield code="p">R13284</subfield>
    <subfield code="r">2026-04-10 16:08:37</subfield>
    <subfield code="w">2026-04-10</subfield>
    <subfield code="y">RN</subfield>
  </datafield>
  <datafield tag="952" ind1=" " ind2=" ">
    <subfield code="0">0</subfield>
    <subfield code="1">0</subfield>
    <subfield code="4">0</subfield>
    <subfield code="7">0</subfield>
    <subfield code="a">BCEJYS</subfield>
    <subfield code="b">BCEJYS</subfield>
    <subfield code="c">17</subfield>
    <subfield code="d">1998-11-30</subfield>
    <subfield code="h">N&#xBA; 3528 - nov. 1998</subfield>
    <subfield code="l">0</subfield>
    <subfield code="o">H311.3 INF 3528</subfield>
    <subfield code="p">R13283</subfield>
    <subfield code="r">2026-04-10 16:08:37</subfield>
    <subfield code="w">2026-04-10</subfield>
    <subfield code="y">RN</subfield>
  </datafield>
  <datafield tag="952" ind1=" " ind2=" ">
    <subfield code="0">0</subfield>
    <subfield code="1">0</subfield>
    <subfield code="4">0</subfield>
    <subfield code="7">0</subfield>
    <subfield code="a">BCEJYS</subfield>
    <subfield code="b">BCEJYS</subfield>
    <subfield code="c">17</subfield>
    <subfield code="d">1998-11-25</subfield>
    <subfield code="h">N&#xBA; 3521 - nov. 1998</subfield>
    <subfield code="l">0</subfield>
    <subfield code="o">H311.3 INF 3521</subfield>
    <subfield code="p">R13282</subfield>
    <subfield code="r">2026-04-10 16:08:37</subfield>
    <subfield code="w">2026-04-10</subfield>
    <subfield code="y">RN</subfield>
  </datafield>
  <datafield tag="952" ind1=" " ind2=" ">
    <subfield code="0">0</subfield>
    <subfield code="1">0</subfield>
    <subfield code="4">0</subfield>
    <subfield code="7">0</subfield>
    <subfield code="a">BCEJYS</subfield>
    <subfield code="b">BCEJYS</subfield>
    <subfield code="c">17</subfield>
    <subfield code="d">1998-11-24</subfield>
    <subfield code="h">N&#xBA; 3517 - nov. 1998</subfield>
    <subfield code="l">0</subfield>
    <subfield code="o">H311.3 INF 3517</subfield>
    <subfield code="p">R13281</subfield>
    <subfield code="r">2026-04-10 16:08:37</subfield>
    <subfield code="w">2026-04-10</subfield>
    <subfield code="y">RN</subfield>
  </datafield>
  <datafield tag="952" ind1=" " ind2=" ">
    <subfield code="0">0</subfield>
    <subfield code="1">0</subfield>
    <subfield code="4">0</subfield>
    <subfield code="7">0</subfield>
    <subfield code="a">BCEJYS</subfield>
    <subfield code="b">BCEJYS</subfield>
    <subfield code="c">17</subfield>
    <subfield code="d">1998-11-03</subfield>
    <subfield code="h">N&#xBA; 3496 - nov. 1998</subfield>
    <subfield code="l">0</subfield>
    <subfield code="o">H311.3 INF 3496</subfield>
    <subfield code="p">R13280</subfield>
    <subfield code="r">2026-04-10 16:08:37</subfield>
    <subfield code="w">2026-04-10</subfield>
    <subfield code="y">RN</subfield>
  </datafield>
  <datafield tag="952" ind1=" " ind2=" ">
    <subfield code="0">0</subfield>
    <subfield code="1">0</subfield>
    <subfield code="4">0</subfield>
    <subfield code="7">0</subfield>
    <subfield code="a">BCEJYS</subfield>
    <subfield code="b">BCEJYS</subfield>
    <subfield code="c">17</subfield>
    <subfield code="d">1998-10-30</subfield>
    <subfield code="h">N&#xBA; 3490 - oct. 1998</subfield>
    <subfield code="l">0</subfield>
    <subfield code="o">H311.3 INF 3490</subfield>
    <subfield code="p">R13279</subfield>
    <subfield code="r">2026-04-10 16:08:37</subfield>
    <subfield code="w">2026-04-10</subfield>
    <subfield code="y">RN</subfield>
  </datafield>
  <datafield tag="952" ind1=" " ind2=" ">
    <subfield code="0">0</subfield>
    <subfield code="1">0</subfield>
    <subfield code="4">0</subfield>
    <subfield code="7">0</subfield>
    <subfield code="a">BCEJYS</subfield>
    <subfield code="b">BCEJYS</subfield>
    <subfield code="c">17</subfield>
    <subfield code="d">1998-10-26</subfield>
    <subfield code="h">N&#xBA; 3483 - oct. 1998</subfield>
    <subfield code="l">0</subfield>
    <subfield code="o">H311.3 INF 3483</subfield>
    <subfield code="p">R13278</subfield>
    <subfield code="r">2026-04-10 16:08:37</subfield>
    <subfield code="w">2026-04-10</subfield>
    <subfield code="y">RN</subfield>
  </datafield>
  <datafield tag="952" ind1=" " ind2=" ">
    <subfield code="0">0</subfield>
    <subfield code="1">0</subfield>
    <subfield code="4">0</subfield>
    <subfield code="7">0</subfield>
    <subfield code="a">BCEJYS</subfield>
    <subfield code="b">BCEJYS</subfield>
    <subfield code="c">17</subfield>
    <subfield code="d">1998-10-23</subfield>
    <subfield code="h">N&#xBA; 3480 - oct. 1998</subfield>
    <subfield code="l">0</subfield>
    <subfield code="o">H311.3 INF 3480</subfield>
    <subfield code="p">R13277</subfield>
    <subfield code="r">2026-04-10 16:08:37</subfield>
    <subfield code="w">2026-04-10</subfield>
    <subfield code="y">RN</subfield>
  </datafield>
  <datafield tag="952" ind1=" " ind2=" ">
    <subfield code="0">0</subfield>
    <subfield code="1">0</subfield>
    <subfield code="4">0</subfield>
    <subfield code="7">0</subfield>
    <subfield code="a">BCEJYS</subfield>
    <subfield code="b">BCEJYS</subfield>
    <subfield code="c">17</subfield>
    <subfield code="d">1998-10-23</subfield>
    <subfield code="h">N&#xBA; 3479 - oct. 1998</subfield>
    <subfield code="l">0</subfield>
    <subfield code="o">H311.3 INF 3479</subfield>
    <subfield code="p">R13276</subfield>
    <subfield code="r">2026-04-10 16:08:37</subfield>
    <subfield code="w">2026-04-10</subfield>
    <subfield code="y">RN</subfield>
  </datafield>
  <datafield tag="952" ind1=" " ind2=" ">
    <subfield code="0">0</subfield>
    <subfield code="1">0</subfield>
    <subfield code="4">0</subfield>
    <subfield code="7">0</subfield>
    <subfield code="a">BCEJYS</subfield>
    <subfield code="b">BCEJYS</subfield>
    <subfield code="c">17</subfield>
    <subfield code="d">1998-10-16</subfield>
    <subfield code="h">N&#xBA; 3472 - oct. 1998</subfield>
    <subfield code="l">0</subfield>
    <subfield code="o">H311.3 INF 3472</subfield>
    <subfield code="p">R13275</subfield>
    <subfield code="r">2026-04-10 16:08:37</subfield>
    <subfield code="w">2026-04-10</subfield>
    <subfield code="y">RN</subfield>
  </datafield>
  <datafield tag="952" ind1=" " ind2=" ">
    <subfield code="0">0</subfield>
    <subfield code="1">0</subfield>
    <subfield code="4">0</subfield>
    <subfield code="7">0</subfield>
    <subfield code="a">BCEJYS</subfield>
    <subfield code="b">BCEJYS</subfield>
    <subfield code="c">17</subfield>
    <subfield code="d">1998-10-02</subfield>
    <subfield code="h">N&#xBA; 3457 - oct. 1998</subfield>
    <subfield code="l">0</subfield>
    <subfield code="o">H311.3 INF 3457</subfield>
    <subfield code="p">R13274</subfield>
    <subfield code="r">2026-04-10 16:08:37</subfield>
    <subfield code="w">2026-04-10</subfield>
    <subfield code="y">RN</subfield>
  </datafield>
  <datafield tag="952" ind1=" " ind2=" ">
    <subfield code="0">0</subfield>
    <subfield code="1">0</subfield>
    <subfield code="4">0</subfield>
    <subfield code="7">0</subfield>
    <subfield code="a">BCEJYS</subfield>
    <subfield code="b">BCEJYS</subfield>
    <subfield code="c">17</subfield>
    <subfield code="d">1998-10-02</subfield>
    <subfield code="h">N&#xBA; 3455 - oct. 1998</subfield>
    <subfield code="l">0</subfield>
    <subfield code="o">H311.3 INF 3455</subfield>
    <subfield code="p">R13273</subfield>
    <subfield code="r">2026-04-10 16:08:37</subfield>
    <subfield code="w">2026-04-10</subfield>
    <subfield code="y">RN</subfield>
  </datafield>
  <datafield tag="952" ind1=" " ind2=" ">
    <subfield code="0">0</subfield>
    <subfield code="1">0</subfield>
    <subfield code="4">0</subfield>
    <subfield code="7">0</subfield>
    <subfield code="a">BCEJYS</subfield>
    <subfield code="b">BCEJYS</subfield>
    <subfield code="c">17</subfield>
    <subfield code="d">1998-09-30</subfield>
    <subfield code="h">N&#xBA; 3452 - sep. 1998</subfield>
    <subfield code="l">0</subfield>
    <subfield code="o">H311.3 INF 3452</subfield>
    <subfield code="p">R13272</subfield>
    <subfield code="r">2026-04-10 16:08:37</subfield>
    <subfield code="w">2026-04-10</subfield>
    <subfield code="y">RN</subfield>
  </datafield>
  <datafield tag="952" ind1=" " ind2=" ">
    <subfield code="0">0</subfield>
    <subfield code="1">0</subfield>
    <subfield code="4">0</subfield>
    <subfield code="7">0</subfield>
    <subfield code="a">BCEJYS</subfield>
    <subfield code="b">BCEJYS</subfield>
    <subfield code="c">17</subfield>
    <subfield code="d">1998-09-25</subfield>
    <subfield code="h">N&#xBA; 3446 - sep. 1998</subfield>
    <subfield code="l">0</subfield>
    <subfield code="o">H311.3 INF 3446</subfield>
    <subfield code="p">R13271</subfield>
    <subfield code="r">2026-04-10 16:08:37</subfield>
    <subfield code="w">2026-04-10</subfield>
    <subfield code="y">RN</subfield>
  </datafield>
  <datafield tag="952" ind1=" " ind2=" ">
    <subfield code="0">0</subfield>
    <subfield code="1">0</subfield>
    <subfield code="4">0</subfield>
    <subfield code="7">0</subfield>
    <subfield code="a">BCEJYS</subfield>
    <subfield code="b">BCEJYS</subfield>
    <subfield code="c">17</subfield>
    <subfield code="d">1998-09-24</subfield>
    <subfield code="h">N&#xBA; 3445 - sep. 1998</subfield>
    <subfield code="l">0</subfield>
    <subfield code="o">H311.3 INF 3445</subfield>
    <subfield code="p">R13267</subfield>
    <subfield code="r">2026-04-10 16:08:37</subfield>
    <subfield code="w">2026-04-10</subfield>
    <subfield code="y">RN</subfield>
  </datafield>
  <datafield tag="952" ind1=" " ind2=" ">
    <subfield code="0">0</subfield>
    <subfield code="1">0</subfield>
    <subfield code="4">0</subfield>
    <subfield code="7">0</subfield>
    <subfield code="a">BCEJYS</subfield>
    <subfield code="b">BCEJYS</subfield>
    <subfield code="c">17</subfield>
    <subfield code="d">1998-09-23</subfield>
    <subfield code="h">N&#xBA; 3442 - sep. 1998</subfield>
    <subfield code="l">0</subfield>
    <subfield code="o">H311.3 INF 3442</subfield>
    <subfield code="p">R13270</subfield>
    <subfield code="r">2026-04-10 16:08:37</subfield>
    <subfield code="w">2026-04-10</subfield>
    <subfield code="y">RN</subfield>
  </datafield>
  <datafield tag="952" ind1=" " ind2=" ">
    <subfield code="0">0</subfield>
    <subfield code="1">0</subfield>
    <subfield code="4">0</subfield>
    <subfield code="7">0</subfield>
    <subfield code="a">BCEJYS</subfield>
    <subfield code="b">BCEJYS</subfield>
    <subfield code="c">17</subfield>
    <subfield code="d">1998-09-23</subfield>
    <subfield code="h">N&#xBA; 3441 - sep. 1998</subfield>
    <subfield code="l">0</subfield>
    <subfield code="o">H311.3 INF 3441</subfield>
    <subfield code="p">R13269</subfield>
    <subfield code="r">2026-04-10 16:08:37</subfield>
    <subfield code="w">2026-04-10</subfield>
    <subfield code="y">RN</subfield>
  </datafield>
  <datafield tag="952" ind1=" " ind2=" ">
    <subfield code="0">0</subfield>
    <subfield code="1">0</subfield>
    <subfield code="4">0</subfield>
    <subfield code="7">0</subfield>
    <subfield code="a">BCEJYS</subfield>
    <subfield code="b">BCEJYS</subfield>
    <subfield code="c">17</subfield>
    <subfield code="d">1998-09-22</subfield>
    <subfield code="h">N&#xBA; 3439 - sep. 1998</subfield>
    <subfield code="l">0</subfield>
    <subfield code="o">H311.3 INF 3439</subfield>
    <subfield code="p">R13268</subfield>
    <subfield code="r">2026-04-10 16:08:37</subfield>
    <subfield code="w">2026-04-10</subfield>
    <subfield code="y">RN</subfield>
  </datafield>
  <datafield tag="952" ind1=" " ind2=" ">
    <subfield code="0">0</subfield>
    <subfield code="1">0</subfield>
    <subfield code="4">0</subfield>
    <subfield code="7">0</subfield>
    <subfield code="a">BCEJYS</subfield>
    <subfield code="b">BCEJYS</subfield>
    <subfield code="c">17</subfield>
    <subfield code="d">1998-08-31</subfield>
    <subfield code="h">N&#xBA; 3414 - ago. 1998</subfield>
    <subfield code="l">0</subfield>
    <subfield code="o">H311.3 INF 3414</subfield>
    <subfield code="p">R13265</subfield>
    <subfield code="r">2026-04-10 16:08:37</subfield>
    <subfield code="w">2026-04-10</subfield>
    <subfield code="y">RN</subfield>
  </datafield>
  <datafield tag="952" ind1=" " ind2=" ">
    <subfield code="0">0</subfield>
    <subfield code="1">0</subfield>
    <subfield code="4">0</subfield>
    <subfield code="7">0</subfield>
    <subfield code="a">BCEJYS</subfield>
    <subfield code="b">BCEJYS</subfield>
    <subfield code="c">17</subfield>
    <subfield code="d">1998-08-26</subfield>
    <subfield code="h">N&#xBA; 3408 - ago. 1998</subfield>
    <subfield code="l">0</subfield>
    <subfield code="o">H311.3 INF 3408</subfield>
    <subfield code="p">R13264</subfield>
    <subfield code="r">2026-04-10 16:08:37</subfield>
    <subfield code="w">2026-04-10</subfield>
    <subfield code="y">RN</subfield>
  </datafield>
  <datafield tag="952" ind1=" " ind2=" ">
    <subfield code="0">0</subfield>
    <subfield code="1">0</subfield>
    <subfield code="4">0</subfield>
    <subfield code="7">0</subfield>
    <subfield code="a">BCEJYS</subfield>
    <subfield code="b">BCEJYS</subfield>
    <subfield code="c">17</subfield>
    <subfield code="d">1998-08-25</subfield>
    <subfield code="h">N&#xBA; 3404 - ago. 1998</subfield>
    <subfield code="l">0</subfield>
    <subfield code="o">H311.3 INF 3404</subfield>
    <subfield code="p">R13263</subfield>
    <subfield code="r">2026-04-10 16:08:37</subfield>
    <subfield code="w">2026-04-10</subfield>
    <subfield code="y">RN</subfield>
  </datafield>
  <datafield tag="952" ind1=" " ind2=" ">
    <subfield code="0">0</subfield>
    <subfield code="1">0</subfield>
    <subfield code="4">0</subfield>
    <subfield code="7">0</subfield>
    <subfield code="a">BCEJYS</subfield>
    <subfield code="b">BCEJYS</subfield>
    <subfield code="c">17</subfield>
    <subfield code="d">1998-08-24</subfield>
    <subfield code="h">N&#xBA; 3403 - ago. 1998</subfield>
    <subfield code="l">0</subfield>
    <subfield code="o">H311.3 INF 3403</subfield>
    <subfield code="p">R13266</subfield>
    <subfield code="r">2026-04-10 16:08:37</subfield>
    <subfield code="w">2026-04-10</subfield>
    <subfield code="y">RN</subfield>
  </datafield>
  <datafield tag="952" ind1=" " ind2=" ">
    <subfield code="0">0</subfield>
    <subfield code="1">0</subfield>
    <subfield code="4">0</subfield>
    <subfield code="7">0</subfield>
    <subfield code="a">BCEJYS</subfield>
    <subfield code="b">BCEJYS</subfield>
    <subfield code="c">17</subfield>
    <subfield code="d">1998-08-24</subfield>
    <subfield code="h">N&#xBA; 3402 - ago. 1998</subfield>
    <subfield code="l">0</subfield>
    <subfield code="o">H311.3 INF 3402</subfield>
    <subfield code="p">R13262</subfield>
    <subfield code="r">2026-04-10 16:08:37</subfield>
    <subfield code="w">2026-04-10</subfield>
    <subfield code="y">RN</subfield>
  </datafield>
  <datafield tag="952" ind1=" " ind2=" ">
    <subfield code="0">0</subfield>
    <subfield code="1">0</subfield>
    <subfield code="4">0</subfield>
    <subfield code="7">0</subfield>
    <subfield code="a">BCEJYS</subfield>
    <subfield code="b">BCEJYS</subfield>
    <subfield code="c">17</subfield>
    <subfield code="d">1998-08-04</subfield>
    <subfield code="h">N&#xBA; 3381 - ago. 1998</subfield>
    <subfield code="l">0</subfield>
    <subfield code="o">H311.3 INF 3381</subfield>
    <subfield code="p">R13261</subfield>
    <subfield code="r">2026-04-10 16:08:37</subfield>
    <subfield code="w">2026-04-10</subfield>
    <subfield code="y">RN</subfield>
  </datafield>
  <datafield tag="952" ind1=" " ind2=" ">
    <subfield code="0">0</subfield>
    <subfield code="1">0</subfield>
    <subfield code="4">0</subfield>
    <subfield code="7">0</subfield>
    <subfield code="a">BCEJYS</subfield>
    <subfield code="b">BCEJYS</subfield>
    <subfield code="c">17</subfield>
    <subfield code="d">1998-08-04</subfield>
    <subfield code="h">N&#xBA; 3379 - ago. 1998</subfield>
    <subfield code="l">0</subfield>
    <subfield code="o">H311.3 INF 3379</subfield>
    <subfield code="p">R13260</subfield>
    <subfield code="r">2026-04-10 16:08:37</subfield>
    <subfield code="w">2026-04-10</subfield>
    <subfield code="y">RN</subfield>
  </datafield>
  <datafield tag="952" ind1=" " ind2=" ">
    <subfield code="0">0</subfield>
    <subfield code="1">0</subfield>
    <subfield code="4">0</subfield>
    <subfield code="7">0</subfield>
    <subfield code="a">BCEJYS</subfield>
    <subfield code="b">BCEJYS</subfield>
    <subfield code="c">17</subfield>
    <subfield code="d">1998-07-31</subfield>
    <subfield code="h">N&#xBA; 3376 - jul. 1998</subfield>
    <subfield code="l">0</subfield>
    <subfield code="o">H311.3 INF 3376</subfield>
    <subfield code="p">R13259</subfield>
    <subfield code="r">2026-04-10 16:08:37</subfield>
    <subfield code="w">2026-04-10</subfield>
    <subfield code="y">RN</subfield>
  </datafield>
  <datafield tag="952" ind1=" " ind2=" ">
    <subfield code="0">0</subfield>
    <subfield code="1">0</subfield>
    <subfield code="4">0</subfield>
    <subfield code="7">0</subfield>
    <subfield code="a">BCEJYS</subfield>
    <subfield code="b">BCEJYS</subfield>
    <subfield code="c">17</subfield>
    <subfield code="d">1998-06-30</subfield>
    <subfield code="h">N&#xBA; 3359 - jun. 1998</subfield>
    <subfield code="l">0</subfield>
    <subfield code="o">H311.3 INF 3359</subfield>
    <subfield code="p">R13258</subfield>
    <subfield code="r">2026-04-10 16:08:37</subfield>
    <subfield code="w">2026-04-10</subfield>
    <subfield code="y">RN</subfield>
  </datafield>
  <datafield tag="952" ind1=" " ind2=" ">
    <subfield code="0">0</subfield>
    <subfield code="1">0</subfield>
    <subfield code="4">0</subfield>
    <subfield code="7">0</subfield>
    <subfield code="a">BCEJYS</subfield>
    <subfield code="b">BCEJYS</subfield>
    <subfield code="c">17</subfield>
    <subfield code="d">1998-06-29</subfield>
    <subfield code="h">N&#xBA; 3347 - jun. 1998</subfield>
    <subfield code="l">0</subfield>
    <subfield code="o">H311.3 INF 3347</subfield>
    <subfield code="p">R13257</subfield>
    <subfield code="r">2026-04-10 16:08:37</subfield>
    <subfield code="w">2026-04-10</subfield>
    <subfield code="y">RN</subfield>
  </datafield>
  <datafield tag="952" ind1=" " ind2=" ">
    <subfield code="0">0</subfield>
    <subfield code="1">0</subfield>
    <subfield code="4">0</subfield>
    <subfield code="7">0</subfield>
    <subfield code="a">BCEJYS</subfield>
    <subfield code="b">BCEJYS</subfield>
    <subfield code="c">17</subfield>
    <subfield code="d">1998-06-29</subfield>
    <subfield code="h">N&#xBA; 3336 - jun. 1998</subfield>
    <subfield code="l">0</subfield>
    <subfield code="o">H311.3 INF 3336</subfield>
    <subfield code="p">R13256</subfield>
    <subfield code="r">2026-04-10 16:08:37</subfield>
    <subfield code="w">2026-04-10</subfield>
    <subfield code="y">RN</subfield>
  </datafield>
  <datafield tag="952" ind1=" " ind2=" ">
    <subfield code="0">0</subfield>
    <subfield code="1">0</subfield>
    <subfield code="4">0</subfield>
    <subfield code="7">0</subfield>
    <subfield code="a">BCEJYS</subfield>
    <subfield code="b">BCEJYS</subfield>
    <subfield code="c">17</subfield>
    <subfield code="d">1998-06-24</subfield>
    <subfield code="h">N&#xBA; 3329 - jun. 1998</subfield>
    <subfield code="l">0</subfield>
    <subfield code="o">H311.3 INF 3329</subfield>
    <subfield code="p">R13255</subfield>
    <subfield code="r">2026-04-10 16:08:37</subfield>
    <subfield code="w">2026-04-10</subfield>
    <subfield code="y">RN</subfield>
  </datafield>
  <datafield tag="952" ind1=" " ind2=" ">
    <subfield code="0">0</subfield>
    <subfield code="1">0</subfield>
    <subfield code="4">0</subfield>
    <subfield code="7">0</subfield>
    <subfield code="a">BCEJYS</subfield>
    <subfield code="b">BCEJYS</subfield>
    <subfield code="c">17</subfield>
    <subfield code="d">1998-06-02</subfield>
    <subfield code="h">N&#xBA; 3307 - jun. 1998</subfield>
    <subfield code="l">0</subfield>
    <subfield code="o">H311.3 INF 3307</subfield>
    <subfield code="p">R13254</subfield>
    <subfield code="r">2026-04-10 16:08:37</subfield>
    <subfield code="w">2026-04-10</subfield>
    <subfield code="y">RN</subfield>
  </datafield>
  <datafield tag="952" ind1=" " ind2=" ">
    <subfield code="0">0</subfield>
    <subfield code="1">0</subfield>
    <subfield code="4">0</subfield>
    <subfield code="7">0</subfield>
    <subfield code="a">BCEJYS</subfield>
    <subfield code="b">BCEJYS</subfield>
    <subfield code="c">17</subfield>
    <subfield code="d">1998-06-01</subfield>
    <subfield code="h">N&#xBA; 3306 - jun./jul. 1998</subfield>
    <subfield code="l">0</subfield>
    <subfield code="o">H311.3 INF 3306</subfield>
    <subfield code="p">R13253</subfield>
    <subfield code="r">2026-04-10 16:08:37</subfield>
    <subfield code="w">2026-04-10</subfield>
    <subfield code="y">RN</subfield>
  </datafield>
  <datafield tag="952" ind1=" " ind2=" ">
    <subfield code="0">0</subfield>
    <subfield code="1">0</subfield>
    <subfield code="4">0</subfield>
    <subfield code="7">0</subfield>
    <subfield code="a">BCEJYS</subfield>
    <subfield code="b">BCEJYS</subfield>
    <subfield code="c">17</subfield>
    <subfield code="d">1998-05-29</subfield>
    <subfield code="h">N&#xBA; 3301 - mayo 1998</subfield>
    <subfield code="l">0</subfield>
    <subfield code="o">H311.3 INF 3301</subfield>
    <subfield code="p">R13250</subfield>
    <subfield code="r">2026-04-10 16:08:37</subfield>
    <subfield code="w">2026-04-10</subfield>
    <subfield code="y">RN</subfield>
  </datafield>
  <datafield tag="952" ind1=" " ind2=" ">
    <subfield code="0">0</subfield>
    <subfield code="1">0</subfield>
    <subfield code="4">0</subfield>
    <subfield code="7">0</subfield>
    <subfield code="a">BCEJYS</subfield>
    <subfield code="b">BCEJYS</subfield>
    <subfield code="c">17</subfield>
    <subfield code="d">1998-05-28</subfield>
    <subfield code="h">N&#xBA; 3299 - mayo 1998</subfield>
    <subfield code="l">0</subfield>
    <subfield code="o">H311.3 INF 3299</subfield>
    <subfield code="p">R13249</subfield>
    <subfield code="r">2026-04-10 16:08:37</subfield>
    <subfield code="w">2026-04-10</subfield>
    <subfield code="y">RN</subfield>
  </datafield>
  <datafield tag="952" ind1=" " ind2=" ">
    <subfield code="0">0</subfield>
    <subfield code="1">0</subfield>
    <subfield code="4">0</subfield>
    <subfield code="7">0</subfield>
    <subfield code="a">BCEJYS</subfield>
    <subfield code="b">BCEJYS</subfield>
    <subfield code="c">17</subfield>
    <subfield code="d">1998-05-26</subfield>
    <subfield code="h">N&#xBA; 3296 - mayo 1998</subfield>
    <subfield code="l">0</subfield>
    <subfield code="o">H311.3 INF 3296</subfield>
    <subfield code="p">R13248</subfield>
    <subfield code="r">2026-04-10 16:08:37</subfield>
    <subfield code="w">2026-04-10</subfield>
    <subfield code="y">RN</subfield>
  </datafield>
  <datafield tag="952" ind1=" " ind2=" ">
    <subfield code="0">0</subfield>
    <subfield code="1">0</subfield>
    <subfield code="4">0</subfield>
    <subfield code="7">0</subfield>
    <subfield code="a">BCEJYS</subfield>
    <subfield code="b">BCEJYS</subfield>
    <subfield code="c">17</subfield>
    <subfield code="d">1998-05-26</subfield>
    <subfield code="h">N&#xBA; 3295 - mayo 1998</subfield>
    <subfield code="l">0</subfield>
    <subfield code="o">H311.3 INF 3295</subfield>
    <subfield code="p">R13247</subfield>
    <subfield code="r">2026-04-10 16:08:37</subfield>
    <subfield code="w">2026-04-10</subfield>
    <subfield code="y">RN</subfield>
  </datafield>
  <datafield tag="952" ind1=" " ind2=" ">
    <subfield code="0">0</subfield>
    <subfield code="1">0</subfield>
    <subfield code="4">0</subfield>
    <subfield code="7">0</subfield>
    <subfield code="a">BCEJYS</subfield>
    <subfield code="b">BCEJYS</subfield>
    <subfield code="c">17</subfield>
    <subfield code="d">1998-05-26</subfield>
    <subfield code="h">N&#xBA; 3294 - mayo 1998</subfield>
    <subfield code="l">0</subfield>
    <subfield code="o">H311.3 INF 3294</subfield>
    <subfield code="p">R13246</subfield>
    <subfield code="r">2026-04-10 16:08:37</subfield>
    <subfield code="w">2026-04-10</subfield>
    <subfield code="y">RN</subfield>
  </datafield>
  <datafield tag="952" ind1=" " ind2=" ">
    <subfield code="0">0</subfield>
    <subfield code="1">0</subfield>
    <subfield code="4">0</subfield>
    <subfield code="7">0</subfield>
    <subfield code="a">BCEJYS</subfield>
    <subfield code="b">BCEJYS</subfield>
    <subfield code="c">17</subfield>
    <subfield code="d">1998-05-05</subfield>
    <subfield code="h">N&#xBA; 3274 - mayo 1998</subfield>
    <subfield code="l">0</subfield>
    <subfield code="o">H311.3 INF 3274</subfield>
    <subfield code="p">R13245</subfield>
    <subfield code="r">2026-04-10 16:08:38</subfield>
    <subfield code="w">2026-04-10</subfield>
    <subfield code="y">RN</subfield>
  </datafield>
  <datafield tag="952" ind1=" " ind2=" ">
    <subfield code="0">0</subfield>
    <subfield code="1">0</subfield>
    <subfield code="4">0</subfield>
    <subfield code="7">0</subfield>
    <subfield code="a">BCEJYS</subfield>
    <subfield code="b">BCEJYS</subfield>
    <subfield code="c">17</subfield>
    <subfield code="d">1998-04-30</subfield>
    <subfield code="h">N&#xBA; 3269 - abr. 1998</subfield>
    <subfield code="l">0</subfield>
    <subfield code="o">H311.3 INF 3269</subfield>
    <subfield code="p">R13244</subfield>
    <subfield code="r">2026-04-10 16:08:38</subfield>
    <subfield code="w">2026-04-10</subfield>
    <subfield code="y">RN</subfield>
  </datafield>
  <datafield tag="952" ind1=" " ind2=" ">
    <subfield code="0">0</subfield>
    <subfield code="1">0</subfield>
    <subfield code="4">0</subfield>
    <subfield code="7">0</subfield>
    <subfield code="a">BCEJYS</subfield>
    <subfield code="b">BCEJYS</subfield>
    <subfield code="c">17</subfield>
    <subfield code="d">1998-04-28</subfield>
    <subfield code="h">N&#xBA; 3266 - abr. 1998</subfield>
    <subfield code="l">0</subfield>
    <subfield code="o">H311.3 INF 3266</subfield>
    <subfield code="p">R13243</subfield>
    <subfield code="r">2026-04-10 16:08:38</subfield>
    <subfield code="w">2026-04-10</subfield>
    <subfield code="y">RN</subfield>
  </datafield>
  <datafield tag="952" ind1=" " ind2=" ">
    <subfield code="0">0</subfield>
    <subfield code="1">0</subfield>
    <subfield code="4">0</subfield>
    <subfield code="7">0</subfield>
    <subfield code="a">BCEJYS</subfield>
    <subfield code="b">BCEJYS</subfield>
    <subfield code="c">17</subfield>
    <subfield code="d">1998-04-24</subfield>
    <subfield code="h">N&#xBA; 3262 - abr. 1998</subfield>
    <subfield code="l">0</subfield>
    <subfield code="o">H311.3 INF 3262</subfield>
    <subfield code="p">R13242</subfield>
    <subfield code="r">2026-04-10 16:08:38</subfield>
    <subfield code="w">2026-04-10</subfield>
    <subfield code="y">RN</subfield>
  </datafield>
  <datafield tag="952" ind1=" " ind2=" ">
    <subfield code="0">0</subfield>
    <subfield code="1">0</subfield>
    <subfield code="4">0</subfield>
    <subfield code="7">0</subfield>
    <subfield code="a">BCEJYS</subfield>
    <subfield code="b">BCEJYS</subfield>
    <subfield code="c">17</subfield>
    <subfield code="d">1998-04-24</subfield>
    <subfield code="h">N&#xBA; 3261 - abr. 1998</subfield>
    <subfield code="l">0</subfield>
    <subfield code="o">H311.3 INF 3261</subfield>
    <subfield code="p">R13241</subfield>
    <subfield code="r">2026-04-10 16:08:38</subfield>
    <subfield code="w">2026-04-10</subfield>
    <subfield code="y">RN</subfield>
  </datafield>
  <datafield tag="952" ind1=" " ind2=" ">
    <subfield code="0">0</subfield>
    <subfield code="1">0</subfield>
    <subfield code="4">0</subfield>
    <subfield code="7">0</subfield>
    <subfield code="a">BCEJYS</subfield>
    <subfield code="b">BCEJYS</subfield>
    <subfield code="c">17</subfield>
    <subfield code="d">1998-04-23</subfield>
    <subfield code="h">N&#xBA; 3258 - abr. 1998</subfield>
    <subfield code="l">0</subfield>
    <subfield code="o">H311.3 INF 3258</subfield>
    <subfield code="p">R13240</subfield>
    <subfield code="r">2026-04-10 16:08:38</subfield>
    <subfield code="w">2026-04-10</subfield>
    <subfield code="y">RN</subfield>
  </datafield>
  <datafield tag="952" ind1=" " ind2=" ">
    <subfield code="0">0</subfield>
    <subfield code="1">0</subfield>
    <subfield code="4">0</subfield>
    <subfield code="7">0</subfield>
    <subfield code="a">BCEJYS</subfield>
    <subfield code="b">BCEJYS</subfield>
    <subfield code="c">17</subfield>
    <subfield code="d">1998-04-22</subfield>
    <subfield code="h">N&#xBA; 3256 - abr. 1998</subfield>
    <subfield code="l">0</subfield>
    <subfield code="o">H311.3 INF 3256</subfield>
    <subfield code="p">R13239</subfield>
    <subfield code="r">2026-04-10 16:08:38</subfield>
    <subfield code="w">2026-04-10</subfield>
    <subfield code="y">RN</subfield>
  </datafield>
  <datafield tag="952" ind1=" " ind2=" ">
    <subfield code="0">0</subfield>
    <subfield code="1">0</subfield>
    <subfield code="4">0</subfield>
    <subfield code="7">0</subfield>
    <subfield code="a">BCEJYS</subfield>
    <subfield code="b">BCEJYS</subfield>
    <subfield code="c">17</subfield>
    <subfield code="d">1998-04-02</subfield>
    <subfield code="h">N&#xBA; 3237 - abr. 1998</subfield>
    <subfield code="l">0</subfield>
    <subfield code="o">H311.3 INF 3237</subfield>
    <subfield code="p">R13237</subfield>
    <subfield code="r">2026-04-10 16:08:38</subfield>
    <subfield code="w">2026-04-10</subfield>
    <subfield code="y">RN</subfield>
  </datafield>
  <datafield tag="952" ind1=" " ind2=" ">
    <subfield code="0">0</subfield>
    <subfield code="1">0</subfield>
    <subfield code="4">0</subfield>
    <subfield code="7">0</subfield>
    <subfield code="a">BCEJYS</subfield>
    <subfield code="b">BCEJYS</subfield>
    <subfield code="c">17</subfield>
    <subfield code="d">1998-03-26</subfield>
    <subfield code="h">N&#xBA; 3228 - mar. 1998</subfield>
    <subfield code="l">0</subfield>
    <subfield code="o">H311.3 INF 3228</subfield>
    <subfield code="p">R13236</subfield>
    <subfield code="r">2026-04-10 16:08:38</subfield>
    <subfield code="w">2026-04-10</subfield>
    <subfield code="y">RN</subfield>
  </datafield>
  <datafield tag="952" ind1=" " ind2=" ">
    <subfield code="0">0</subfield>
    <subfield code="1">0</subfield>
    <subfield code="4">0</subfield>
    <subfield code="7">0</subfield>
    <subfield code="a">BCEJYS</subfield>
    <subfield code="b">BCEJYS</subfield>
    <subfield code="c">17</subfield>
    <subfield code="d">1998-03-24</subfield>
    <subfield code="h">N&#xBA; 3224 - mar. 1998</subfield>
    <subfield code="l">0</subfield>
    <subfield code="o">H311.3 INF 3224</subfield>
    <subfield code="p">R13235</subfield>
    <subfield code="r">2026-04-10 16:08:38</subfield>
    <subfield code="w">2026-04-10</subfield>
    <subfield code="y">RN</subfield>
  </datafield>
  <datafield tag="952" ind1=" " ind2=" ">
    <subfield code="0">0</subfield>
    <subfield code="1">0</subfield>
    <subfield code="4">0</subfield>
    <subfield code="7">0</subfield>
    <subfield code="a">BCEJYS</subfield>
    <subfield code="b">BCEJYS</subfield>
    <subfield code="c">17</subfield>
    <subfield code="d">1998-03-24</subfield>
    <subfield code="h">N&#xBA; 3223 - mar. 1998</subfield>
    <subfield code="l">0</subfield>
    <subfield code="o">H311.3 INF 3223</subfield>
    <subfield code="p">R13234</subfield>
    <subfield code="r">2026-04-10 16:08:38</subfield>
    <subfield code="w">2026-04-10</subfield>
    <subfield code="y">RN</subfield>
  </datafield>
  <datafield tag="952" ind1=" " ind2=" ">
    <subfield code="0">0</subfield>
    <subfield code="1">0</subfield>
    <subfield code="4">0</subfield>
    <subfield code="7">0</subfield>
    <subfield code="a">BCEJYS</subfield>
    <subfield code="b">BCEJYS</subfield>
    <subfield code="c">17</subfield>
    <subfield code="d">1998-03-23</subfield>
    <subfield code="h">N&#xBA; 3221 - mar. 1998</subfield>
    <subfield code="l">0</subfield>
    <subfield code="o">H311.3 INF 3221</subfield>
    <subfield code="p">R13233</subfield>
    <subfield code="r">2026-04-10 16:08:38</subfield>
    <subfield code="w">2026-04-10</subfield>
    <subfield code="y">RN</subfield>
  </datafield>
  <datafield tag="952" ind1=" " ind2=" ">
    <subfield code="0">0</subfield>
    <subfield code="1">0</subfield>
    <subfield code="4">0</subfield>
    <subfield code="7">0</subfield>
    <subfield code="a">BCEJYS</subfield>
    <subfield code="b">BCEJYS</subfield>
    <subfield code="c">17</subfield>
    <subfield code="d">1998-03-20</subfield>
    <subfield code="h">N&#xBA; 3218 - mar. 1998</subfield>
    <subfield code="l">0</subfield>
    <subfield code="o">H311.3 INF 3218</subfield>
    <subfield code="p">R13232</subfield>
    <subfield code="r">2026-04-10 16:08:38</subfield>
    <subfield code="w">2026-04-10</subfield>
    <subfield code="y">RN</subfield>
  </datafield>
  <datafield tag="952" ind1=" " ind2=" ">
    <subfield code="0">0</subfield>
    <subfield code="1">0</subfield>
    <subfield code="4">0</subfield>
    <subfield code="7">0</subfield>
    <subfield code="a">BCEJYS</subfield>
    <subfield code="b">BCEJYS</subfield>
    <subfield code="c">17</subfield>
    <subfield code="d">1998-03-20</subfield>
    <subfield code="h">N&#xBA; 3217 - mar. 1998</subfield>
    <subfield code="l">0</subfield>
    <subfield code="o">H311.3 INF 3217</subfield>
    <subfield code="p">R13231</subfield>
    <subfield code="r">2026-04-10 16:08:38</subfield>
    <subfield code="w">2026-04-10</subfield>
    <subfield code="y">RN</subfield>
  </datafield>
  <datafield tag="952" ind1=" " ind2=" ">
    <subfield code="0">0</subfield>
    <subfield code="1">0</subfield>
    <subfield code="4">0</subfield>
    <subfield code="7">0</subfield>
    <subfield code="a">BCEJYS</subfield>
    <subfield code="b">BCEJYS</subfield>
    <subfield code="c">17</subfield>
    <subfield code="d">1998-03-03</subfield>
    <subfield code="h">N&#xBA; 3195 - mar. 1998</subfield>
    <subfield code="l">0</subfield>
    <subfield code="o">H311.3 INF 3195</subfield>
    <subfield code="p">R13230</subfield>
    <subfield code="r">2026-04-10 16:08:38</subfield>
    <subfield code="w">2026-04-10</subfield>
    <subfield code="y">RN</subfield>
  </datafield>
  <datafield tag="952" ind1=" " ind2=" ">
    <subfield code="0">0</subfield>
    <subfield code="1">0</subfield>
    <subfield code="4">0</subfield>
    <subfield code="7">0</subfield>
    <subfield code="a">BCEJYS</subfield>
    <subfield code="b">BCEJYS</subfield>
    <subfield code="c">17</subfield>
    <subfield code="d">1998-02-27</subfield>
    <subfield code="h">N&#xBA; 3191 - feb. 1998</subfield>
    <subfield code="l">0</subfield>
    <subfield code="o">H311.3 INF 3191</subfield>
    <subfield code="p">R13229</subfield>
    <subfield code="r">2026-04-10 16:08:38</subfield>
    <subfield code="w">2026-04-10</subfield>
    <subfield code="y">RN</subfield>
  </datafield>
  <datafield tag="952" ind1=" " ind2=" ">
    <subfield code="0">0</subfield>
    <subfield code="1">0</subfield>
    <subfield code="4">0</subfield>
    <subfield code="7">0</subfield>
    <subfield code="a">BCEJYS</subfield>
    <subfield code="b">BCEJYS</subfield>
    <subfield code="c">17</subfield>
    <subfield code="d">1998-02-26</subfield>
    <subfield code="h">N&#xBA; 3189 - feb. 1998</subfield>
    <subfield code="l">0</subfield>
    <subfield code="o">H311.3 INF 3189</subfield>
    <subfield code="p">R13228</subfield>
    <subfield code="r">2026-04-10 16:08:38</subfield>
    <subfield code="w">2026-04-10</subfield>
    <subfield code="y">RN</subfield>
  </datafield>
  <datafield tag="952" ind1=" " ind2=" ">
    <subfield code="0">0</subfield>
    <subfield code="1">0</subfield>
    <subfield code="4">0</subfield>
    <subfield code="7">0</subfield>
    <subfield code="a">BCEJYS</subfield>
    <subfield code="b">BCEJYS</subfield>
    <subfield code="c">17</subfield>
    <subfield code="d">1998-02-26</subfield>
    <subfield code="h">N&#xBA; 3188 - feb. 1998</subfield>
    <subfield code="l">0</subfield>
    <subfield code="o">H311.3 INF 3188</subfield>
    <subfield code="p">R13227</subfield>
    <subfield code="r">2026-04-10 16:08:38</subfield>
    <subfield code="w">2026-04-10</subfield>
    <subfield code="y">RN</subfield>
  </datafield>
  <datafield tag="952" ind1=" " ind2=" ">
    <subfield code="0">0</subfield>
    <subfield code="1">0</subfield>
    <subfield code="4">0</subfield>
    <subfield code="7">0</subfield>
    <subfield code="a">BCEJYS</subfield>
    <subfield code="b">BCEJYS</subfield>
    <subfield code="c">17</subfield>
    <subfield code="d">1998-02-23</subfield>
    <subfield code="h">N&#xBA; 3184 - feb. 1998</subfield>
    <subfield code="l">0</subfield>
    <subfield code="o">H311.3 INF 3184</subfield>
    <subfield code="p">R13226</subfield>
    <subfield code="r">2026-04-10 16:08:38</subfield>
    <subfield code="w">2026-04-10</subfield>
    <subfield code="y">RN</subfield>
  </datafield>
  <datafield tag="952" ind1=" " ind2=" ">
    <subfield code="0">0</subfield>
    <subfield code="1">0</subfield>
    <subfield code="4">0</subfield>
    <subfield code="7">0</subfield>
    <subfield code="a">BCEJYS</subfield>
    <subfield code="b">BCEJYS</subfield>
    <subfield code="c">17</subfield>
    <subfield code="d">1998-02-03</subfield>
    <subfield code="h">N&#xBA; 3162 - feb. 1998</subfield>
    <subfield code="l">0</subfield>
    <subfield code="o">H311.3 INF 3162</subfield>
    <subfield code="p">R13225</subfield>
    <subfield code="r">2026-04-10 16:08:38</subfield>
    <subfield code="w">2026-04-10</subfield>
    <subfield code="y">RN</subfield>
  </datafield>
  <datafield tag="952" ind1=" " ind2=" ">
    <subfield code="0">0</subfield>
    <subfield code="1">0</subfield>
    <subfield code="4">0</subfield>
    <subfield code="7">0</subfield>
    <subfield code="a">BCEJYS</subfield>
    <subfield code="b">BCEJYS</subfield>
    <subfield code="c">17</subfield>
    <subfield code="d">1998-01-30</subfield>
    <subfield code="h">N&#xBA; 3157 - ene. 1998</subfield>
    <subfield code="l">0</subfield>
    <subfield code="o">H311.3 INF 3157</subfield>
    <subfield code="p">R13224</subfield>
    <subfield code="r">2026-04-10 16:08:38</subfield>
    <subfield code="w">2026-04-10</subfield>
    <subfield code="y">RN</subfield>
  </datafield>
  <datafield tag="952" ind1=" " ind2=" ">
    <subfield code="0">0</subfield>
    <subfield code="1">0</subfield>
    <subfield code="4">0</subfield>
    <subfield code="7">0</subfield>
    <subfield code="a">BCEJYS</subfield>
    <subfield code="b">BCEJYS</subfield>
    <subfield code="c">17</subfield>
    <subfield code="d">1998-01-30</subfield>
    <subfield code="h">N&#xBA; 3155 - ene. 1998</subfield>
    <subfield code="l">0</subfield>
    <subfield code="o">H311.3 INF 3155</subfield>
    <subfield code="p">R13223</subfield>
    <subfield code="r">2026-04-10 16:08:38</subfield>
    <subfield code="w">2026-04-10</subfield>
    <subfield code="y">RN</subfield>
  </datafield>
  <datafield tag="952" ind1=" " ind2=" ">
    <subfield code="0">0</subfield>
    <subfield code="1">0</subfield>
    <subfield code="4">0</subfield>
    <subfield code="7">0</subfield>
    <subfield code="a">BCEJYS</subfield>
    <subfield code="b">BCEJYS</subfield>
    <subfield code="c">17</subfield>
    <subfield code="d">1998-01-30</subfield>
    <subfield code="h">N&#xBA; 3154 - ene. 1998</subfield>
    <subfield code="l">0</subfield>
    <subfield code="o">H311.3 INF 3154</subfield>
    <subfield code="p">R13222</subfield>
    <subfield code="r">2026-04-10 16:08:38</subfield>
    <subfield code="w">2026-04-10</subfield>
    <subfield code="y">RN</subfield>
  </datafield>
  <datafield tag="952" ind1=" " ind2=" ">
    <subfield code="0">0</subfield>
    <subfield code="1">0</subfield>
    <subfield code="4">0</subfield>
    <subfield code="7">0</subfield>
    <subfield code="a">BCEJYS</subfield>
    <subfield code="b">BCEJYS</subfield>
    <subfield code="c">17</subfield>
    <subfield code="d">1998-01-27</subfield>
    <subfield code="h">N&#xBA; 3151 - ene. 1998</subfield>
    <subfield code="l">0</subfield>
    <subfield code="o">H311.3 INF 3151</subfield>
    <subfield code="p">R13221</subfield>
    <subfield code="r">2026-04-10 16:08:38</subfield>
    <subfield code="w">2026-04-10</subfield>
    <subfield code="y">RN</subfield>
  </datafield>
  <datafield tag="952" ind1=" " ind2=" ">
    <subfield code="0">0</subfield>
    <subfield code="1">0</subfield>
    <subfield code="4">0</subfield>
    <subfield code="7">0</subfield>
    <subfield code="a">BCEJYS</subfield>
    <subfield code="b">BCEJYS</subfield>
    <subfield code="c">17</subfield>
    <subfield code="d">1998-01-07</subfield>
    <subfield code="h">N&#xBA; 3127 - ene. 1998</subfield>
    <subfield code="l">0</subfield>
    <subfield code="o">H311.3 INF 3127</subfield>
    <subfield code="p">R13220</subfield>
    <subfield code="r">2026-04-10 16:08:38</subfield>
    <subfield code="w">2026-04-10</subfield>
    <subfield code="y">RN</subfield>
  </datafield>
  <datafield tag="952" ind1=" " ind2=" ">
    <subfield code="0">0</subfield>
    <subfield code="1">0</subfield>
    <subfield code="4">0</subfield>
    <subfield code="7">0</subfield>
    <subfield code="a">BCEJYS</subfield>
    <subfield code="b">BCEJYS</subfield>
    <subfield code="c">17</subfield>
    <subfield code="d">1998-01-06</subfield>
    <subfield code="h">N&#xBA; 3126 - ene. 1998</subfield>
    <subfield code="l">0</subfield>
    <subfield code="o">H311.3 INF 3126</subfield>
    <subfield code="p">R13219</subfield>
    <subfield code="r">2026-04-10 16:08:38</subfield>
    <subfield code="w">2026-04-10</subfield>
    <subfield code="y">RN</subfield>
  </datafield>
  <datafield tag="952" ind1=" " ind2=" ">
    <subfield code="0">0</subfield>
    <subfield code="1">0</subfield>
    <subfield code="4">0</subfield>
    <subfield code="7">0</subfield>
    <subfield code="a">BCEJYS</subfield>
    <subfield code="b">BCEJYS</subfield>
    <subfield code="c">17</subfield>
    <subfield code="d">1998-01-05</subfield>
    <subfield code="h">N&#xBA; 3125 - ene. 1998</subfield>
    <subfield code="l">0</subfield>
    <subfield code="o">H311.3 INF 3125</subfield>
    <subfield code="p">R13218</subfield>
    <subfield code="r">2026-04-10 16:08:38</subfield>
    <subfield code="w">2026-04-10</subfield>
    <subfield code="y">RN</subfield>
  </datafield>
  <datafield tag="952" ind1=" " ind2=" ">
    <subfield code="0">0</subfield>
    <subfield code="1">0</subfield>
    <subfield code="4">0</subfield>
    <subfield code="7">0</subfield>
    <subfield code="a">BCEJYS</subfield>
    <subfield code="b">BCEJYS</subfield>
    <subfield code="c">17</subfield>
    <subfield code="d">1997-12-30</subfield>
    <subfield code="h">N&#xBA; 3121 - dic. 1997</subfield>
    <subfield code="l">0</subfield>
    <subfield code="o">H311.3 INF 3121</subfield>
    <subfield code="p">R13217</subfield>
    <subfield code="r">2026-04-10 16:08:38</subfield>
    <subfield code="w">2026-04-10</subfield>
    <subfield code="y">RN</subfield>
  </datafield>
  <datafield tag="952" ind1=" " ind2=" ">
    <subfield code="0">0</subfield>
    <subfield code="1">0</subfield>
    <subfield code="4">0</subfield>
    <subfield code="7">0</subfield>
    <subfield code="a">BCEJYS</subfield>
    <subfield code="b">BCEJYS</subfield>
    <subfield code="c">17</subfield>
    <subfield code="d">1997-12-29</subfield>
    <subfield code="h">N&#xBA; 3120 - dic. 1997</subfield>
    <subfield code="l">0</subfield>
    <subfield code="o">H311.3 INF 3120</subfield>
    <subfield code="p">R13216</subfield>
    <subfield code="r">2026-04-10 16:08:38</subfield>
    <subfield code="w">2026-04-10</subfield>
    <subfield code="y">RN</subfield>
  </datafield>
  <datafield tag="952" ind1=" " ind2=" ">
    <subfield code="0">0</subfield>
    <subfield code="1">0</subfield>
    <subfield code="4">0</subfield>
    <subfield code="7">0</subfield>
    <subfield code="a">BCEJYS</subfield>
    <subfield code="b">BCEJYS</subfield>
    <subfield code="c">17</subfield>
    <subfield code="d">1997-12-23</subfield>
    <subfield code="h">N&#xBA; 3116 - dic. 1997</subfield>
    <subfield code="l">0</subfield>
    <subfield code="o">H311.3 INF 3116</subfield>
    <subfield code="p">R13215</subfield>
    <subfield code="r">2026-04-10 16:08:38</subfield>
    <subfield code="w">2026-04-10</subfield>
    <subfield code="y">RN</subfield>
  </datafield>
  <datafield tag="952" ind1=" " ind2=" ">
    <subfield code="0">0</subfield>
    <subfield code="1">0</subfield>
    <subfield code="4">0</subfield>
    <subfield code="7">0</subfield>
    <subfield code="a">BCEJYS</subfield>
    <subfield code="b">BCEJYS</subfield>
    <subfield code="c">17</subfield>
    <subfield code="d">1997-12-12</subfield>
    <subfield code="h">N&#xBA; 3104 - dic. 1997</subfield>
    <subfield code="l">0</subfield>
    <subfield code="o">H311.3 INF 3104</subfield>
    <subfield code="p">R13214</subfield>
    <subfield code="r">2026-04-10 16:08:38</subfield>
    <subfield code="w">2026-04-10</subfield>
    <subfield code="y">RN</subfield>
  </datafield>
  <datafield tag="952" ind1=" " ind2=" ">
    <subfield code="0">0</subfield>
    <subfield code="1">0</subfield>
    <subfield code="4">0</subfield>
    <subfield code="7">0</subfield>
    <subfield code="a">BCEJYS</subfield>
    <subfield code="b">BCEJYS</subfield>
    <subfield code="c">17</subfield>
    <subfield code="d">1997-12-02</subfield>
    <subfield code="h">N&#xBA; 3092 - dic. 1997</subfield>
    <subfield code="l">0</subfield>
    <subfield code="o">H311.3 INF 3092</subfield>
    <subfield code="p">R13212</subfield>
    <subfield code="r">2026-04-10 16:08:38</subfield>
    <subfield code="w">2026-04-10</subfield>
    <subfield code="y">RN</subfield>
  </datafield>
  <datafield tag="952" ind1=" " ind2=" ">
    <subfield code="0">0</subfield>
    <subfield code="1">0</subfield>
    <subfield code="4">0</subfield>
    <subfield code="7">0</subfield>
    <subfield code="a">BCEJYS</subfield>
    <subfield code="b">BCEJYS</subfield>
    <subfield code="c">17</subfield>
    <subfield code="d">1997-12-01</subfield>
    <subfield code="h">N&#xBA; 3091 - dic. 1997</subfield>
    <subfield code="l">0</subfield>
    <subfield code="o">H311.3 INF 3091</subfield>
    <subfield code="p">R13213</subfield>
    <subfield code="r">2026-04-10 16:08:38</subfield>
    <subfield code="w">2026-04-10</subfield>
    <subfield code="y">RN</subfield>
  </datafield>
  <datafield tag="952" ind1=" " ind2=" ">
    <subfield code="0">0</subfield>
    <subfield code="1">0</subfield>
    <subfield code="4">0</subfield>
    <subfield code="7">0</subfield>
    <subfield code="a">BCEJYS</subfield>
    <subfield code="b">BCEJYS</subfield>
    <subfield code="c">17</subfield>
    <subfield code="d">1997-11-28</subfield>
    <subfield code="h">N&#xBA; 3087 - nov. 1997</subfield>
    <subfield code="l">0</subfield>
    <subfield code="o">H311.3 INF 3087</subfield>
    <subfield code="p">R13211</subfield>
    <subfield code="r">2026-04-10 16:08:38</subfield>
    <subfield code="w">2026-04-10</subfield>
    <subfield code="y">RN</subfield>
  </datafield>
  <datafield tag="952" ind1=" " ind2=" ">
    <subfield code="0">0</subfield>
    <subfield code="1">0</subfield>
    <subfield code="4">0</subfield>
    <subfield code="7">0</subfield>
    <subfield code="a">BCEJYS</subfield>
    <subfield code="b">BCEJYS</subfield>
    <subfield code="c">17</subfield>
    <subfield code="d">1997-11-27</subfield>
    <subfield code="h">N&#xBA; 3085 - nov. 1997</subfield>
    <subfield code="l">0</subfield>
    <subfield code="o">H311.3 INF 3085</subfield>
    <subfield code="p">R13210</subfield>
    <subfield code="r">2026-04-10 16:08:38</subfield>
    <subfield code="w">2026-04-10</subfield>
    <subfield code="y">RN</subfield>
  </datafield>
  <datafield tag="952" ind1=" " ind2=" ">
    <subfield code="0">0</subfield>
    <subfield code="1">0</subfield>
    <subfield code="4">0</subfield>
    <subfield code="7">0</subfield>
    <subfield code="a">BCEJYS</subfield>
    <subfield code="b">BCEJYS</subfield>
    <subfield code="c">17</subfield>
    <subfield code="d">1997-10-31</subfield>
    <subfield code="h">N&#xBA; 3052 - oct. 1997</subfield>
    <subfield code="l">0</subfield>
    <subfield code="o">H311.3 INF 3052</subfield>
    <subfield code="p">R13209</subfield>
    <subfield code="r">2026-04-10 16:08:38</subfield>
    <subfield code="w">2026-04-10</subfield>
    <subfield code="y">RN</subfield>
  </datafield>
  <datafield tag="952" ind1=" " ind2=" ">
    <subfield code="0">0</subfield>
    <subfield code="1">0</subfield>
    <subfield code="4">0</subfield>
    <subfield code="7">0</subfield>
    <subfield code="a">BCEJYS</subfield>
    <subfield code="b">BCEJYS</subfield>
    <subfield code="c">17</subfield>
    <subfield code="d">1997-10-23</subfield>
    <subfield code="h">N&#xBA; 3042 - oct. 1997</subfield>
    <subfield code="l">0</subfield>
    <subfield code="o">H311.3 INF 3042</subfield>
    <subfield code="p">R13208</subfield>
    <subfield code="r">2026-04-10 16:08:38</subfield>
    <subfield code="w">2026-04-10</subfield>
    <subfield code="y">RN</subfield>
  </datafield>
  <datafield tag="952" ind1=" " ind2=" ">
    <subfield code="0">0</subfield>
    <subfield code="1">0</subfield>
    <subfield code="4">0</subfield>
    <subfield code="7">0</subfield>
    <subfield code="a">BCEJYS</subfield>
    <subfield code="b">BCEJYS</subfield>
    <subfield code="c">17</subfield>
    <subfield code="d">1997-09-23</subfield>
    <subfield code="h">N&#xBA; 3004 - sep. 1997</subfield>
    <subfield code="l">0</subfield>
    <subfield code="o">H311.3 INF 3004</subfield>
    <subfield code="p">R13207</subfield>
    <subfield code="r">2026-04-10 16:08:38</subfield>
    <subfield code="w">2026-04-10</subfield>
    <subfield code="y">RN</subfield>
  </datafield>
  <datafield tag="952" ind1=" " ind2=" ">
    <subfield code="0">0</subfield>
    <subfield code="1">0</subfield>
    <subfield code="4">0</subfield>
    <subfield code="7">0</subfield>
    <subfield code="a">BCEJYS</subfield>
    <subfield code="b">BCEJYS</subfield>
    <subfield code="c">17</subfield>
    <subfield code="d">1996-06-01</subfield>
    <subfield code="h">N&#xBA; 2518 - jun. 1996</subfield>
    <subfield code="l">0</subfield>
    <subfield code="o">H311.3 INF 2518</subfield>
    <subfield code="p">R15895</subfield>
    <subfield code="r">2026-04-10 16:08:38</subfield>
    <subfield code="w">2026-04-10</subfield>
    <subfield code="y">RN</subfield>
  </datafield>
  <datafield tag="952" ind1=" " ind2=" ">
    <subfield code="0">0</subfield>
    <subfield code="1">0</subfield>
    <subfield code="4">0</subfield>
    <subfield code="7">0</subfield>
    <subfield code="a">BCEJYS</subfield>
    <subfield code="b">BCEJYS</subfield>
    <subfield code="c">17</subfield>
    <subfield code="d">1996-03-29</subfield>
    <subfield code="h">N&#xBA; 2372 - mar. 1996</subfield>
    <subfield code="l">0</subfield>
    <subfield code="o">H311.3 INF 2372</subfield>
    <subfield code="p">R16038</subfield>
    <subfield code="r">2026-04-10 16:08:38</subfield>
    <subfield code="w">2026-04-10</subfield>
    <subfield code="y">RN</subfield>
  </datafield>
  <datafield tag="952" ind1=" " ind2=" ">
    <subfield code="0">0</subfield>
    <subfield code="1">0</subfield>
    <subfield code="4">0</subfield>
    <subfield code="7">0</subfield>
    <subfield code="a">BCEJYS</subfield>
    <subfield code="b">BCEJYS</subfield>
    <subfield code="c">17</subfield>
    <subfield code="d">1996-01-10</subfield>
    <subfield code="h">N&#xBA; 2281 - ene. 1996</subfield>
    <subfield code="l">0</subfield>
    <subfield code="o">H311.3 INF 2281</subfield>
    <subfield code="p">R13206</subfield>
    <subfield code="r">2026-04-10 16:08:38</subfield>
    <subfield code="w">2026-04-10</subfield>
    <subfield code="y">RN</subfield>
  </datafield>
  <datafield tag="952" ind1=" " ind2=" ">
    <subfield code="0">0</subfield>
    <subfield code="1">0</subfield>
    <subfield code="4">0</subfield>
    <subfield code="7">0</subfield>
    <subfield code="a">BCEJYS</subfield>
    <subfield code="b">BCEJYS</subfield>
    <subfield code="c">17</subfield>
    <subfield code="d">1995-12-30</subfield>
    <subfield code="h">N&#xBA; 2279 - dic. 1995</subfield>
    <subfield code="l">0</subfield>
    <subfield code="o">H311.3 INF 2779</subfield>
    <subfield code="p">R17802</subfield>
    <subfield code="r">2026-04-10 16:08:38</subfield>
    <subfield code="w">2026-04-10</subfield>
    <subfield code="y">RN</subfield>
  </datafield>
  <datafield tag="952" ind1=" " ind2=" ">
    <subfield code="0">0</subfield>
    <subfield code="1">0</subfield>
    <subfield code="4">0</subfield>
    <subfield code="7">0</subfield>
    <subfield code="a">BCEJYS</subfield>
    <subfield code="b">BCEJYS</subfield>
    <subfield code="c">17</subfield>
    <subfield code="d">1995-12-30</subfield>
    <subfield code="h">N&#xBA; 2259 - dic. 1995</subfield>
    <subfield code="l">0</subfield>
    <subfield code="o">H311.3 INF 2259</subfield>
    <subfield code="p">R13204</subfield>
    <subfield code="r">2026-04-10 16:08:38</subfield>
    <subfield code="w">2026-04-10</subfield>
    <subfield code="y">RN</subfield>
  </datafield>
  <datafield tag="952" ind1=" " ind2=" ">
    <subfield code="0">0</subfield>
    <subfield code="1">0</subfield>
    <subfield code="4">0</subfield>
    <subfield code="7">0</subfield>
    <subfield code="a">BCEJYS</subfield>
    <subfield code="b">BCEJYS</subfield>
    <subfield code="c">17</subfield>
    <subfield code="d">1995-12-29</subfield>
    <subfield code="h">N&#xBA; 2258 - dic. 1995</subfield>
    <subfield code="l">0</subfield>
    <subfield code="o">H311.3 INF 2258</subfield>
    <subfield code="p">R13203</subfield>
    <subfield code="r">2026-04-10 16:08:38</subfield>
    <subfield code="w">2026-04-10</subfield>
    <subfield code="y">RN</subfield>
  </datafield>
  <datafield tag="952" ind1=" " ind2=" ">
    <subfield code="0">0</subfield>
    <subfield code="1">0</subfield>
    <subfield code="4">0</subfield>
    <subfield code="7">0</subfield>
    <subfield code="a">BCEJYS</subfield>
    <subfield code="b">BCEJYS</subfield>
    <subfield code="c">17</subfield>
    <subfield code="d">1995-12-28</subfield>
    <subfield code="h">N&#xBA; 2245 - dic. 1995</subfield>
    <subfield code="l">0</subfield>
    <subfield code="o">H311.3 INF 2245</subfield>
    <subfield code="p">R13202</subfield>
    <subfield code="r">2026-04-10 16:08:38</subfield>
    <subfield code="w">2026-04-10</subfield>
    <subfield code="y">RN</subfield>
  </datafield>
  <datafield tag="952" ind1=" " ind2=" ">
    <subfield code="0">0</subfield>
    <subfield code="1">0</subfield>
    <subfield code="4">0</subfield>
    <subfield code="7">0</subfield>
    <subfield code="a">BCEJYS</subfield>
    <subfield code="b">BCEJYS</subfield>
    <subfield code="c">17</subfield>
    <subfield code="d">1995-12-27</subfield>
    <subfield code="h">N&#xBA; 2240 - dic. 1995</subfield>
    <subfield code="l">0</subfield>
    <subfield code="o">H311.3 INF 2240</subfield>
    <subfield code="p">R17801</subfield>
    <subfield code="r">2026-04-10 16:08:38</subfield>
    <subfield code="w">2026-04-10</subfield>
    <subfield code="y">RN</subfield>
  </datafield>
  <datafield tag="952" ind1=" " ind2=" ">
    <subfield code="0">0</subfield>
    <subfield code="1">0</subfield>
    <subfield code="4">0</subfield>
    <subfield code="7">0</subfield>
    <subfield code="a">BCEJYS</subfield>
    <subfield code="b">BCEJYS</subfield>
    <subfield code="c">17</subfield>
    <subfield code="d">1995-12-27</subfield>
    <subfield code="h">N&#xBA; 2235 - dic. 1995</subfield>
    <subfield code="l">0</subfield>
    <subfield code="o">H311.3 INF 2235</subfield>
    <subfield code="p">R13201</subfield>
    <subfield code="r">2026-04-10 16:08:38</subfield>
    <subfield code="w">2026-04-10</subfield>
    <subfield code="y">RN</subfield>
  </datafield>
  <datafield tag="952" ind1=" " ind2=" ">
    <subfield code="0">0</subfield>
    <subfield code="1">0</subfield>
    <subfield code="4">0</subfield>
    <subfield code="7">0</subfield>
    <subfield code="a">BCEJYS</subfield>
    <subfield code="b">BCEJYS</subfield>
    <subfield code="c">17</subfield>
    <subfield code="d">1995-12-26</subfield>
    <subfield code="h">N&#xBA; 2234 - dic. 1995</subfield>
    <subfield code="l">0</subfield>
    <subfield code="o">H311.3 INF 2234</subfield>
    <subfield code="p">R13205</subfield>
    <subfield code="r">2026-04-10 16:08:38</subfield>
    <subfield code="w">2026-04-10</subfield>
    <subfield code="y">RN</subfield>
  </datafield>
  <datafield tag="952" ind1=" " ind2=" ">
    <subfield code="0">0</subfield>
    <subfield code="1">0</subfield>
    <subfield code="4">0</subfield>
    <subfield code="7">0</subfield>
    <subfield code="a">BCEJYS</subfield>
    <subfield code="b">BCEJYS</subfield>
    <subfield code="c">17</subfield>
    <subfield code="d">1995-11-10</subfield>
    <subfield code="h">N&#xBA; 2207 - nov. 1995</subfield>
    <subfield code="l">0</subfield>
    <subfield code="o">H311.3 INF 2207</subfield>
    <subfield code="p">R13200</subfield>
    <subfield code="r">2026-04-10 16:08:38</subfield>
    <subfield code="w">2026-04-10</subfield>
    <subfield code="y">RN</subfield>
  </datafield>
  <datafield tag="952" ind1=" " ind2=" ">
    <subfield code="0">0</subfield>
    <subfield code="1">0</subfield>
    <subfield code="4">0</subfield>
    <subfield code="7">0</subfield>
    <subfield code="a">BCEJYS</subfield>
    <subfield code="b">BCEJYS</subfield>
    <subfield code="c">17</subfield>
    <subfield code="d">1995-10-11</subfield>
    <subfield code="h">N&#xBA; 2173 - oct. 1995</subfield>
    <subfield code="l">0</subfield>
    <subfield code="o">H311.3 INF 2173</subfield>
    <subfield code="p">R13199</subfield>
    <subfield code="r">2026-04-10 16:08:38</subfield>
    <subfield code="w">2026-04-10</subfield>
    <subfield code="y">RN</subfield>
  </datafield>
  <datafield tag="952" ind1=" " ind2=" ">
    <subfield code="0">0</subfield>
    <subfield code="1">0</subfield>
    <subfield code="4">0</subfield>
    <subfield code="7">0</subfield>
    <subfield code="a">BCEJYS</subfield>
    <subfield code="b">BCEJYS</subfield>
    <subfield code="c">17</subfield>
    <subfield code="d">1995-09-12</subfield>
    <subfield code="h">N&#xBA; 2139 - sep. 1995</subfield>
    <subfield code="l">0</subfield>
    <subfield code="o">H311.3 INF 2139</subfield>
    <subfield code="p">R13198</subfield>
    <subfield code="r">2026-04-10 16:08:38</subfield>
    <subfield code="w">2026-04-10</subfield>
    <subfield code="y">RN</subfield>
  </datafield>
  <datafield tag="952" ind1=" " ind2=" ">
    <subfield code="0">0</subfield>
    <subfield code="1">0</subfield>
    <subfield code="4">0</subfield>
    <subfield code="7">0</subfield>
    <subfield code="a">BCEJYS</subfield>
    <subfield code="b">BCEJYS</subfield>
    <subfield code="c">17</subfield>
    <subfield code="d">1995-09-07</subfield>
    <subfield code="h">N&#xBA; 2130 - sep. 1995</subfield>
    <subfield code="l">0</subfield>
    <subfield code="o">H311.3 INF 2130</subfield>
    <subfield code="p">R13197</subfield>
    <subfield code="r">2026-04-10 16:08:38</subfield>
    <subfield code="w">2026-04-10</subfield>
    <subfield code="y">RN</subfield>
  </datafield>
  <datafield tag="952" ind1=" " ind2=" ">
    <subfield code="0">0</subfield>
    <subfield code="1">0</subfield>
    <subfield code="4">0</subfield>
    <subfield code="7">0</subfield>
    <subfield code="a">BCEJYS</subfield>
    <subfield code="b">BCEJYS</subfield>
    <subfield code="c">17</subfield>
    <subfield code="d">1995-08-10</subfield>
    <subfield code="h">N&#xBA; 2099 - ago. 1995</subfield>
    <subfield code="l">0</subfield>
    <subfield code="o">H311.3 INF 2099</subfield>
    <subfield code="p">R13196</subfield>
    <subfield code="r">2026-04-10 16:08:38</subfield>
    <subfield code="w">2026-04-10</subfield>
    <subfield code="y">RN</subfield>
  </datafield>
  <datafield tag="952" ind1=" " ind2=" ">
    <subfield code="0">0</subfield>
    <subfield code="1">0</subfield>
    <subfield code="4">0</subfield>
    <subfield code="7">0</subfield>
    <subfield code="a">BCEJYS</subfield>
    <subfield code="b">BCEJYS</subfield>
    <subfield code="c">17</subfield>
    <subfield code="d">1995-08-03</subfield>
    <subfield code="h">N&#xBA; 2093 - ago. 1995</subfield>
    <subfield code="l">0</subfield>
    <subfield code="o">H311.3 INF 2093</subfield>
    <subfield code="p">R13195</subfield>
    <subfield code="r">2026-04-10 16:08:38</subfield>
    <subfield code="w">2026-04-10</subfield>
    <subfield code="y">RN</subfield>
  </datafield>
  <datafield tag="952" ind1=" " ind2=" ">
    <subfield code="0">0</subfield>
    <subfield code="1">0</subfield>
    <subfield code="4">0</subfield>
    <subfield code="7">0</subfield>
    <subfield code="a">BCEJYS</subfield>
    <subfield code="b">BCEJYS</subfield>
    <subfield code="c">17</subfield>
    <subfield code="d">1995-07-19</subfield>
    <subfield code="h">N&#xBA; 2072 - jul. 1995</subfield>
    <subfield code="l">0</subfield>
    <subfield code="o">H311.3 INF 2072</subfield>
    <subfield code="p">R13194</subfield>
    <subfield code="r">2026-04-10 16:08:38</subfield>
    <subfield code="w">2026-04-10</subfield>
    <subfield code="y">RN</subfield>
  </datafield>
  <datafield tag="952" ind1=" " ind2=" ">
    <subfield code="0">0</subfield>
    <subfield code="1">0</subfield>
    <subfield code="4">0</subfield>
    <subfield code="7">0</subfield>
    <subfield code="a">BCEJYS</subfield>
    <subfield code="b">BCEJYS</subfield>
    <subfield code="c">17</subfield>
    <subfield code="d">1995-07-14</subfield>
    <subfield code="h">N&#xBA; 2070 - jul. 1995</subfield>
    <subfield code="l">0</subfield>
    <subfield code="o">H311.3 INF 2070</subfield>
    <subfield code="p">R13193</subfield>
    <subfield code="r">2026-04-10 16:08:38</subfield>
    <subfield code="w">2026-04-10</subfield>
    <subfield code="y">RN</subfield>
  </datafield>
  <datafield tag="952" ind1=" " ind2=" ">
    <subfield code="0">0</subfield>
    <subfield code="1">0</subfield>
    <subfield code="4">0</subfield>
    <subfield code="7">0</subfield>
    <subfield code="a">BCEJYS</subfield>
    <subfield code="b">BCEJYS</subfield>
    <subfield code="c">17</subfield>
    <subfield code="d">1995-06-14</subfield>
    <subfield code="h">N&#xBA; 2039 - jun. 1995</subfield>
    <subfield code="l">0</subfield>
    <subfield code="o">H311.3 INF 2039</subfield>
    <subfield code="p">R13192</subfield>
    <subfield code="r">2026-04-10 16:08:38</subfield>
    <subfield code="w">2026-04-10</subfield>
    <subfield code="y">RN</subfield>
  </datafield>
  <datafield tag="952" ind1=" " ind2=" ">
    <subfield code="0">0</subfield>
    <subfield code="1">0</subfield>
    <subfield code="4">0</subfield>
    <subfield code="7">0</subfield>
    <subfield code="a">BCEJYS</subfield>
    <subfield code="b">BCEJYS</subfield>
    <subfield code="c">17</subfield>
    <subfield code="d">1995-05-17</subfield>
    <subfield code="h">N&#xBA; 2010 - mayo 1995</subfield>
    <subfield code="l">0</subfield>
    <subfield code="o">H311.3 INF 2010</subfield>
    <subfield code="p">R13191</subfield>
    <subfield code="r">2026-04-10 16:08:38</subfield>
    <subfield code="w">2026-04-10</subfield>
    <subfield code="y">RN</subfield>
  </datafield>
  <datafield tag="952" ind1=" " ind2=" ">
    <subfield code="0">0</subfield>
    <subfield code="1">0</subfield>
    <subfield code="4">0</subfield>
    <subfield code="7">0</subfield>
    <subfield code="a">BCEJYS</subfield>
    <subfield code="b">BCEJYS</subfield>
    <subfield code="c">17</subfield>
    <subfield code="d">1995-03-17</subfield>
    <subfield code="h">N&#xBA; 1971 - mar. 1995</subfield>
    <subfield code="l">0</subfield>
    <subfield code="o">H311.3 INF 1971</subfield>
    <subfield code="p">R15163</subfield>
    <subfield code="r">2026-04-10 16:08:38</subfield>
    <subfield code="w">2026-04-10</subfield>
    <subfield code="y">RN</subfield>
  </datafield>
  <datafield tag="952" ind1=" " ind2=" ">
    <subfield code="0">0</subfield>
    <subfield code="1">0</subfield>
    <subfield code="4">0</subfield>
    <subfield code="7">0</subfield>
    <subfield code="a">BCEJYS</subfield>
    <subfield code="b">BCEJYS</subfield>
    <subfield code="c">17</subfield>
    <subfield code="d">1995-02-15</subfield>
    <subfield code="h">N&#xBA; 1966 - feb. 1995</subfield>
    <subfield code="l">0</subfield>
    <subfield code="o">H311.3 INF 1966</subfield>
    <subfield code="p">R15162</subfield>
    <subfield code="r">2026-04-10 16:08:38</subfield>
    <subfield code="w">2026-04-10</subfield>
    <subfield code="y">RN</subfield>
  </datafield>
  <datafield tag="952" ind1=" " ind2=" ">
    <subfield code="0">0</subfield>
    <subfield code="1">0</subfield>
    <subfield code="4">0</subfield>
    <subfield code="7">0</subfield>
    <subfield code="a">BCEJYS</subfield>
    <subfield code="b">BCEJYS</subfield>
    <subfield code="c">17</subfield>
    <subfield code="d">1995-01-13</subfield>
    <subfield code="h">N&#xBA; 1960 - ene. 1995</subfield>
    <subfield code="l">0</subfield>
    <subfield code="o">H311.3 INF 1960</subfield>
    <subfield code="p">R15161</subfield>
    <subfield code="r">2026-04-10 16:08:38</subfield>
    <subfield code="w">2026-04-10</subfield>
    <subfield code="y">RN</subfield>
  </datafield>
  <datafield tag="952" ind1=" " ind2=" ">
    <subfield code="0">0</subfield>
    <subfield code="1">0</subfield>
    <subfield code="4">0</subfield>
    <subfield code="7">0</subfield>
    <subfield code="a">BCEJYS</subfield>
    <subfield code="b">BCEJYS</subfield>
    <subfield code="c">17</subfield>
    <subfield code="d">1995-01-12</subfield>
    <subfield code="h">N&#xBA; 1959 - ene. 1995</subfield>
    <subfield code="l">0</subfield>
    <subfield code="o">H311.3 INF 1959</subfield>
    <subfield code="p">R13190</subfield>
    <subfield code="r">2026-04-10 16:08:38</subfield>
    <subfield code="w">2026-04-10</subfield>
    <subfield code="y">RN</subfield>
  </datafield>
  <datafield tag="952" ind1=" " ind2=" ">
    <subfield code="0">0</subfield>
    <subfield code="1">0</subfield>
    <subfield code="4">0</subfield>
    <subfield code="7">0</subfield>
    <subfield code="a">BCEJYS</subfield>
    <subfield code="b">BCEJYS</subfield>
    <subfield code="c">17</subfield>
    <subfield code="d">1994-12-12</subfield>
    <subfield code="h">N&#xBA; 1954 - dic. 1994</subfield>
    <subfield code="l">0</subfield>
    <subfield code="o">H311.3 INF 1954</subfield>
    <subfield code="p">R15160</subfield>
    <subfield code="r">2026-04-10 16:08:38</subfield>
    <subfield code="w">2026-04-10</subfield>
    <subfield code="y">RN</subfield>
  </datafield>
  <datafield tag="952" ind1=" " ind2=" ">
    <subfield code="0">0</subfield>
    <subfield code="1">0</subfield>
    <subfield code="4">0</subfield>
    <subfield code="7">0</subfield>
    <subfield code="a">BCEJYS</subfield>
    <subfield code="b">BCEJYS</subfield>
    <subfield code="c">17</subfield>
    <subfield code="d">1994-11-09</subfield>
    <subfield code="h">N&#xBA; 1949 - nov. 1994</subfield>
    <subfield code="l">0</subfield>
    <subfield code="o">H311.3 INF 1949</subfield>
    <subfield code="p">R15159</subfield>
    <subfield code="r">2026-04-10 16:08:38</subfield>
    <subfield code="w">2026-04-10</subfield>
    <subfield code="y">RN</subfield>
  </datafield>
  <datafield tag="952" ind1=" " ind2=" ">
    <subfield code="0">0</subfield>
    <subfield code="1">0</subfield>
    <subfield code="4">0</subfield>
    <subfield code="7">0</subfield>
    <subfield code="a">BCEJYS</subfield>
    <subfield code="b">BCEJYS</subfield>
    <subfield code="c">17</subfield>
    <subfield code="d">1994-11-07</subfield>
    <subfield code="h">N&#xBA; 1948 - nov. 1994</subfield>
    <subfield code="l">0</subfield>
    <subfield code="o">H311.3 INF 1948</subfield>
    <subfield code="p">R13189</subfield>
    <subfield code="r">2026-04-10 16:08:38</subfield>
    <subfield code="w">2026-04-10</subfield>
    <subfield code="y">RN</subfield>
  </datafield>
  <datafield tag="952" ind1=" " ind2=" ">
    <subfield code="0">0</subfield>
    <subfield code="1">0</subfield>
    <subfield code="4">0</subfield>
    <subfield code="7">0</subfield>
    <subfield code="a">BCEJYS</subfield>
    <subfield code="b">BCEJYS</subfield>
    <subfield code="c">17</subfield>
    <subfield code="d">1994-10-11</subfield>
    <subfield code="h">N&#xBA; 1942 - oct. 1994</subfield>
    <subfield code="l">0</subfield>
    <subfield code="o">H311.3 INF 1942</subfield>
    <subfield code="p">R15158</subfield>
    <subfield code="r">2026-04-10 16:08:38</subfield>
    <subfield code="w">2026-04-10</subfield>
    <subfield code="y">RN</subfield>
  </datafield>
  <datafield tag="952" ind1=" " ind2=" ">
    <subfield code="0">0</subfield>
    <subfield code="1">0</subfield>
    <subfield code="4">0</subfield>
    <subfield code="7">0</subfield>
    <subfield code="a">BCEJYS</subfield>
    <subfield code="b">BCEJYS</subfield>
    <subfield code="c">17</subfield>
    <subfield code="d">1994-09-13</subfield>
    <subfield code="h">N&#xBA; 1935 - sep. 1994</subfield>
    <subfield code="l">0</subfield>
    <subfield code="o">H311.3 INF 1935</subfield>
    <subfield code="p">R15157</subfield>
    <subfield code="r">2026-04-10 16:08:38</subfield>
    <subfield code="w">2026-04-10</subfield>
    <subfield code="y">RN</subfield>
  </datafield>
  <datafield tag="952" ind1=" " ind2=" ">
    <subfield code="0">0</subfield>
    <subfield code="1">0</subfield>
    <subfield code="4">0</subfield>
    <subfield code="7">0</subfield>
    <subfield code="a">BCEJYS</subfield>
    <subfield code="b">BCEJYS</subfield>
    <subfield code="c">17</subfield>
    <subfield code="d">1994-09-06</subfield>
    <subfield code="h">N&#xBA; 1930 - sep. 1994</subfield>
    <subfield code="l">0</subfield>
    <subfield code="o">H311.3 INF 1930</subfield>
    <subfield code="p">R13188</subfield>
    <subfield code="r">2026-04-10 16:08:38</subfield>
    <subfield code="w">2026-04-10</subfield>
    <subfield code="y">RN</subfield>
  </datafield>
  <datafield tag="952" ind1=" " ind2=" ">
    <subfield code="0">0</subfield>
    <subfield code="1">0</subfield>
    <subfield code="4">0</subfield>
    <subfield code="7">0</subfield>
    <subfield code="a">BCEJYS</subfield>
    <subfield code="b">BCEJYS</subfield>
    <subfield code="c">17</subfield>
    <subfield code="d">1994-08-17</subfield>
    <subfield code="h">N&#xBA; 1929 - ago. 1994</subfield>
    <subfield code="l">0</subfield>
    <subfield code="o">H311.3 INF 1929</subfield>
    <subfield code="p">R15155</subfield>
    <subfield code="r">2026-04-10 16:08:38</subfield>
    <subfield code="w">2026-04-10</subfield>
    <subfield code="y">RN</subfield>
  </datafield>
  <datafield tag="952" ind1=" " ind2=" ">
    <subfield code="0">0</subfield>
    <subfield code="1">0</subfield>
    <subfield code="4">0</subfield>
    <subfield code="7">0</subfield>
    <subfield code="a">BCEJYS</subfield>
    <subfield code="b">BCEJYS</subfield>
    <subfield code="c">17</subfield>
    <subfield code="d">1994-07-25</subfield>
    <subfield code="h">N&#xBA; 1924 - jul. 1994</subfield>
    <subfield code="l">0</subfield>
    <subfield code="o">H311.3 INF 1924</subfield>
    <subfield code="p">R13187</subfield>
    <subfield code="r">2026-04-10 16:08:38</subfield>
    <subfield code="w">2026-04-10</subfield>
    <subfield code="y">RN</subfield>
  </datafield>
  <datafield tag="952" ind1=" " ind2=" ">
    <subfield code="0">0</subfield>
    <subfield code="1">0</subfield>
    <subfield code="4">0</subfield>
    <subfield code="7">0</subfield>
    <subfield code="a">BCEJYS</subfield>
    <subfield code="b">BCEJYS</subfield>
    <subfield code="c">17</subfield>
    <subfield code="d">1994-07-11</subfield>
    <subfield code="h">N&#xBA; 1922 - jul. 1994</subfield>
    <subfield code="l">0</subfield>
    <subfield code="o">H311.3 INF 1922</subfield>
    <subfield code="p">R15156</subfield>
    <subfield code="r">2026-04-10 16:08:38</subfield>
    <subfield code="w">2026-04-10</subfield>
    <subfield code="y">RN</subfield>
  </datafield>
  <datafield tag="952" ind1=" " ind2=" ">
    <subfield code="0">0</subfield>
    <subfield code="1">0</subfield>
    <subfield code="4">0</subfield>
    <subfield code="7">0</subfield>
    <subfield code="a">BCEJYS</subfield>
    <subfield code="b">BCEJYS</subfield>
    <subfield code="c">17</subfield>
    <subfield code="d">1994-05-06</subfield>
    <subfield code="h">N&#xBA; 1908 - mayo 1994</subfield>
    <subfield code="l">0</subfield>
    <subfield code="o">H311.3 INF 1908</subfield>
    <subfield code="p">R13186</subfield>
    <subfield code="r">2026-04-10 16:08:38</subfield>
    <subfield code="w">2026-04-10</subfield>
    <subfield code="y">RN</subfield>
  </datafield>
  <datafield tag="952" ind1=" " ind2=" ">
    <subfield code="0">0</subfield>
    <subfield code="1">0</subfield>
    <subfield code="4">0</subfield>
    <subfield code="7">0</subfield>
    <subfield code="a">BCEJYS</subfield>
    <subfield code="b">BCEJYS</subfield>
    <subfield code="c">17</subfield>
    <subfield code="d">1994-05-05</subfield>
    <subfield code="h">N&#xBA; 1907 - mayo 1994</subfield>
    <subfield code="l">0</subfield>
    <subfield code="o">H311.3 INF 1907</subfield>
    <subfield code="p">R15154</subfield>
    <subfield code="r">2026-04-10 16:08:38</subfield>
    <subfield code="w">2026-04-10</subfield>
    <subfield code="y">RN</subfield>
  </datafield>
  <datafield tag="952" ind1=" " ind2=" ">
    <subfield code="0">0</subfield>
    <subfield code="1">0</subfield>
    <subfield code="4">0</subfield>
    <subfield code="7">0</subfield>
    <subfield code="a">BCEJYS</subfield>
    <subfield code="b">BCEJYS</subfield>
    <subfield code="c">17</subfield>
    <subfield code="d">1994-05-05</subfield>
    <subfield code="h">N&#xBA; 1906 - mayo 1994</subfield>
    <subfield code="l">0</subfield>
    <subfield code="o">H311.3 INF 1906</subfield>
    <subfield code="p">R13185</subfield>
    <subfield code="r">2026-04-10 16:08:38</subfield>
    <subfield code="w">2026-04-10</subfield>
    <subfield code="y">RN</subfield>
  </datafield>
  <datafield tag="952" ind1=" " ind2=" ">
    <subfield code="0">0</subfield>
    <subfield code="1">0</subfield>
    <subfield code="4">0</subfield>
    <subfield code="7">0</subfield>
    <subfield code="a">BCEJYS</subfield>
    <subfield code="b">BCEJYS</subfield>
    <subfield code="c">17</subfield>
    <subfield code="d">1994-03-18</subfield>
    <subfield code="h">N&#xBA; 1892 - mar. 1994</subfield>
    <subfield code="l">0</subfield>
    <subfield code="o">H311.3 INF 1892</subfield>
    <subfield code="p">R13184</subfield>
    <subfield code="r">2026-04-10 16:08:38</subfield>
    <subfield code="w">2026-04-10</subfield>
    <subfield code="y">RN</subfield>
  </datafield>
  <datafield tag="952" ind1=" " ind2=" ">
    <subfield code="0">0</subfield>
    <subfield code="1">0</subfield>
    <subfield code="4">0</subfield>
    <subfield code="7">0</subfield>
    <subfield code="a">BCEJYS</subfield>
    <subfield code="b">BCEJYS</subfield>
    <subfield code="c">17</subfield>
    <subfield code="d">1994-03-17</subfield>
    <subfield code="h">N&#xBA; 1891 - mar. 1994</subfield>
    <subfield code="l">0</subfield>
    <subfield code="o">H311.3 INF 1891</subfield>
    <subfield code="p">R17800</subfield>
    <subfield code="r">2026-04-10 16:08:38</subfield>
    <subfield code="w">2026-04-10</subfield>
    <subfield code="y">RN</subfield>
  </datafield>
  <datafield tag="952" ind1=" " ind2=" ">
    <subfield code="0">0</subfield>
    <subfield code="1">0</subfield>
    <subfield code="4">0</subfield>
    <subfield code="7">0</subfield>
    <subfield code="a">BCEJYS</subfield>
    <subfield code="b">BCEJYS</subfield>
    <subfield code="c">17</subfield>
    <subfield code="d">1994-03-17</subfield>
    <subfield code="h">N&#xBA; 1890 - mar. 1994</subfield>
    <subfield code="l">0</subfield>
    <subfield code="o">H311.3 INF 1890</subfield>
    <subfield code="p">R15153</subfield>
    <subfield code="r">2026-04-10 16:08:38</subfield>
    <subfield code="w">2026-04-10</subfield>
    <subfield code="y">RN</subfield>
  </datafield>
  <datafield tag="952" ind1=" " ind2=" ">
    <subfield code="0">0</subfield>
    <subfield code="1">0</subfield>
    <subfield code="4">0</subfield>
    <subfield code="7">0</subfield>
    <subfield code="a">BCEJYS</subfield>
    <subfield code="b">BCEJYS</subfield>
    <subfield code="c">17</subfield>
    <subfield code="d">1993-05-02</subfield>
    <subfield code="h">N&#xBA; 1843 - mayo 1993</subfield>
    <subfield code="l">0</subfield>
    <subfield code="o">H311.3 INF 1843</subfield>
    <subfield code="p">R17792</subfield>
    <subfield code="r">2026-04-10 16:08:38</subfield>
    <subfield code="w">2026-04-10</subfield>
    <subfield code="y">RN</subfield>
  </datafield>
  <datafield tag="952" ind1=" " ind2=" ">
    <subfield code="0">0</subfield>
    <subfield code="1">0</subfield>
    <subfield code="4">0</subfield>
    <subfield code="7">0</subfield>
    <subfield code="a">BCEJYS</subfield>
    <subfield code="b">BCEJYS</subfield>
    <subfield code="c">17</subfield>
    <subfield code="d">1993-05-01</subfield>
    <subfield code="h">N&#xBA; 1834 - mayo 1993</subfield>
    <subfield code="l">0</subfield>
    <subfield code="o">H311.3 INF 1834</subfield>
    <subfield code="p">R17791</subfield>
    <subfield code="r">2026-04-10 16:08:38</subfield>
    <subfield code="w">2026-04-10</subfield>
    <subfield code="y">RN</subfield>
  </datafield>
</record>
